{"text_format":"3","workbook":"xlsx","n_sheets":2,"sheets":["NHÓM","CÔNG TY"],"not_rendered":{"defined_names":3},"read":"whole","date_system":"1900"}

{"sheet":"NHÓM","index":0,"n_rows":365,"n_cols":19,"rows_kept":365,"merged":[[1,0,1,16],[1,17,1,20],[2,0,2,16],[3,0,3,18],[4,0,4,18],[5,0,5,18],[6,16,6,17],[6,18,6,19],[7,16,7,17],[7,18,7,19],[8,0,8,19],[9,16,9,17],[9,18,9,19],[10,16,10,17],[10,18,10,19],[11,16,11,17],[11,18,11,19],[12,16,12,17],[12,18,12,19],[13,16,13,17],[13,18,13,19],[14,16,14,17],[14,18,14,19],[15,16,15,17],[15,18,15,19],[16,16,16,17],[16,18,16,19],[17,16,17,17],[17,18,17,19],[18,16,18,17],[18,18,18,19],[19,16,19,17],[19,18,19,19],[20,16,20,17],[20,18,20,19],[21,16,21,17],[21,18,21,19],[22,16,22,17],[22,18,22,19],[23,16,23,17],[23,18,23,19],[24,16,24,17],[24,18,24,19],[25,16,25,17],[25,18,25,19],[26,16,26,17],[26,18,26,19],[27,16,27,17],[27,18,27,19],[28,16,28,17],[28,18,28,19],[29,16,29,17],[29,18,29,19],[30,16,30,17],[30,18,30,19],[31,16,31,17],[31,18,31,19],[32,16,32,17],[32,18,32,19],[33,16,33,17],[33,18,33,19],[34,16,34,17],[34,18,34,19],[35,16,35,17],[35,18,35,19],[36,16,36,17],[36,18,36,19],[37,16,37,17],[37,18,37,19],[38,16,38,17],[38,18,38,19],[39,16,39,17],[39,18,39,19],[40,16,40,17],[40,18,40,19],[41,16,41,17],[41,18,41,19],[42,16,42,17],[42,18,42,19],[43,16,43,17],[43,18,43,19],[44,16,44,17],[44,18,44,19],[45,16,45,17],[45,18,45,19],[46,16,46,17],[46,18,46,19],[47,16,47,17],[47,18,47,19],[48,16,48,17],[48,18,48,19],[49,16,49,17],[49,18,49,19],[50,16,50,17],[50,18,50,19],[51,16,51,17],[51,18,51,19],[52,16,52,17],[52,18,52,19],[53,16,53,17],[53,18,53,19],[54,16,54,17],[54,18,54,19],[55,16,55,17],[55,18,55,19],[56,16,56,17],[56,18,56,19],[57,16,57,17],[57,18,57,19],[58,16,58,17],[58,18,58,19],[59,16,59,17],[59,18,59,19],[60,16,60,17],[60,18,60,19],[61,16,61,17],[61,18,61,19],[62,16,62,17],[62,18,62,19],[63,16,63,17],[63,18,63,19],[64,16,64,17],[64,18,64,19],[65,16,65,17],[65,18,65,19],[66,16,66,17],[66,18,66,19],[67,16,67,17],[67,18,67,19],[68,16,68,17],[68,18,68,19],[69,16,69,17],[69,18,69,19],[70,16,70,17],[70,18,70,19],[71,16,71,17],[71,18,71,19],[72,16,72,17],[72,18,72,19],[73,16,73,17],[73,18,73,19],[74,16,74,17],[74,18,74,19],[75,16,75,17],[75,18,75,19],[76,16,76,17],[76,18,76,19],[77,16,77,17],[77,18,77,19],[78,16,78,17],[78,18,78,19],[79,16,79,17],[79,18,79,19],[80,16,80,17],[80,18,80,19],[81,16,81,17],[81,18,81,19],[82,16,82,17],[82,18,82,19],[83,16,83,17],[83,18,83,19],[84,16,84,17],[84,18,84,19],[85,16,85,17],[85,18,85,19],[86,16,86,17],[86,18,86,19],[87,16,87,17],[87,18,87,19],[88,16,88,17],[88,18,88,19],[89,16,89,17],[89,18,89,19],[90,16,90,17],[90,18,90,19],[91,16,91,17],[91,18,91,19],[92,16,92,17],[92,18,92,19],[93,16,93,17],[93,18,93,19],[94,16,94,17],[94,18,94,19],[95,16,95,17],[95,18,95,19],[96,16,96,17],[96,18,96,19],[97,16,97,17],[97,18,97,19],[98,0,98,19],[99,0,99,15],[99,16,99,17],[99,18,99,19],[100,0,100,19],[101,16,101,17],[101,18,101,19],[102,16,102,17],[102,18,102,19],[103,16,103,17],[103,18,103,19],[104,16,104,17],[104,18,104,19],[105,16,105,17],[105,18,105,19],[106,16,106,17],[106,18,106,19],[107,16,107,17],[107,18,107,19],[108,16,108,17],[108,18,108,19],[109,16,109,17],[109,18,109,19],[110,16,110,17],[110,18,110,19],[111,16,111,17],[111,18,111,19],[112,16,112,17],[112,18,112,19],[113,16,113,17],[113,18,113,19],[114,16,114,17],[114,18,114,19],[115,16,115,17],[115,18,115,19],[116,16,116,17],[116,18,116,19],[117,16,117,17],[117,18,117,19],[118,16,118,17],[118,18,118,19],[119,16,119,17],[119,18,119,19],[120,16,120,17],[120,18,120,19],[121,16,121,17],[121,18,121,19],[122,16,122,17],[122,18,122,19],[123,16,123,17],[123,18,123,19],[124,16,124,17],[124,18,124,19],[125,16,125,17],[125,18,125,19],[126,16,126,17],[126,18,126,19],[127,16,127,17],[127,18,127,19],[128,16,128,17],[128,18,128,19],[129,16,129,17],[129,18,129,19],[130,16,130,17],[130,18,130,19],[131,16,131,17],[131,18,131,19],[132,16,132,17],[132,18,132,19],[133,16,133,17],[133,18,133,19],[134,0,134,19],[135,0,135,15],[135,16,135,17],[135,18,135,19],[136,0,136,19],[137,16,137,17],[137,18,137,19],[138,16,138,17],[138,18,138,19],[139,16,139,17],[139,18,139,19],[140,16,140,17],[140,18,140,19],[141,16,141,17],[141,18,141,19],[142,16,142,17],[142,18,142,19],[143,16,143,17],[143,18,143,19],[144,16,144,17],[144,18,144,19],[145,16,145,17],[145,18,145,19],[146,16,146,17],[146,18,146,19],[147,16,147,17],[147,18,147,19],[148,16,148,17],[148,18,148,19],[149,16,149,17],[149,18,149,19],[150,16,150,17],[150,18,150,19],[151,16,151,17],[151,18,151,19],[152,16,152,17],[152,18,152,19],[153,16,153,17],[153,18,153,19],[154,16,154,17],[154,18,154,19],[155,16,155,17],[155,18,155,19],[156,16,156,17],[156,18,156,19],[157,0,157,19],[158,0,158,15],[158,16,158,17],[158,18,158,19],[159,0,159,19],[160,16,160,17],[160,18,160,19],[161,16,161,17],[161,18,161,19],[162,16,162,17],[162,18,162,19],[163,16,163,17],[163,18,163,19],[164,16,164,17],[164,18,164,19],[165,16,165,17],[165,18,165,19],[166,16,166,17],[166,18,166,19],[167,16,167,17],[167,18,167,19],[168,16,168,17],[168,18,168,19],[169,16,169,17],[169,18,169,19],[170,16,170,17],[170,18,170,19],[171,16,171,17],[171,18,171,19],[172,16,172,17],[172,18,172,19],[173,16,173,17],[173,18,173,19],[174,16,174,17],[174,18,174,19],[175,16,175,17],[175,18,175,19],[176,16,176,17],[176,18,176,19],[177,16,177,17],[177,18,177,19],[178,16,178,17],[178,18,178,19],[179,16,179,17],[179,18,179,19],[180,16,180,17],[180,18,180,19],[181,16,181,17],[181,18,181,19],[182,16,182,17],[182,18,182,19],[183,16,183,17],[183,18,183,19],[184,16,184,17],[184,18,184,19],[185,16,185,17],[185,18,185,19],[186,16,186,17],[186,18,186,19],[187,16,187,17],[187,18,187,19],[188,16,188,17],[188,18,188,19],[189,16,189,17],[189,18,189,19],[190,16,190,17],[190,18,190,19],[191,16,191,17],[191,18,191,19],[192,16,192,17],[192,18,192,19],[193,16,193,17],[193,18,193,19],[194,16,194,17],[194,18,194,19],[195,16,195,17],[195,18,195,19],[196,16,196,17],[196,18,196,19],[197,16,197,17],[197,18,197,19],[198,16,198,17],[198,18,198,19],[199,16,199,17],[199,18,199,19],[200,16,200,17],[200,18,200,19],[201,16,201,17],[201,18,201,19],[202,16,202,17],[202,18,202,19],[203,16,203,17],[203,18,203,19],[204,16,204,17],[204,18,204,19],[205,16,205,17],[205,18,205,19],[206,16,206,17],[206,18,206,19],[207,16,207,17],[207,18,207,19],[208,16,208,17],[208,18,208,19],[209,16,209,17],[209,18,209,19],[210,16,210,17],[210,18,210,19],[211,16,211,17],[211,18,211,19],[212,16,212,17],[212,18,212,19],[213,16,213,17],[213,18,213,19],[214,16,214,17],[214,18,214,19],[215,16,215,17],[215,18,215,19],[216,16,216,17],[216,18,216,19],[217,16,217,17],[217,18,217,19],[218,16,218,17],[218,18,218,19],[219,16,219,17],[219,18,219,19],[220,16,220,17],[220,18,220,19],[221,16,221,17],[221,18,221,19],[222,16,222,17],[222,18,222,19],[223,16,223,17],[223,18,223,19],[224,16,224,17],[224,18,224,19],[225,16,225,17],[225,18,225,19],[226,16,226,17],[226,18,226,19],[227,16,227,17],[227,18,227,19],[228,16,228,17],[228,18,228,19],[229,16,229,17],[229,18,229,19],[230,16,230,17],[230,18,230,19],[231,16,231,17],[231,18,231,19],[232,16,232,17],[232,18,232,19],[233,16,233,17],[233,18,233,19],[234,16,234,17],[234,18,234,19],[235,16,235,17],[235,18,235,19],[236,16,236,17],[236,18,236,19],[237,16,237,17],[237,18,237,19],[238,16,238,17],[238,18,238,19],[239,16,239,17],[239,18,239,19],[240,16,240,17],[240,18,240,19],[241,16,241,17],[241,18,241,19],[242,16,242,17],[242,18,242,19],[243,16,243,17],[243,18,243,19],[244,16,244,17],[244,18,244,19],[245,16,245,17],[245,18,245,19],[246,16,246,17],[246,18,246,19],[247,16,247,17],[247,18,247,19],[248,16,248,17],[248,18,248,19],[249,16,249,17],[249,18,249,19],[250,16,250,17],[250,18,250,19],[251,16,251,17],[251,18,251,19],[252,16,252,17],[252,18,252,19],[253,16,253,17],[253,18,253,19],[254,16,254,17],[254,18,254,19],[255,16,255,17],[255,18,255,19],[256,16,256,17],[256,18,256,19],[257,16,257,17],[257,18,257,19],[258,16,258,17],[258,18,258,19],[259,16,259,17],[259,18,259,19],[260,16,260,17],[260,18,260,19],[261,16,261,17],[261,18,261,19],[262,16,262,17],[262,18,262,19],[263,16,263,17],[263,18,263,19],[264,16,264,17],[264,18,264,19],[265,16,265,17],[265,18,265,19],[266,16,266,17],[266,18,266,19],[267,16,267,17],[267,18,267,19],[268,16,268,17],[268,18,268,19],[269,16,269,17],[269,18,269,19],[270,16,270,17],[270,18,270,19],[271,16,271,17],[271,18,271,19],[272,16,272,17],[272,18,272,19],[273,16,273,17],[273,18,273,19],[274,16,274,17],[274,18,274,19],[275,16,275,17],[275,18,275,19],[276,16,276,17],[276,18,276,19],[277,16,277,17],[277,18,277,19],[278,16,278,17],[278,18,278,19],[279,16,279,17],[279,18,279,19],[280,16,280,17],[280,18,280,19],[281,16,281,17],[281,18,281,19],[282,16,282,17],[282,18,282,19],[283,16,283,17],[283,18,283,19],[284,16,284,17],[284,18,284,19],[285,16,285,17],[285,18,285,19],[286,16,286,17],[286,18,286,19],[287,16,287,17],[287,18,287,19],[288,16,288,17],[288,18,288,19],[289,16,289,17],[289,18,289,19],[290,16,290,17],[290,18,290,19],[291,16,291,17],[291,18,291,19],[292,16,292,17],[292,18,292,19],[293,16,293,17],[293,18,293,19],[294,16,294,17],[294,18,294,19],[295,16,295,17],[295,18,295,19],[296,16,296,17],[296,18,296,19],[297,16,297,17],[297,18,297,19],[298,16,298,17],[298,18,298,19],[299,16,299,17],[299,18,299,19],[300,16,300,17],[300,18,300,19],[301,16,301,17],[301,18,301,19],[302,16,302,17],[302,18,302,19],[303,16,303,17],[303,18,303,19],[304,16,304,17],[304,18,304,19],[305,16,305,17],[305,18,305,19],[306,16,306,17],[306,18,306,19],[307,16,307,17],[307,18,307,19],[308,16,308,17],[308,18,308,19],[309,16,309,17],[309,18,309,19],[310,16,310,17],[310,18,310,19],[311,16,311,17],[311,18,311,19],[312,16,312,17],[312,18,312,19],[313,16,313,17],[313,18,313,19],[314,16,314,17],[314,18,314,19],[315,16,315,17],[315,18,315,19],[316,16,316,17],[316,18,316,19],[317,16,317,17],[317,18,317,19],[318,16,318,17],[318,18,318,19],[319,16,319,17],[319,18,319,19],[320,16,320,17],[320,18,320,19],[321,16,321,17],[321,18,321,19],[322,16,322,17],[322,18,322,19],[323,16,323,17],[323,18,323,19],[324,16,324,17],[324,18,324,19],[325,16,325,17],[325,18,325,19],[326,16,326,17],[326,18,326,19],[327,16,327,17],[327,18,327,19],[328,16,328,17],[328,18,328,19],[329,16,329,17],[329,18,329,19],[330,16,330,17],[330,18,330,19],[331,16,331,17],[331,18,331,19],[332,16,332,17],[332,18,332,19],[333,16,333,17],[333,18,333,19],[334,16,334,17],[334,18,334,19],[335,16,335,17],[335,18,335,19],[336,16,336,17],[336,18,336,19],[337,16,337,17],[337,18,337,19],[338,16,338,17],[338,18,338,19],[339,16,339,17],[339,18,339,19],[340,16,340,17],[340,18,340,19],[341,0,341,19],[342,0,342,15],[342,16,342,17],[342,18,342,19],[343,0,343,19],[344,16,344,17],[344,18,344,19],[345,16,345,17],[345,18,345,19],[346,16,346,17],[346,18,346,19],[347,16,347,17],[347,18,347,19],[348,16,348,17],[348,18,348,19],[349,16,349,17],[349,18,349,19],[350,16,350,17],[350,18,350,19],[351,16,351,17],[351,18,351,19],[352,16,352,17],[352,18,352,19],[353,16,353,17],[353,18,353,19],[354,16,354,17],[354,18,354,19],[355,16,355,17],[355,18,355,19],[356,16,356,17],[356,18,356,19],[357,0,357,19],[358,0,358,15],[358,16,358,17],[358,18,358,19],[359,0,359,15],[359,16,359,17],[359,18,359,19],[361,14,361,19],[362,14,362,19],[363,14,363,19],[364,14,364,20]]}
[]
["SỞ Y TẾ THÀNH PHỐ HỒ CHÍ MINH",{"$nulls":16},"TT-1A"]
["BỆNH VIỆN BỆNH NHIỆT ĐỚI"]
["DANH MỤC THUỐC TRÚNG THẦU "]
["GÓI THẦU THUỐC GENERIC (THUỐC HÓA DƯỢC, SINH PHẨM) 2020-2021"]
["(Đính kèm theo Quyết định số 2430/QĐ-BVBNĐ ngày 29/12/2020 của Giám đốc Bệnh viện Bệnh Nhiệt Đới)"]
["STT","STT trong Hồ sơ mời thầu","Hoạt chất","Tên hàng hóa dự thầu","Tên hàng hóa dự thầu sau điều chỉnh","SĐK\nhoặc số\nGPNK","Hàm lượng","Dạng bào chế","Dạng trình bày","Đường dùng","Đơn vị tính","Hãng sản xuất","Nước sản xuất","Quy cách đóng gói","Công ty dự thầu","Giá trúng thầu","Số lượng trúng thầu",null,"Thành tiền"]
["(1)","(2)","(3)","(4)","(5)","(6)","(7)","(8)","(9)","(10)","(11)","(12)","(13)","(14)","(15)","(16)","(17)",null,"(18)"]
["Nhóm 1: \n+ Thuốc được sản xuất toàn bộ trên dây chuyền sản xuất thuốc đạt nguyên tắc, tiêu chuẩn EU-GMP hoặc dây chuyền sản xuất thuốc đạt nguyên tắc, tiêu chuẩn tương đương EU-GMP tại nước thuộc danh sách SRA; \n+ Thuốc thuộc danh mục thuốc biệt dược gốc hoặc sinh phẩm tham chiếu do Bộ Y tế công bố, trừ thuốc biệt dược gốc thuộc danh mục thuốc được áp dụng hình thức đàm phán giá do Bộ Y tế ban hành và đã được công bố kết quả đàm phán giá; Thuốc được sản xuất toàn bộ các công đoạn tại Việt Nam và phải đáp ứng đồng thời các tiêu chí sau đây: Sản xuất toàn bộ trên dây chuyền sản xuất thuốc đạt nguyên tắc, tiêu chuẩn EU-GMP hoặc dây chuyền sản xuất thuốc đạt nguyên tắc, tiêu chuẩn tương đương EU-GMP và được cơ quan quản lý dược Việt Nam đánh giá đạt nguyên tắc, tiêu chuẩn EU-GMP hoặc nguyên tắc, tiêu chuẩn tương đương EU- GMP; Được cơ quan quản lý dược của nước thuộc danh sách SRA cấp phép lưu hành theo hướng dẫn Khoản 8 Điều 50 Thông tư 15; Thuốc lưu hành tại Việt Nam và thuốc được nước thuộc danh sách SRA cấp phép lưu hành phải có cùng công thức bào chế, quy trình sản xuất, tiêu chuẩn chất lượng, phương pháp kiểm nghiệm; dược chất, tá dược phải có cùng tiêu chuẩn chất lượng, cơ sở sản xuất, địa điểm sản xuất theo hướng dẫn Khoản 8 Điều 50 Thông tư 15."]
[1,2,"Acetylleucine","Tanganil 500mg",null,"VN-22534-20","500mg","Viên nén",null,"Uống","Viên","Pierre Fabre Medicament Production","Pháp","Hộp 3 vỉ x 10 viên ","CÔNG TY TNHH MỘT THÀNH VIÊN VIMEDIMEX BÌNH DƯƠNG",{"v":4612,"d":"4,612"},{"v":3000,"d":"3,000"},null,{"v":13836000,"d":"13,836,000"}]
[2,7,"Aciclovir","Demosol",null,"VN-20731-17","400mg","Viên nén",null,"Uống","Viên","Farmalabor Produtos Farmacêuticos, S.A (Fab.)","Portugal","Hộp 5 vỉ x 5 viên","CÔNG TY TNHH DƯỢC PHẨM VẠN CƯỜNG PHÁT",{"v":8500,"d":"8,500"},500,null,{"v":4250000,"d":"4,250,000"}]
[3,9,"Aciclovir","Kemivir 800mg",null,"VN-17097-13","800mg","Viên nén",null,"Uống","Viên","Medochemie Ltd.- Central Factory","Cyprus","Hộp 1 vỉ x 10 viên","CÔNG TY CỔ PHẦN DƯỢC PHẨM TRUNG ƯƠNG CODUPHA",{"v":12000,"d":"12,000"},{"v":7000,"d":"7,000"},null,{"v":84000000,"d":"84,000,000"}]
[4,12,"Acid amin","Morihepamin Infusion 500ml","Morihepamin","VN-17215-13","7,58%","Dung dịch truyền tĩnh mạch","Túi 500ml","Truyền tĩnh mạch","Túi","Ay Pharmaceuticals Co., Ltd","Nhật Bản","Túi 500ml","CÔNG TY TNHH MỘT THÀNH VIÊN VIMEDIMEX BÌNH DƯƠNG",{"v":186736,"d":"186,736"},{"v":1000,"d":"1,000"},null,{"v":186736000,"d":"186,736,000"}]
[5,13,"Dung dịch amino acid + Dung dịch glucose + Nhũ dịch lipid","Oliclinomel N4-550E 1000ml","OliClinomel N4-550 E","VN-18815-15","5,5% + 20% + 10%","Nhũ dịch truyền tĩnh mạch","Túi 1000ml","Tiêm truyền","Túi","Baxter S.A","Bỉ","Túi 3 ngăn chứa dung dịch lipid, aminoacid, glucose: túi 1000ml (200+400+400)","CÔNG TY TNHH MỘT THÀNH VIÊN VIMEDIMEX BÌNH DƯƠNG",{"v":696499,"d":"696,499"},500,null,{"v":348249500,"d":"348,249,500"}]
[6,16,"Adenosin","Adenorythm",null,"VN-22115-19","6mg/2ml","Dung dịch tiêm",null,"Tiêm","Lọ","Vianex S.A.- Plant A'","Greece","Hộp 6 lọ x 2ml","CÔNG TY TNHH DƯỢC TÂM ĐAN ",{"v":850000,"d":"850,000"},30,null,{"v":25500000,"d":"25,500,000"}]
[7,17,"Albumin người","Albiomin 20%",null,"QLSP-0797-14","200g/l","Dung dịch truyền tĩnh mạch","Chai/Lọ 100ml","Tiêm truyền tĩnh mạch","Chai","Cơ sở sản xuất: Biotest AG; Cơ sở xuất xưởng: Biotest Pharma GmbH","Đức","Hộp 1 chai 100ml","CÔNG TY CỔ PHẦN THƯƠNG MẠI DƯỢC HOÀNG LONG ",{"v":1230000,"d":"1,230,000"},{"v":2300,"d":"2,300"},null,{"v":2829000000,"d":"2,829,000,000"}]
[8,23,"Alteplase ","Actilyse",null,"QLSP-948-16","50mg","Bột đông khô và dung môi pha tiêm truyền",null,"Tiêm truyền","Lọ","Boehringer Ingelheim Pharma GmbH & Co. KG","Đức","Hộp gồm 1 lọ bột đông khô + 1 lọ nước cất pha tiêm","CÔNG TY TNHH MỘT THÀNH VIÊN VIMEDIMEX BÌNH DƯƠNG",{"v":10323588,"d":"10,323,588"},10,null,{"v":103235880,"d":"103,235,880"}]
[9,24,"Ambroxol hydroclorid","HALIXOL",null,"VN-16748-13","30mg","Viên nén ",null,"Uống","Viên","Egis Pharmaceuticals Private Limited Company","Hungary","Hộp 2 vỉ x 10 viên ","CÔNG TY CỔ PHẦN GONSA",{"v":1500,"d":"1,500"},{"v":3500,"d":"3,500"},null,{"v":5250000,"d":"5,250,000"}]
[10,26,"Amikacin (dưới dạng Amikacin sulphat)","Chemacin",null,"VN-16436-13","500mg/2ml","Dung dịch tiêm",null,"Tiêm","Ống","Laboratorio Farmaceutico C.T.s.r.l.","Italy","Hộp 5 ống 2ml","CÔNG TY CỔ PHẦN DƯỢC PHẨM VINPHARCO",{"v":36000,"d":"36,000"},500,null,{"v":18000000,"d":"18,000,000"}]
[11,27,"Aminophylin","DIAPHYLLIN VENOSUM",null,"VN-19654-16","4,8%","Dung dịch thuốc tiêm","Lọ/ống 5ml","Tiêm","Ống","Gedeon Richter Plc.","Hungary","Hộp 5 ống 5ml","CÔNG TY CỔ PHẦN DƯỢC PHẨM BẾN TRE",{"v":11829,"d":"11,829"},100,null,{"v":1182900,"d":"1,182,900"}]
[12,28,"Amiodarone hydrochloride","Cordarone 150mg/3ml",null,"VN-20734-17","150mg/3ml","Dung dịch tiêm",null,"Tiêm tĩnh mạch","Ống","Sanofi Winthrop Industrie","Pháp","Hộp 6 ống x 3ml","CÔNG TY TNHH MỘT THÀNH VIÊN VIMEDIMEX BÌNH DƯƠNG",{"v":30048,"d":"30,048"},500,null,{"v":15024000,"d":"15,024,000"}]
[13,37,"Ampicilin (dưới dạng ampicillin natri) + Sulbactam (dưới dạng sulbactam natri)","Ama Power",null,"VN-19857-16","1000mg + 500mg","Bột pha tiêm",null,"Tiêm","Lọ","S.C.Antibiotice S.A.","Romani","Hộp 50 lọ","CÔNG TY CỔ PHẦN ĐẦU TƯ VÀ PHÁT TRIỂN TÂY ÂU",{"v":62000,"d":"62,000"},{"v":2000,"d":"2,000"},null,{"v":124000000,"d":"124,000,000"}]
[14,51,"Betahistine dihydrochloride","Betaserc 16mg",null,"VN-17206-13","16mg","Viên nén",null,"Uống","Viên","Mylan Laboratories SAS","Pháp","Hộp 3 vỉ x 20 viên","CÔNG TY TNHH MỘT THÀNH VIÊN VIMEDIMEX BÌNH DƯƠNG",{"v":1986,"d":"1,986"},{"v":6000,"d":"6,000"},null,{"v":11916000,"d":"11,916,000"}]
[15,53,"Betahistin dihydrochlorid","Betaserc 24mg",null,"VN-21651-19","24mg","Viên nén",null,"Uống","Viên","Mylan Laboratories SAS","Pháp","Hộp 5 vỉ x 10 viên","CÔNG TY TNHH MỘT THÀNH VIÊN VIMEDIMEX BÌNH DƯƠNG",{"v":5962,"d":"5,962"},500,null,{"v":2981000,"d":"2,981,000"}]
[16,54,"Betahistine  dihydrochloride","Kernhistine 8mg Tablet",null,"VN-20143-16","8mg","Viên nén",null,"Uống","Viên","Kern Pharma S.L.","Spain","Hộp 4 vỉ x 15 viên","CÔNG TY TNHH DƯỢC PHẨM NHẤT ANH ",{"v":1680,"d":"1,680"},{"v":1200,"d":"1,200"},null,{"v":2016000,"d":"2,016,000"}]
[17,57,"Bisoprolol fumarate","Bisoprolol Fumarate 2.5mg",null,"VN-18126-14","2,5mg","Viên nén",null,"Uống","Viên","Niche Generics Limited","Ireland","Hộp 2 vỉ x 14 viên","CÔNG TY TNHH MỘT THÀNH VIÊN VIMEDIMEX BÌNH DƯƠNG",{"v":1099,"d":"1,099"},500,null,{"v":549500,"d":"549,500"}]
[18,62,"Budesonide","Budesonide Teva 0,5mg/2ml",null,"VN-15282-12","0,5mg/2ml","Hỗn dịch khí dung","Chai/lọ/ống/nang 2ml","Hô hấp","Ống","Norton Healthcare Limited T/A Ivax Pharmaceuticals UK","Anh","Hộp 30 ống 2ml","CÔNG TY TNHH MỘT THÀNH VIÊN VIMEDIMEX BÌNH DƯƠNG",{"v":12534,"d":"12,534"},{"v":20000,"d":"20,000"},null,{"v":250680000,"d":"250,680,000"}]
[19,65,"Magnesium gluconat + Calcium glycerophosphat","Fatig",null,"VN-20359-17","0,426g + 0,456g","Dung dịch uống",null,"Uống","Ống","Pharmatis","Pháp","Hộp 2 vỉ x 10 ống","CÔNG TY TNHH MỘT THÀNH VIÊN VIMEDIMEX BÌNH DƯƠNG",{"v":5318,"d":"5,318"},{"v":20000,"d":"20,000"},null,{"v":106360000,"d":"106,360,000"}]
[20,76,"Cefepime (dưới dạng Cefepime hydrochloride monohydrate)","Verapime",null,"VN-16730-13 ","1g","Thuốc bột và dung môi pha tiêm",null,"Tiêm","Lọ","Demo S.A. Pharmaceutical Industry","Greece","Hộp 1 lọ 1g + 1 ống nước cất pha tiêm 3ml","CÔNG TY TNHH BÌNH VIỆT ĐỨC ",{"v":61900,"d":"61,900"},150,null,{"v":9285000,"d":"9,285,000"}]
[21,79,"Cefoperazon","Cefoperazone ABR 1g powder for solution for injection",null,"VN-21827-19","1g","Bột pha dung dịch tiêm",null,"Tiêm","Lọ","Balkanpharma - Razgrad AD","Bulgary","Hộp 5 lọ","CÔNG TY TRÁCH NHIỆM HỮU HẠN NHÂN SINH ",{"v":55000,"d":"55,000"},300,null,{"v":16500000,"d":"16,500,000"}]
[22,81,"Cefoperazon (dưới dạng Cefoperazon natri) + Sulbactam (dưới dạng Sulbactam Natri)","Basultam",null,"VN-18017-14","1g + 1g","Bột pha tiêm bắp, tĩnh mạch",null,"Tiêm","Lọ","Medochemie Ltd. - Factory C","Cyprus","Hộp 01 lọ bột pha tiêm","CÔNG TY TNHH THƯƠNG MẠI DƯỢC PHẨM THIÊN KIM",{"v":184900,"d":"184,900"},{"v":1500,"d":"1,500"},null,{"v":277350000,"d":"277,350,000"}]
[23,91,"Ceftolozane (dưới dạng ceftolozane sulfate) + Tazobactam (dưới dạng tazobactam natri)","Zerbaxa 1g/0.5g 10x20ml Vial","Zerbaxa","VN3-215-19","1g + 500mg","Bột pha dung dịch đậm đặc để pha dung dịch tiêm truyền",null,"Truyền tĩnh mạch","Lọ","CSSX và ĐG cấp 1: Steri-Pharma, LLC; CSSX sản phẩm trung gian ceftolozane: ACS Dobfar S.p.A; CSĐG cấp 2 và xuất xưởng: Laboratoires Merck Sharp & Dohme-Chibret","Nước sản xuất: Mỹ, Nước đóng gói: Pháp","Hộp 10 lọ","CÔNG TY CỔ PHẦN DƯỢC LIỆU TRUNG ƯƠNG 2 (PHYTOPHARMA )",{"v":1631000,"d":"1,631,000"},500,null,{"v":815500000,"d":"815,500,000"}]
[24,92,"Ceftriaxon (dưới dạng Ceftriaxon natri)","Daytrix",null,"VN-17223-13","1g","Bột pha tiêm",null,"Tiêm","Lọ","Laboratorio Farmaceutico C.T.s.r.l.","Italy","Hộp 1 lọ + 1 ống dung môi 3,5ml, Hộp 1 lọ bột, hộp 20 lọ bột, hộp 50 lọ bột","CÔNG TY CỔ PHẦN DƯỢC PHẨM VINPHARCO",{"v":15900,"d":"15,900"},{"v":10000,"d":"10,000"},null,{"v":159000000,"d":"159,000,000"}]
[25,97,"Cefuroxim (dưới dạng Cefuroxim axetil)","Zinnat Tab 250mg 10's","Zinnat Tablets 250mg","VN-19963-16","250mg","Viên nén bao phim",null,"Uống","Viên","Glaxo Operations UK Limited","Anh","Hộp 1 vỉ x 10 viên","CÔNG TY CỔ PHẦN DƯỢC LIỆU TRUNG ƯƠNG 2 (PHYTOPHARMA )",{"v":12510,"d":"12,510"},{"v":4000,"d":"4,000"},null,{"v":50040000,"d":"50,040,000"}]
[26,99,"Cefuroxim (dưới dạng Cefuroxim axetil)","Xorimax Tab 500mg 10's","Xorimax 500mg","VN-20624-17","500mg","Viên nén bao phim",null,"Uống","Viên","Sandoz GmbH","Áo","Hộp 1 vỉ x 10 viên","CÔNG TY CỔ PHẦN DƯỢC LIỆU TRUNG ƯƠNG 2 (PHYTOPHARMA )",{"v":8506,"d":"8,506"},{"v":7500,"d":"7,500"},null,{"v":63795000,"d":"63,795,000"}]
[27,101,"Celecoxib","Cofidec 200mg",null,"VN-16821-13","200mg","Viên nang cứng",null,"Uống","Viên","Lek Pharmaceuticals d.d,","Slovenia","Hộp 2 vỉ x 10 viên","CÔNG TY TNHH DƯỢC PHẨM VÀ TRANG THIẾT BỊ Y TẾ HOÀNG ĐỨC ",{"v":10500,"d":"10,500"},{"v":1000,"d":"1,000"},null,{"v":10500000,"d":"10,500,000"}]
[28,102,"Cetirizin 2HCl ","Taparen",null,"VN-19811-16","10mg","Viên nén bao phim",null,"Uống","Viên","Farmalabor-Produtos Farmacêuticos, S.A","Portugal","Hộp 10 vỉ x 10 viên","CÔNG TY TNHH MTV THƯƠNG MẠI DƯỢC PHẨM KHANG HUY",{"v":3850,"d":"3,850"},{"v":10000,"d":"10,000"},null,{"v":38500000,"d":"38,500,000"}]
[29,112,"Codein camphosulfonat  + Sulfogaiacol  + Cao mềm Grindelia ","NEO-CODION",null,"VN-18966-15","25mg + 100mg + 20mg","Viên nén bao đường",null,"Uống","Viên","Sophartex","Pháp","Hộp 2 vỉ x 10 viên","CÔNG TY CỔ PHẦN DƯỢC PHẨM VIỆT HÀ ",{"v":3585,"d":"3,585"},{"v":1000,"d":"1,000"},null,{"v":3585000,"d":"3,585,000"}]
[30,113,"Colchicine","Colchicina Seid 1mg Tablet",null,"VN-22254-19","1mg","Viên nén",null,"Uống","Viên","Seid, S.A","Spain","Hộp 2 vỉ x 20 viên","CÔNG TY TNHH DƯỢC PHẨM NHẤT ANH ",{"v":5200,"d":"5,200"},300,null,{"v":1560000,"d":"1,560,000"}]
[31,114,"Natri colistimethat","Colistin TZF",null,"VN-19363-15","1000000 IU","Bột pha tiêm/truyền và hít",null,"Tiêm","Lọ","Tarchomin Pharmaceutical Works Polfa S.A.","Poland","Hộp 20 lọ","CÔNG TY CỔ PHẦN DƯỢC PHẨM TRUNG ƯƠNG CPC1",{"v":396000,"d":"396,000"},{"v":2500,"d":"2,500"},null,{"v":990000000,"d":"990,000,000"}]
[32,128,"Diazepam","Diazepam Injection BP 10mg",null,"VN-15613-12 ","10mg/2ml","Dung dịch tiêm",null,"Tiêm","Ống","Rotexmedica GmbH Arzneimittelwerk","Germany","Hộp 10 ống 2 ml","CÔNG TY CỔ PHẦN DƯỢC PHẨM TRUNG ƯƠNG CPC1",{"v":12600,"d":"12,600"},{"v":5000,"d":"5,000"},null,{"v":63000000,"d":"63,000,000"}]
[33,132,"Dịch lọc máu liên tục","Prismasol B0",null,"VN-21678-19","Dung dịch sau khi pha Calcium 1,75 mmol/l, Magnesium 0,5 mmol/l, Sodium 140 mmol/l, Chloride 109,5 mmol/l, Lactate 3 mmol/l, Bicarbonate 32 mm/l","Dịch lọc máu và thẩm tách máu","Túi 5L","Dung dịch thẩm phân","Túi","Bieffe Medital S.p.A","Ý","Thùng 2 túi, mỗi túi gồm 2 khoang (khoang A 250ml và khoang B 4750ml), túi 5L","CÔNG TY TNHH THIẾT BỊ Y TẾ PHƯƠNG ĐÔNG ",{"v":700000,"d":"700,000"},{"v":6000,"d":"6,000"},null,{"v":4200000000,"d":"4,200,000,000"}]
[34,133,"Diclofenac kali","Cataflam 50",null,"VN-18617-15","50mg","Viên nén bao đường",null,"Uống","Viên","Novartis Saglik Gida ve Tarim Urunleri San. Ve Tic.A.S","Thổ Nhĩ Kỳ","Hộp 1 vỉ x 10 viên","CÔNG TY TNHH MỘT THÀNH VIÊN VIMEDIMEX BÌNH DƯƠNG",{"v":4673,"d":"4,673"},{"v":1000,"d":"1,000"},null,{"v":4673000,"d":"4,673,000"}]
[35,141,"Dobutamine (dưới dạng Dobutamine HCl)","Dobutamine-hameln 5mg/ml Injection",null,"VN-16187-13","250mg/50ml","Dung dịch tiêm truyền",null,"Tiêm truyền","Lọ","Siegfried Hameln GmbH","Germany","Hộp 10 lọ 50ml","CÔNG TY CỔ PHẦN DƯỢC PHẨM TRUNG ƯƠNG CODUPHA",{"v":144900,"d":"144,900"},{"v":1000,"d":"1,000"},null,{"v":144900000,"d":"144,900,000"}]
[36,142,"Domperidon","Domreme",null,"VN-19608-16","10mg","Viên nén bao phim",null,"Uống","Viên","Remedica Ltd","Cyprus","Hộp 10 vỉ x 10 viên","CÔNG TY TNHH DƯỢC PHẨM NHẤT ANH ",990,{"v":14000,"d":"14,000"},null,{"v":13860000,"d":"13,860,000"}]
[37,147,"Dopamin hydroclorid","Dopamine hydrochloride 4%",null,"VN-18479-14","200mg/5ml","Dung dịch tiêm truyền tĩnh mạch",null,"Tiêm","Ống","Warsaw Pharmaceutical Works Polfa S.A.","Poland","Hộp 10 ống 5ml","CÔNG TY CỔ PHẦN DƯỢC PHẨM TRUNG ƯƠNG CPC1",{"v":19950,"d":"19,950"},{"v":1000,"d":"1,000"},null,{"v":19950000,"d":"19,950,000"}]
[38,155,"Esomeprazole (dưới dạng Esomeprazole natri)","Solezol",null,"VN-21738-19","40mg","Bột pha dung dịch tiêm/truyền tĩnh mạch",null,"Tiêm/Truyền tĩnh mạch","Lọ","Anfarm Hellas S.A","Greece","Hộp 1 lọ","CÔNG TY TNHH DƯỢC PHẨM ANH NHƯ",{"v":59000,"d":"59,000"},{"v":1500,"d":"1,500"},null,{"v":88500000,"d":"88,500,000"}]
[39,158,"Fenofibrate","Fenosup Lidose",null,"VN-17451-13","160mg","Viên nang cứng dạng Lidose",null,"Uống","Viên","SMB Technology S.A","Bỉ","Hộp 3 vỉ x 10 viên","CÔNG TY TNHH DƯỢC PHẨM VÀ TRANG THIẾT BỊ Y TẾ HOÀNG ĐỨC ",{"v":5267,"d":"5,267"},800,null,{"v":4213600,"d":"4,213,600"}]
[40,160,"Fentanil (dưới dạng fentanil citrate)","FENTANYL - HAMELN 50MCG/ML",null,"VN-17326-13","50mcg/ml","Dung dịch tiêm","Lọ/ống 2ml","Tiêm","Ống","Siegfried Hameln GmbH","Đức","Hộp 10 ống x 2 ml","CÔNG TY TNHH MỘT THÀNH VIÊN DƯỢC SÀI GÒN",{"v":12600,"d":"12,600"},{"v":5000,"d":"5,000"},null,{"v":63000000,"d":"63,000,000"}]
[41,174,"Acid Fusidic + Betamethasone valerate","Fucicort Cre 15g","Fucicort","VN-14208-11","Acid Fusidic 2% + Betamethasone valerate 0,1%","Kem","Tuýp 15g","Dùng ngoài","Tuýp","Leo Laboratories Limited","Ireland","Hộp 1 tuýp 15g","CÔNG TY CỔ PHẦN DƯỢC LIỆU TRUNG ƯƠNG 2 (PHYTOPHARMA )",{"v":89400,"d":"89,400"},100,null,{"v":8940000,"d":"8,940,000"}]
[42,184,"Glyceryl trinitrat (dưới dạng Glyceryl trinitrat trong glucose 1,96%: 510mg)","Glyceryl Trinitrate - Hameln 1mg/ml",null,"VN-18845-15","10mg","Dung dịch tiêm",null,"Tiêm","Ống","Siegfried Hameln GmbH","Germany","Hộp 10 ống 10ml","CÔNG TY CỔ PHẦN DƯỢC PHẨM TRUNG ƯƠNG CODUPHA",{"v":80283,"d":"80,283"},500,null,{"v":40141500,"d":"40,141,500"}]
[43,188,"Heparin natri","Heparin",null,"VN-15617-12 ","25.000UI/5ml","Dung dịch tiêm","Lọ/Ống 5ml","Tiêm","Lọ","Rotexmedica GmbH Arzneimittelwerk","Germany","Hộp 25 lọ x 5ml","CÔNG TY CỔ PHẦN DƯỢC PHẨM TRUNG ƯƠNG CPC1",{"v":199950,"d":"199,950"},700,null,{"v":139965000,"d":"139,965,000"}]
[44,195,"Globulin miễn dịch người trong đó có chứa ít nhất 96% IgG ","Intratect",null,"QLSP-0802-14","50g/l (IgG tối thiểu 96%)","Dung dịch tiêm truyền tĩnh mạch","Chai/lọ 50ml","Tiêm truyền tĩnh mạch","Chai","Cơ sở sản xuất: Biotest AG; Cơ sở xuất xưởng: Biotest Pharma GmbH","Đức","Hộp 1 chai 50ml","CÔNG TY CỔ PHẦN THƯƠNG MẠI DƯỢC HOÀNG LONG ",{"v":3138000,"d":"3,138,000"},500,null,{"v":1569000000,"d":"1,569,000,000"}]
[45,197,"Insulin Human","Actrapid",null,"QLSP-1029-17","1000IU/10ml","Dung dịch tiêm","Chai/lọ/ống 10ml","Tiêm","Lọ","Novo Nordisk Production S.A.S","Pháp","Hộp chứa 1 lọ x 10ml","CÔNG TY TNHH MỘT THÀNH VIÊN VIMEDIMEX BÌNH DƯƠNG",{"v":72000,"d":"72,000"},100,null,{"v":7200000,"d":"7,200,000"}]
[46,198,"Insulin Human (rDNA) (isophane insulin crystals) + Insulin Human (rDNA) (soluble fraction)","Mixtard 30",null,"QLSP-1055-17","(700IU+300IU)/10ml","Hỗn dịch tiêm","Chai/lọ/ống 10ml","Tiêm","Lọ","Novo Nordisk Production S.A.S","Pháp","Hộp 1 lọ x 10ml","CÔNG TY TNHH MỘT THÀNH VIÊN VIMEDIMEX BÌNH DƯƠNG",{"v":72000,"d":"72,000"},400,null,{"v":28800000,"d":"28,800,000"}]
[47,199,"Iodine (dưới dạng Iobitridol 65,81g/100ml)","Xenetix 300",null,"VN-16787-13","30g/100ml","Dung dịch tiêm","Chai/Lọ 100ml","Tiêm ","Lọ","Guerbet","Pháp","Hộp 10 lọ 100ml","CÔNG TY TNHH DƯỢC PHẨM VÀ TRANG THIẾT BỊ Y TẾ HOÀNG ĐỨC ",{"v":485000,"d":"485,000"},{"v":2000,"d":"2,000"},null,{"v":970000000,"d":"970,000,000"}]
[48,206,"Potassium chloride","Kaldyum",null,"VN-15428-12","600mg","Viên nang giải phóng chậm",null,"Uống","Viên","Egis Pharmaceuticals Private Limited Company","Hungary","Hộp 1 lọ 50 viên","CÔNG TY CỔ PHẦN DƯỢC PHẨM BÁCH NIÊN ",{"v":2100,"d":"2,100"},{"v":5000,"d":"5,000"},null,{"v":10500000,"d":"10,500,000"}]
[49,209,"Ketamin (dưới dạng Ketamine HCl)","Ketamine Hydrochloride injection",null,"VN-20611-17","500mg/10ml","Dung dịch tiêm","Lọ/Ống 10ml","Tiêm","Lọ","Rotexmedica GmbH Arzneimittelwerk","Germany","Hộp 25 lọ 10 ml","CÔNG TY CỔ PHẦN DƯỢC PHẨM TRUNG ƯƠNG CPC1",{"v":52500,"d":"52,500"},500,null,{"v":26250000,"d":"26,250,000"}]
[50,212,"Lactulose (dưới dạng Lactulose concentrate)","Duphalac 15ml","Duphalac","VN-20896-18","10g/15ml","Dung dịch uống",null,"Uống","Gói","Abbott Biologicals B.V","Hà Lan","Hộp 20 gói x 15ml","CÔNG TY TNHH MỘT THÀNH VIÊN VIMEDIMEX BÌNH DƯƠNG",{"v":2728,"d":"2,728"},{"v":50000,"d":"50,000"},null,{"v":136400000,"d":"136,400,000"}]
[51,219,"Levocetirizin dihydrochlorid","POLLEZIN",null,"VN-20500-17","5mg","Viên nén bao phim ",null,"Uống","Viên","Egis Pharmaceuticals Private Limited Company","Hungary","Hộp 2 vỉ x 7 viên","CÔNG TY CỔ PHẦN DƯỢC PHẨM BẾN TRE",{"v":5120,"d":"5,120"},{"v":45000,"d":"45,000"},null,{"v":230400000,"d":"230,400,000"}]
[52,225,"Lidocain","LIDOCAIN",null,"VN-20499-17","10%","Thuốc phun mù","Chai/lọ 38g","Dùng ngoài","Lọ","Egis Pharmaceuticals Private Limited company","Hungary","Hộp 1 lọ 38g","CÔNG TY CỔ PHẦN DƯỢC PHẨM VIỆT HÀ ",{"v":159000,"d":"159,000"},100,null,{"v":15900000,"d":"15,900,000"}]
[53,230,"L-Isoleucine + L-Leucine + L-Valin","Livact Granules",null,"VN2-336-15","952mg + 1904mg + 1144mg","Cốm pha dung dịch uống",null,"Uống","Gói","Ajinomoto Co., Inc. Tokai Plant","Nhật Bản","Hộp 84 gói x 4,15g","CÔNG TY TNHH MỘT THÀNH VIÊN VIMEDIMEX BÌNH DƯƠNG",{"v":39000,"d":"39,000"},{"v":7000,"d":"7,000"},null,{"v":273000000,"d":"273,000,000"}]
[54,240,"Meropenem (dưới dạng Meropenem trihydrat)","Meropenem Kabi 1g",null,"VN-20415-17","1g","Bột pha dung dịch tiêm truyền tĩnh mạch",null,"Tiêm truyền tĩnh mạch","Lọ","Facta Farmaceutici S.p.A","Italy","Hộp 10 lọ","CÔNG TY CỔ PHẦN DƯỢC PHẨM VINPHARCO",{"v":159000,"d":"159,000"},{"v":4500,"d":"4,500"},null,{"v":715500000,"d":"715,500,000"}]
[55,242,"Meropenem (dưới dạng Meropenem trihydrat 570 mg)","Meropenem Kabi 500mg",null,"VN-20246-17","500mg","Bột để pha dung dịch tiêm, tiêm truyền",null,"Tiêm/Tiêm truyền","Lọ","Facta Farmaceutici S.p.A","Italy","Hộp 10 lọ","CÔNG TY CỔ PHẦN DƯỢC PHẨM VINPHARCO",{"v":89000,"d":"89,000"},800,null,{"v":71200000,"d":"71,200,000"}]
[56,247,"Metformin hydroclorid","Metformin Stella 850mg",null,"VD-26565-17","850mg","Viên nén bao phim",null,"Uống","Viên","Công ty TNHH Liên doanh Stellapharm – Chi nhánh 1","Việt Nam","Hộp 4 vỉ x 15 viên","CÔNG TY TNHH DƯỢC PHẨM KHƯƠNG DUY",690,{"v":7500,"d":"7,500"},null,{"v":5175000,"d":"5,175,000"}]
[57,251,"Midazolam (dưới dạng Midazolam HCl)","Midazolam B.Braun 1mg/ml",null,"VN-21582-18","50mg/50ml","Dung dịch tiêm truyền hoặc bơm hậu môn",null,"Tiêm/Đặt","Chai","B.Braun Medical S.A","Spain","Hộp 10 chai nhựa 50ml","CÔNG TY CỔ PHẦN DƯỢC PHẨM TRUNG ƯƠNG CPC1",{"v":59850,"d":"59,850"},{"v":4500,"d":"4,500"},null,{"v":269325000,"d":"269,325,000"}]
[58,252,"Midazolam (dưới dạng Midazolam HCl)","MIDAZOLAM - HAMELN 5MG/ML",null,"VN-16993-13","5mg/ml","Dung dịch tiêm",null,"Tiêm","Ống","Siegfried Hameln GmbH","Đức","Hộp 10 ống x 1 ml","CÔNG TY TNHH MỘT THÀNH VIÊN DƯỢC SÀI GÒN",{"v":18900,"d":"18,900"},{"v":45000,"d":"45,000"},null,{"v":850500000,"d":"850,500,000"}]
[59,255,"Natri monobasic phosphat khan + Natri dibasic phosphat khan","Clisma-lax",null,"VN-17859-14","(13,91g + 3,18g)/100ml","Dung dịch bơm hậu môn","Chai/lọ 133ml","Thụt hậu môn - trực tràng/Đặt","Lọ","Sofar S.p.A","Italy","Hộp 20 lọ x 133ml","CÔNG TY TNHH DƯỢC PHẨM ĐẠI DƯƠNG ",{"v":54000,"d":"54,000"},250,null,{"v":13500000,"d":"13,500,000"}]
[60,260,"Moxifloxacin (dưới dạng Moxifloxacin HCl)","Avelox Tab 400mg 5's","Avelox","VN-19011-15","400mg","Viên nén bao phim",null,"Uống","Viên","Bayer Pharma AG","Đức","Hộp 1 vỉ x 5 viên","CÔNG TY CỔ PHẦN DƯỢC LIỆU TRUNG ƯƠNG 2 (PHYTOPHARMA )",{"v":52500,"d":"52,500"},100,null,{"v":5250000,"d":"5,250,000"}]
[61,262,"Acetylcystein ","Paratriam 200mg Powder",null,"VN-19418-15","200mg","Thuốc bột pha uống",null,"Uống","Gói","Lindopharm GmbH","Germany","Hộp 50 gói","CÔNG TY TNHH BÌNH VIỆT ĐỨC ",{"v":2000,"d":"2,000"},{"v":4500,"d":"4,500"},null,{"v":9000000,"d":"9,000,000"}]
[62,266,"Naloxon HCl (dưới dạng Naloxone hydroclorid dihydrat)","Naloxone-hameln 0.4mg/ml Injection",null,"VN-17327-13","0,4mg/ml","Dung dịch tiêm",null,"Tiêm","Ống","Siegfried Hameln GmbH","Germany","Hộp 10 ống 1ml","CÔNG TY CỔ PHẦN DƯỢC PHẨM TRUNG ƯƠNG CODUPHA",{"v":43995,"d":"43,995"},100,null,{"v":4399500,"d":"4,399,500"}]
[63,275,"Natri Bicarbonate","4.2% w/v Sodium Bicarbonate",null,"VN-18586-15","4,2%","Dung dịch tiêm truyền tĩnh mạch","Chai/lọ 250ml","Tiêm truyền","Chai","B. Braun Melsungen AG","Đức","Hộp 10 chai 250ml","CÔNG TY TNHH DƯỢC PHẨM TUỆ HẢI ",{"v":95000,"d":"95,000"},600,null,{"v":57000000,"d":"57,000,000"}]
[64,277,"Nhũ dịch lipid","Lipovenoes 10%  PLR 500ml 10's","Lipovenoes 10%  PLR","VN-22320-19","10%","Nhũ tương tiêm truyền tĩnh mạch","Chai/Túi 500ml","Tiêm","Chai","Fresenius Kabi Austria GmbH","Áo","Thùng 10 chai 500ml","CÔNG TY CỔ PHẦN DƯỢC LIỆU TRUNG ƯƠNG 2 (PHYTOPHARMA )",{"v":138000,"d":"138,000"},{"v":1000,"d":"1,000"},null,{"v":138000000,"d":"138,000,000"}]
[65,278,"Nhũ dịch lipid","Smoflipid 20% Inf 100ml 10's","Smoflipid 20%","VN-19955-16","20%","Nhũ tương truyền tĩnh mạch","Chai/Túi 100ml","Tiêm","Chai","Fresenius Kabi Austria GmbH","Áo","Thùng 10 chai 100ml","CÔNG TY CỔ PHẦN DƯỢC LIỆU TRUNG ƯƠNG 2 (PHYTOPHARMA )",{"v":98000,"d":"98,000"},200,null,{"v":19600000,"d":"19,600,000"}]
[66,279,"Nicardipin hydrochlorid","Nicardipine Aguettant 10mg/10ml",null,"VN-19999-16","10mg/10ml","Dung dịch tiêm truyền tĩnh mạch",null,"Tiêm truyền","Ống","Laboratoire Aguettant","Pháp","Hộp 10 ống x 10ml","CÔNG TY TNHH MỘT THÀNH VIÊN VIMEDIMEX BÌNH DƯƠNG",{"v":124999,"d":"124,999"},{"v":1000,"d":"1,000"},null,{"v":124999000,"d":"124,999,000"}]
[67,280,"Noradrenalin (dưới dạng Noradrenalin tartrat)","Noradrenaline Base Aguettant 1mg/ml",null,"VN-20000-16","4mg/4ml","Dung dịch đậm đặc để tiêm hoặc tiêm truyền tĩnh mạch","Chai/lọ/ống 4ml","Tiêm","Ống","Laboratoire Aguettant","Pháp","Hộp 2 vỉ x 5 ống x 4ml","CÔNG TY TNHH MỘT THÀNH VIÊN VIMEDIMEX BÌNH DƯƠNG",{"v":45000,"d":"45,000"},{"v":13000,"d":"13,000"},null,{"v":585000000,"d":"585,000,000"}]
[68,281,"Norfloxacin","Incarxol",null,"VN-19614-16","400mg","Viên nén bao phim",null,"Uống","Viên","Laboratorios Lesvi S.L","Spain","Hộp 2 vỉ x 7 viên","CÔNG TY CỔ PHẦN XUẤT NHẬP KHẨU Y TẾ THÁI AN ",{"v":6405,"d":"6,405"},{"v":15000,"d":"15,000"},null,{"v":96075000,"d":"96,075,000"}]
[69,286,"Oxacillin (dưới dạng Oxacillin natri monohydrat)","Omeusa",null,"VN-20402-17","1000mg","Bột pha tiêm",null,"Tiêm","Lọ","S.C.Antibiotice S.A.","Romania","Hộp 50 lọ ","CÔNG TY CỔ PHẦN ĐẦU TƯ VÀ PHÁT TRIỂN TÂY ÂU",{"v":74000,"d":"74,000"},{"v":16000,"d":"16,000"},null,{"v":1184000000,"d":"1,184,000,000"}]
[70,289,"Pancreatin","Creon® 25000",null,"QLSP-0700-13","300mg","Viên nang cứng",null,"Uống","Viên","Abbott Laboratories GmbH","Đức","Hộp 2 vỉ (nhôm - nhôm) x 10 viên","CÔNG TY TNHH MỘT THÀNH VIÊN VIMEDIMEX BÌNH DƯƠNG",{"v":13703,"d":"13,703"},{"v":75000,"d":"75,000"},null,{"v":1027725000,"d":"1,027,725,000"}]
[71,297,"Paracetamol ","Efferalgan 80mg Suppo","Efferalgan","VN-20952-18","80mg","Viên đạn",null,"Đặt hậu môn","Viên","UPSA SAS","Pháp","Hộp 2 vỉ x 5 viên","CÔNG TY TNHH MỘT THÀNH VIÊN VIMEDIMEX BÌNH DƯƠNG",{"v":1890,"d":"1,890"},{"v":3500,"d":"3,500"},null,{"v":6615000,"d":"6,615,000"}]
[72,304,"Phenylephrin (dưới dạng Phenylephrin hydroclorid)","Phenylalpha 50 micrograms/ml",null,"VN-22162-19","50mcg/ml","Dung dịch tiêm","Bơm tiêm/lọ/ống 10ml","Tiêm","Ống","Laboratoire Aguettant","France","Hộp 10 ống x 10ml","CÔNG TY CỔ PHẦN DƯỢC PHẨM TRUNG ƯƠNG CPC1",{"v":121275,"d":"121,275"},300,null,{"v":36382500,"d":"36,382,500"}]
[73,306,"Phospholipid đậu nành","Essentiale Forte 300mg",null,"VN-22019-19","300mg","Viên nang cứng",null,"Uống","Viên","A. Nattermann & Cie. GmbH.","Đức","Hộp 5 vỉ x 10 viên","CÔNG TY TNHH MỘT THÀNH VIÊN VIMEDIMEX BÌNH DƯƠNG",{"v":2817,"d":"2,817"},{"v":40000,"d":"40,000"},null,{"v":112680000,"d":"112,680,000"}]
[74,311,"Pipecuronium bromide","ARDUAN",null,"VN-19653-16","4mg","Bột đông khô pha tiêm",null,"Tiêm","Lọ","Gedeon Richter Plc.","Hungary","Hộp 25 lọ thuốc + 25 lọ dung môi 2ml","CÔNG TY CỔ PHẦN DƯỢC PHẨM BẾN TRE",{"v":34230,"d":"34,230"},{"v":35000,"d":"35,000"},null,{"v":1198050000,"d":"1,198,050,000"}]
[75,312,"Piperacillin + Tazobactam","PIPERACILLIN TAZOBACTAM KABI 4G/0.5G","PIPERACILLIN/TAZOBACTAM KABI 4G/0.5G","VN-13544-11","4g Piperacillin + 0,5g Tazobactam","Bột đông khô pha tiêm hoặc tiêm truyền",null,"Tiêm hoặc truyền tĩnh mạch ","Lọ","Labesfal - Laboratorios Almiro, S.A","Portugal"," Hộp 10 lọ","CÔNG TY CỔ PHẦN GONSA",{"v":75600,"d":"75,600"},{"v":23500,"d":"23,500"},null,{"v":1776600000,"d":"1,776,600,000"}]
[76,322,"Promethazine hydrochloride","PIPOLPHEN",null,"VN-19640-16","50mg/2ml","Dung dịch thuốc tiêm",null,"Tiêm","Ống","Egis Pharmaceuticals Private Limited company","Hungary","Hộp 100 ống 2ml","CÔNG TY CỔ PHẦN DƯỢC PHẨM VIỆT HÀ ",{"v":15000,"d":"15,000"},100,null,{"v":1500000,"d":"1,500,000"}]
[77,323,"Propofol","Fresofol 1% Mct/Lct Inj 20ml 5's","Fresofol 1% Mct/Lct","VN-17438-13","1% (10mg/ml)","Nhũ tương để tiêm hoặc tiêm truyền tĩnh mạch","Lọ/Ống 20ml","Tiêm hoặc tiêm truyền tĩnh mạch (IV)","Ống","Fresenius Kabi Austria GmbH","Áo","Hộp 5 ống 20ml","CÔNG TY CỔ PHẦN DƯỢC LIỆU TRUNG ƯƠNG 2 (PHYTOPHARMA )",{"v":27000,"d":"27,000"},{"v":5000,"d":"5,000"},null,{"v":135000000,"d":"135,000,000"}]
[78,328,"Racecadotril","Hidrasec 30mg Children",null,"VN-21165-18","30mg","Bột uống",null,"Uống","Gói","Sophartex","Pháp","Hộp 30 gói","CÔNG TY TNHH MỘT THÀNH VIÊN VIMEDIMEX BÌNH DƯƠNG",{"v":5515,"d":"5,515"},{"v":8000,"d":"8,000"},null,{"v":44120000,"d":"44,120,000"}]
[79,335,"Saccharomyces boulardii","Bioflora 100mg",null,"VN-16392-13","100mg","Bột pha hỗn dịch uống",null,"Uống","Gói","Biocodex","Pháp","Hộp chứa 20 gói","CÔNG TY TNHH MỘT THÀNH VIÊN VIMEDIMEX BÌNH DƯƠNG",{"v":5500,"d":"5,500"},{"v":5000,"d":"5,000"},null,{"v":27500000,"d":"27,500,000"}]
[80,348,"Sofosbuvir + Velpatasvir","EPCLUSA (Đóng gói thứ cấp, xuất xưởng: Gilead Sciences Ireland UC, địa chỉ: IDA Business and Technology Park Carrigtohill, Co. Cork - Ireland)","Epclusa","VN3-83-18","400mg + 100mg","Viên nén bao phim",null,"Uống","Viên","Patheon Inc.","Canada","Hộp 1 lọ 28 viên","CÔNG TY CỔ PHẦN DƯỢC PHẨM VIỆT HÀ ",{"v":267750,"d":"267,750"},{"v":10000,"d":"10,000"},null,{"v":2677500000,"d":"2,677,500,000"}]
[81,352,"Spironolacton","VEROSPIRON",null,"VN-19163-15","50mg","Viên nang cứng",null,"Uống","Viên","Gedeon Richter Plc.","Hungary","Hộp 3 vỉ x 10 viên","CÔNG TY CỔ PHẦN DƯỢC PHẨM BẾN TRE",{"v":3990,"d":"3,990"},{"v":12500,"d":"12,500"},null,{"v":49875000,"d":"49,875,000"}]
[82,356,"Sucralfate","Sucrate gel",null,"VN-13767-11","1g/5ml","Hỗn dịch uống",null,"Uống","Túi","Laboratorio Italiano Biochimico Farmaceutico Lisapharma S.p.A.","Italy","Hộp 30 gói 5ml","CÔNG TY TNHH DƯỢC PHẨM ĐẠI DƯƠNG ",{"v":7800,"d":"7,800"},{"v":10000,"d":"10,000"},null,{"v":78000000,"d":"78,000,000"}]
[83,371,"Terlipressin (dưới dạng terlipressin acetate)","Glypressin",null,"VN-19154-15","0,86mg","Bột đông khô để pha tiêm tĩnh mạch",null,"Tiêm tĩnh mạch","Lọ","Ferring GmbH","Đức","Hộp 1 lọ bột đông khô và 1 ống dung môi 5ml","CÔNG TY TNHH MỘT THÀNH VIÊN VIMEDIMEX BÌNH DƯƠNG",{"v":744870,"d":"744,870"},50,null,{"v":37243500,"d":"37,243,500"}]
[84,378,"Acid tranexamic","Medsamic 250mg/5ml",null,"VN-20801-17","250mg/5ml","Dung dịch tiêm",null,"Tiêm","Ống","Medochemie Ltd -Ampoule injectable Facility","Cyprus","Hộp 2 vỉ x 5 ống","CÔNG TY CỔ PHẦN DƯỢC PHẨM TRUNG ƯƠNG CODUPHA",{"v":11000,"d":"11,000"},{"v":1000,"d":"1,000"},null,{"v":11000000,"d":"11,000,000"}]
[85,382,"Ursodiol ","PMS-Ursodiol C 250mg",null,"VN-18052-14","250mg","Viên nén",null,"Uống","Viên","Pharmascience Inc.","Canada","Chai 100 viên, Chai 30 viên","CÔNG TY TNHH DƯỢC PHẨM VÀ TRANG THIẾT BỊ Y TẾ HOÀNG ĐỨC ",{"v":12785,"d":"12,785"},{"v":15000,"d":"15,000"},null,{"v":191775000,"d":"191,775,000"}]
[86,384,"Acid ursodeoxycholic","Ursobil",null,"VN-20260-17","300mg","Viên nén",null,"Uống","Viên","ABC Farmaceutici S.P.A","Italy","Hộp 3 vỉ x 10 viên","CÔNG TY CỔ PHẦN DƯỢC PHẨM IP",{"v":16000,"d":"16,000"},{"v":250000,"d":"250,000"},null,{"v":4000000000,"d":"4,000,000,000"}]
[87,387,"Natri Valproate","Depakine 200mg/ml",null,"VN-11313-10","200mg/ml","Dung dịch uống","Chai/lọ 40ml","Uống","Chai","Unither Liquid Manufacturing","Pháp","Hộp 1 chai 40ml và 1 xylanh có vạch chia liều để lấy thuốc","CÔNG TY TNHH MỘT THÀNH VIÊN VIMEDIMEX BÌNH DƯƠNG",{"v":80696,"d":"80,696"},200,null,{"v":16139200,"d":"16,139,200"}]
[88,389,"Vancomycin (dưới dạng Vancomycin hydrochlorid)","Voxin",null,"VN-20983-18","1g","Bột đông khô để pha dung dịch truyền",null,"Tiêm truyền","Lọ","Vianex S.A_Plant C'","Greece","Hộp 1 lọ","CÔNG TY CỔ PHẦN XUẤT NHẬP KHẨU Y TẾ THÁI AN ",{"v":95004,"d":"95,004"},{"v":6500,"d":"6,500"},null,{"v":617526000,"d":"617,526,000"}]
[89,392,"Hỗn hợp các vitamin (12 vitamin): Retinol (vitamin A) + Cholecalciferol (vitamin D3) + Alpha-tocopherol (vitamin E) + Acid Ascorbic (vitamin C) + Thiamine (vitamin B1) + Riboflavine (vitamin B2) + Pyridoxine (vitamin B6) + Cyanocobalamine (vitamin B12) + Folic acid (vitamin B9) + Pantothenic acid (vitamin B5) + Biotin (vitamin B7) + Nicotinamide (vitamin PP)","Cernevit",null,"VN-16135-13","3500 IU + 220 IU + 11,20 IU + 125mg + 3,51mg + 4,14mg + 4,53 mg + 0,006mg +0,414mg + 17,25mg + 0,069 mg+ 46mg ","Bột đông khô pha tiêm",null,"Tiêm","Lọ","Pierre Fabre Medicament Production (Cơ sở sản xuất), Baxter SA (Xuất xưởng)","Pháp (Xuất xưởng: Bỉ)","Hộp 10 lọ","CÔNG TY TNHH MỘT THÀNH VIÊN VIMEDIMEX BÌNH DƯƠNG",{"v":131999,"d":"131,999"},300,null,{"v":39599700,"d":"39,599,700"}]
[]
["TỔNG CỘNG",{"$nulls":15},{"v":89,"d":"89.00"},null,{"v":30860329280,"d":"30,860,329,280.00 "}]
["Nhóm 2: \n+ Thuốc được sản xuất toàn bộ trên dây chuyền sản xuất thuốc đạt nguyên tắc, tiêu chuẩn EU-GMP hoặc dây chuyền sản xuất thuốc đạt nguyên tắc, tiêu chuẩn tương đương EU-GMP và được cơ quan quản lý dược Việt Nam đánh giá đạt nguyên tắc, tiêu chuẩn EU-GMP hoặc nguyên tắc, tiêu chuẩn tương đương EU- GMP; \n+ Thuốc được sản xuất toàn bộ trên dây chuyền sản xuất thuốc tại nước là thành viên PIC/s đồng thời là thành viên ICH, được cơ quan quản lý có thẩm quyền của nước này cấp chứng nhận đạt nguyên tắc, tiêu chuẩn PIC/s-GMP và được cơ quan quản lý dược Việt Nam đánh giá đạt nguyên tắc, tiêu chuẩn PIC/s-GMP."]
[90,5,"Aciclovir","Meileo",null,"VN-20711-17","250mg/10ml","Dung dịch tiêm truyền tĩnh mạch",null,"Tiêm truyền tĩnh mạch","Ống","Tedec Meiji Farma SA","Tây Ban Nha","Hộp 5 ống 10ml","CÔNG TY CỔ PHẦN DƯỢC PHẨM THIÊN THẢO SÀI GÒN ",{"v":294000,"d":"294,000"},{"v":3500,"d":"3,500"},null,{"v":1029000000,"d":"1,029,000,000"}]
[91,18,"Chymotrypsin (tương đương 4200 USP unit)","AlphaDHG",null,"VD-20546-14","21 microkatal","Viên nén",null,"Uống","Viên","CTCP Dược Hậu Giang - CN nhà máy DP DHG tại Hậu Giang","Việt Nam","Hộp 2 vỉ x 10 viên","CÔNG TY CỔ PHẦN DƯỢC HẬU GIANG",800,{"v":10000,"d":"10,000"},null,{"v":8000000,"d":"8,000,000"}]
[92,30,"Amoxicilin (dưới dạng Amoxicilin trihydrat powder) + Acid clavulanic (dưới dạng Kali clavulanat - syloid (1:1)","Imefed 250mg/31,25mg",null,"VD-31714-19","250mg + 31,25mg","Thuốc bột pha hỗn dịch uống",null,"Uống","Gói","Chi nhánh công ty cổ phần dược phẩm Imexpharm Nhà máy kháng sinh công nghệ cao Vĩnh Lộc","Việt Nam","Hộp 1 túi x 12 gói 1g","CÔNG TY TNHH DƯỢC PHẨM VẠN CƯỜNG PHÁT",{"v":7500,"d":"7,500"},{"v":5000,"d":"5,000"},null,{"v":37500000,"d":"37,500,000"}]
[93,40,"Atorvastatin (dưới dạng Atorvastatin calcium)","Lipvar 10",null,"VD-30859-18","10mg","Viên nén",null,"Uống","Viên","CTCP Dược Hậu Giang - CN nhà máy DP DHG tại Hậu Giang","Việt Nam","Hộp 3 vỉ x 10 viên","CÔNG TY CỔ PHẦN DƯỢC HẬU GIANG",470,900,null,{"v":423000,"d":"423,000"}]
[94,44,"Azithromycin (dưới dạng Azithromycin dihydrat)","Azicine",null,"VD-20541-14 ","250mg","Viên nang cứng",null,"Uống","Viên","Công ty TNHH Liên doanh Stellapharm – Chi nhánh 1","Việt Nam","Hộp 1 vỉ x 6 viên","CÔNG TY TNHH DƯỢC PHẨM KHƯƠNG DUY",{"v":3350,"d":"3,350"},{"v":3000,"d":"3,000"},null,{"v":10050000,"d":"10,050,000"}]
[95,80,"Cefoperazon (dưới dạng cefoperazon natri); Sulbactam (dưới dạng sulbactam natri)","Sulraapix",null,"VD-22285-15","500mg + 500mg","Thuốc bột pha tiêm",null,"Tiêm","Lọ","Công ty cổ phần Pymepharco","Việt Nam","Hộp 10 lọ","CÔNG TY CỔ PHẦN PYMEPHARCO",{"v":20500,"d":"20,500"},{"v":1000,"d":"1,000"},null,{"v":20500000,"d":"20,500,000"}]
[96,84,"Cefpodoxim (dưới dạng Cefpodoxim proxetil)","Imedoxim 200",null,"VD-27891-17","200mg","Viên nén bao phim",null,"Uống","Viên","Chi nhánh 3 - Công ty cổ phần dược phẩm Imexpharm tại Bình Dương","Việt Nam","Hộp 3 vỉ x 10 viên","CÔNG TY TNHH DƯỢC PHẨM VẠN CƯỜNG PHÁT",{"v":8300,"d":"8,300"},{"v":3000,"d":"3,000"},null,{"v":24900000,"d":"24,900,000"}]
[97,90,"Ceftazidim (dưới dạng ceftazidim pentahydrat)","Ceftazidime EG 1g",null,"VD-25383-16","1g","Thuốc bột pha tiêm",null,"Tiêm","Lọ","Công ty cổ phần Pymepharco","Việt Nam","Hộp 1 lọ","CÔNG TY CỔ PHẦN PYMEPHARCO",{"v":15400,"d":"15,400"},{"v":3000,"d":"3,000"},null,{"v":46200000,"d":"46,200,000"}]
[98,93,"Ceftriaxon (dưới dạng Ceftriaxon natri)","Triaxobiotic 1000",null,"VD-19010-13 ","1g","Thuốc bột pha tiêm",null,"Tiêm","Lọ","Công ty Cổ phần dược phẩm Tenamyd","Việt Nam","Hộp 10 lọ ","CÔNG TY CỔ PHẦN DƯỢC PHẨM TENAMYD",{"v":10605,"d":"10,605"},{"v":10000,"d":"10,000"},null,{"v":106050000,"d":"106,050,000"}]
[99,108,"Ciprofloxacin","Ciprobid",null,"VN-20938-18","400mg/200ml","Dung dịch truyền tĩnh mạch","Chai/Túi 200ml","Truyền tĩnh mạch","Túi","S.C. Infomed Fluids S.R.L","Romania","Hộp 10 túi nhôm x 1 túi truyền PVC x 200ml","CÔNG TY TNHH DƯỢC PHẨM VẠN CƯỜNG PHÁT",{"v":92800,"d":"92,800"},150,null,{"v":13920000,"d":"13,920,000"}]
[100,118,"Desloratadin","Destacure",null,"VN-16773-13","2,5mg/5ml","Siro","Chai/lọ 60ml","Uống","Chai","Gracure Pharmaceuticals Ltd","India","Hộp 1 chai 60ml","CÔNG TY CỔ PHẦN THƯƠNG MẠI DƯỢC PHẨM PVN",{"v":68000,"d":"68,000"},{"v":2000,"d":"2,000"},null,{"v":136000000,"d":"136,000,000"}]
[101,143,"Domperidon","Pedomcad",null,"VN-19808-16","10mg","Viên nén",null,"Uống","Viên","Cadila Pharmaceuticals Limited","India","Hộp 10 vỉ x 10 viên","CÔNG TY TNHH VẬT TƯ Y TẾ HOÀN VŨ",366,{"v":32000,"d":"32,000"},null,{"v":11712000,"d":"11,712,000"}]
[102,149,"Efavirenz","AVIRANZ TABLETS 600MG",null,"VN3-92-18","600mg","Viên nén bao phim",null,"Uống","Viên","Sun Pharmaceutical Industries Ltd","India","Hộp 1 chai 30 viên","CÔNG TY CỔ PHẦN DƯỢC PHẨM THIẾT BỊ Y TẾ HÀ NỘI ",{"v":2495,"d":"2,495"},{"v":15000,"d":"15,000"},null,{"v":37425000,"d":"37,425,000"}]
[103,150,"Entecavir (dưới dạng Entecavir monohydrat)","Entecavir STELLA 0.5mg",null,"QLĐB-560-16 ","0,5mg","Viên nén bao phim",null,"Uống","Viên","Công ty TNHH Liên doanh Stellapharm – Chi nhánh 1","Việt Nam","Hộp 3 vỉ x 10 viên","CÔNG TY TNHH DƯỢC PHẨM KHƯƠNG DUY",{"v":15300,"d":"15,300"},{"v":240000,"d":"240,000"},null,{"v":3672000000,"d":"3,672,000,000"}]
[104,161,"Fexofenadin HCl ","Fexostad 180",null,"VD-23968-15","180mg","Viên nén bao phim",null,"Uống","Viên","Công ty TNHH Liên doanh Stellapharm – Chi nhánh 1","Việt Nam","Hộp 1 vỉ x 10 viên","CÔNG TY TNHH DƯỢC PHẨM KHƯƠNG DUY",{"v":1620,"d":"1,620"},{"v":75000,"d":"75,000"},null,{"v":121500000,"d":"121,500,000"}]
[105,163,"Fexofenadin HCl","SaViFexo 60",null,"VD-25775-16","60mg","Viên nén bao phim",null,"Uống","Viên","Công ty CPDP SaVi","Việt Nam","Hộp 1 vỉ x 10 viên","CÔNG TY CỔ PHẦN DƯỢC PHẨM SAVI",835,{"v":45000,"d":"45,000"},null,{"v":37575000,"d":"37,575,000"}]
[106,166,"Fluconazol","Fluconazole Stella 150mg",null,"VD-32401-19","150mg","Viên nang cứng",null,"Uống","Viên","Công ty TNHH Liên doanh Stellapharm – Chi nhánh 1","Việt Nam","Hộp 1 vỉ x 1 viên","CÔNG TY TNHH DƯỢC PHẨM KHƯƠNG DUY",{"v":8700,"d":"8,700"},{"v":15000,"d":"15,000"},null,{"v":130500000,"d":"130,500,000"}]
[107,169,"Flunarizin (dưới dạng flunarizin dihydroclorid)","Fluzinstad 5",null,"VD-25479-16","5mg","Viên nang cứng",null,"Uống","Viên","Công ty TNHH Liên doanh Stellapharm – Chi nhánh 1","Việt Nam","Hộp 10 vỉ x 10 viên","CÔNG TY TNHH DƯỢC PHẨM KHƯƠNG DUY",{"v":1200,"d":"1,200"},{"v":1000,"d":"1,000"},null,{"v":1200000,"d":"1,200,000"}]
[108,170,"Fluocinolon acetonid","Flucort",null,"VN-16771-13","0,025%","Kem","Tuýp 15g","Bôi/dùng ngoài","Tuýp","Glenmark Pharmaceuticals Ltd","India","Hộp 1 tuýp 15g","CÔNG TY CỔ PHẦN THƯƠNG MẠI DƯỢC PHẨM PVN",{"v":21000,"d":"21,000"},50,null,{"v":1050000,"d":"1,050,000"}]
[109,194,"Imipenem + Cilastatin (dưới dạng Cilastatin natri)","Pythinam",null,"VD-23852-15","500mg + 500mg","Thuốc bột pha tiêm",null,"Tiêm","Lọ","Công ty cổ phần Pymepharco","Việt Nam","Hộp 10 lọ","CÔNG TY CỔ PHẦN PYMEPHARCO",{"v":71000,"d":"71,000"},{"v":20000,"d":"20,000"},null,{"v":1420000000,"d":"1,420,000,000"}]
[110,213,"Lamivudin","Lamivudine Savi 100",null,"VD-21891-14","100mg","Viên nén bao phim",null,"Uống","Viên","Công ty CPDP SaVi","Việt Nam","Hộp 3 vỉ x 10 viên","CÔNG TY CỔ PHẦN DƯỢC PHẨM SAVI",{"v":2200,"d":"2,200"},{"v":350000,"d":"350,000"},null,{"v":770000000,"d":"770,000,000"}]
[111,214,"Lamivudin","Lamone 150",null,"VD-29499-18","150mg","Viên nén bao phim",null,"Uống","Viên","Công ty TNHH Liên doanh Stellapharm – Chi nhánh 1","Việt Nam","Hộp 6 vỉ x 10 viên","CÔNG TY TNHH DƯỢC PHẨM KHƯƠNG DUY",{"v":4000,"d":"4,000"},{"v":15000,"d":"15,000"},null,{"v":60000000,"d":"60,000,000"}]
[112,216,"Lamivudin + Zidovudin","LAMIVUDINE 150MG & ZIDOVUDINE 300MG TABLETS",null,"VN2-561-17","150mg + 300mg","Viên nén bao phim",null,"Uống","Viên","Macleods Pharmaceuticals Ltd.","Ấn Độ","Hộp 1 lọ 60 viên ","CÔNG TY CỔ PHẦN GONSA",{"v":3900,"d":"3,900"},{"v":3000,"d":"3,000"},null,{"v":11700000,"d":"11,700,000"}]
[113,228,"Linezolid ","Lichaunox",null,"VN-21245-18","600mg/300ml","Dung dịch tiêm truyền",null,"Tiêm truyền","Túi","Pharmaceutical Works Polpharma S.A","Poland","Hộp 1 túi nhựa 300ml","CÔNG TY CỔ PHẦN DƯỢC NEWSUN",{"v":719000,"d":"719,000"},500,null,{"v":359500000,"d":"359,500,000"}]
[114,246,"Metformin hydrochlorid","Metsav 500",null,"VD-26252-17","500mg","Viên nén bao phim",null,"Uống","Viên","Công ty CPDP SaVi","Việt Nam","Hộp 10 vỉ x 10 viên","CÔNG TY CỔ PHẦN DƯỢC PHẨM SAVI",325,{"v":5000,"d":"5,000"},null,{"v":1625000,"d":"1,625,000"}]
[115,248,"Metformin hydrochlorid","Metsav 850",null,"VD-25264-16","850mg","Viên nén bao phim",null,"Uống","Viên","Công ty CPDP SaVi","Việt Nam","Hộp 10 vỉ x 10 viên","CÔNG TY CỔ PHẦN DƯỢC PHẨM SAVI",465,{"v":7500,"d":"7,500"},null,{"v":3487500,"d":"3,487,500"}]
[116,256,"Montelukast ( dưới dạng Natri montelukast)","MONTEMAC 10",null,"VN-19702-16","10mg","Viên nén bao phim",null,"Uống","Viên","Macleods Pharmaceuticals Ltd.","Ấn Độ","Hộp 3 vỉ x 10 viên ","CÔNG TY CỔ PHẦN GONSA",{"v":1250,"d":"1,250"},500,null,{"v":625000,"d":"625,000"}]
[117,264,"Acetylcystein","Stacytine 200 CAP",null,"VD-22667-15 ","200mg","Viên nang cứng",null,"Uống","Viên","Công ty TNHH Liên doanh Stellapharm – Chi nhánh 1","Việt Nam","Hộp 10 vỉ x 10 viên","CÔNG TY TNHH DƯỢC PHẨM KHƯƠNG DUY",700,{"v":7000,"d":"7,000"},null,{"v":4900000,"d":"4,900,000"}]
[118,325,"Rabeprazole Natri ","HAPPI 20",null,"VN-20397-17","20mg","Viên nén bao tan trong ruột",null,"Uống","Viên","Cadila Healthcare Ltd.","India","Hộp 10 vỉ x 10 viên","CÔNG TY CỔ PHẦN DƯỢC PHẨM THIẾT BỊ Y TẾ HÀ NỘI ",700,{"v":15000,"d":"15,000"},null,{"v":10500000,"d":"10,500,000"}]
[119,354,"Spironolacton + Furosemid","Savispirono-Plus",null,"VD-21895-14","50mg + 20mg","Viên nén bao phim",null,"Uống","Viên","Công ty CPDP SaVi","Việt Nam","Hộp 2 vỉ x 10 viên","CÔNG TY CỔ PHẦN DƯỢC PHẨM SAVI",{"v":1790,"d":"1,790"},{"v":25000,"d":"25,000"},null,{"v":44750000,"d":"44,750,000"}]
[120,358,"Sulfamethoxazol + Trimethoprim","Cotrimoxazole 800/160",null,"VD-23966-15","800mg + 160mg","Viên nén",null,"Uống","Viên","Công ty TNHH Liên doanh Stellapharm – Chi nhánh 1","Việt Nam","Hộp 10 vỉ x 10 viên","CÔNG TY TNHH DƯỢC PHẨM KHƯƠNG DUY",750,{"v":50000,"d":"50,000"},null,{"v":37500000,"d":"37,500,000"}]
[121,362,"Tenofovir disoproxil fumarat","SaVi Tenofovir 300",null,"VD-17947-12","300mg","Viên nén dài bao phim",null,"Uống","Viên","Công ty CPDP SaVi","Việt Nam","Hộp 3 vỉ x 10 viên","CÔNG TY CỔ PHẦN DƯỢC PHẨM SAVI",{"v":4900,"d":"4,900"},{"v":670000,"d":"670,000"},null,{"v":3283000000,"d":"3,283,000,000"}]
[122,405,"Vitamin E acetat","Incepavit 400 Capsule",null,"VN-17386-13 ","400mg","Viên nang cứng",null,"Uống","Viên","Incepta Pharmaceuticals Ltd.","Bangladesh","Hộp 03 vỉ x 10 viên","CÔNG TY TNHH NACOPHARM MIỀN NAM ",{"v":1850,"d":"1,850"},{"v":35000,"d":"35,000"},null,{"v":64750000,"d":"64,750,000"}]
[]
["TỔNG CỘNG",{"$nulls":15},{"v":33,"d":"33.00"},null,{"v":11517842500,"d":"11,517,842,500.00 "}]
["Nhóm 3: Thuốc được sản xuất trên dây chuyền sản xuất thuốc được cơ quan quản lý dược Việt Nam đánh giá đạt nguyên tắc, tiêu chuẩn GMP và có nghiên cứu tương đương sinh học được cơ quan quản lý dược Việt Nam công bố."]
[123,31,"Amoxicilin (dưới dạng Amoxicillin trihydrat) + Acid clavulanic (dưới dạng Clavulanat kali)","Klamentin 250/31.25",null,"VD-24615-16","250mg + 31,25mg","Thuốc cốm pha hỗn dịch uống",null,"Uống","Gói","CTCP Dược Hậu Giang - CN nhà máy DP DHG tại Hậu Giang","Việt Nam","Hộp 24 gói x 1g","CÔNG TY CỔ PHẦN DƯỢC HẬU GIANG",{"v":2350,"d":"2,350"},{"v":5000,"d":"5,000"},null,{"v":11750000,"d":"11,750,000"}]
[124,32,"Amoxicilin (dưới dạng Amoxicillin trihydrat) + Acid clavulanic (dưới dạng Clavulanat kali)","Klamentin 875/125",null,"VD-24618-16","875mg + 125mg","Viên nén bao phim",null,"Uống","Viên","CTCP Dược Hậu Giang - CN nhà máy DP DHG tại Hậu Giang","Việt Nam","Hộp 2 vỉ x 7 viên","CÔNG TY CỔ PHẦN DƯỢC HẬU GIANG",{"v":4200,"d":"4,200"},{"v":6000,"d":"6,000"},null,{"v":25200000,"d":"25,200,000"}]
[125,42,"Azithromycin (dưới dạng Azithromycin dihydrat)","Azithromycin 200",null,"VD-26004-16","200mg","Thuốc bột pha hỗn dịch uống",null,"Uống","Gói","CTCP Dược Hậu Giang - CN nhà máy DP DHG tại Hậu Giang","Việt Nam","Hộp 24 gói x 1,5g","CÔNG TY CỔ PHẦN DƯỢC HẬU GIANG",{"v":1800,"d":"1,800"},{"v":1800,"d":"1,800"},null,{"v":3240000,"d":"3,240,000"}]
[126,58,"Bisoprolol fumarat","Bisoprolol fumarat 5mg","Biscapro 5","VD-28289-17","5mg","Viên nén bao phim",null,"Uống","Viên","Công ty cổ phần Pymepharco","Việt Nam","Hộp 3 vỉ x 10 viên","CÔNG TY CỔ PHẦN PYMEPHARCO",450,600,null,{"v":270000,"d":"270,000"}]
[127,77,"Cefixim (dưới dạng cefixim trihydrat) ","Cefixime 100mg",null,"VD-32524-19","100mg","Thuốc cốm pha hỗn dịch",null,"Uống","Gói","Công ty CPDP Minh Dân","Việt Nam","Hộp 10 gói x 1,4g","CÔNG TY CỔ PHẦN DƯỢC PHẨM MINH DÂN ",982,{"v":1000,"d":"1,000"},null,{"v":982000,"d":"982,000"}]
[128,78,"Cefixim (dưới dạng Cefixim trihydrat)","Midefix 200",null,"VD-27952-17","200mg","Bột pha hỗn dịch uống",null,"Uống","Gói","Công ty CPDP Minh Dân","Việt Nam","Hộp 10 gói x 2,8g","CÔNG TY CỔ PHẦN DƯỢC PHẨM MINH DÂN ",{"v":6800,"d":"6,800"},500,null,{"v":3400000,"d":"3,400,000"}]
[129,85,"Cefpodoxim (dưới dạng Cefpodoxim proxetil)","Ceforipin 200",null,"VD-20481-14","200mg","Viên nén bao phim",null,"Uống","Viên","Công ty cổ phần dược phẩm TV.Pharm","Việt Nam","Hộp 3 vỉ x 10 viên","CÔNG TY TNHH HỒNG PHÚC BẢO",{"v":12000,"d":"12,000"},{"v":6000,"d":"6,000"},null,{"v":72000000,"d":"72,000,000"}]
[130,95,"Cefuroxim (dưới dạng Cefuroxim axetil) ","Cefuroxime 125mg",null,"VD-23598-15","125mg","Bột pha hỗn dịch uống",null,"Uống","Gói","Công ty CPDP Minh Dân","Việt Nam","Hộp 10 gói x 3,5g","CÔNG TY CỔ PHẦN DƯỢC PHẨM MINH DÂN ",{"v":1675,"d":"1,675"},{"v":10000,"d":"10,000"},null,{"v":16750000,"d":"16,750,000"}]
[131,98,"Cefuroxim (dưới dạng Cefuroxim axetil)","Haginat 250",null,"VD-26007-16","250mg","Viên nén bao phim",null,"Uống","Viên","CTCP Dược Hậu Giang - CN nhà máy DP DHG tại Hậu Giang","Việt Nam","Hộp 2 vỉ x 5 viên","CÔNG TY CỔ PHẦN DƯỢC HẬU GIANG",{"v":2160,"d":"2,160"},{"v":4000,"d":"4,000"},null,{"v":8640000,"d":"8,640,000"}]
[132,100,"Cefuroxim (dưới dạng cefuroxim axetil)","CEFUROXIM 500mg",null,"VD-31978-19","500mg","Viên nén bao phim",null,"Uống","Viên","Chi nhánh công ty cổ phần dược phẩm trung ương Vidipha Bình Dương","Việt Nam","Hộp 10 vỉ x 10 viên","CÔNG TY CỔ PHẦN DƯỢC PHẨM TRUNG ƯƠNG VIDIPHA",{"v":3150,"d":"3,150"},{"v":7500,"d":"7,500"},null,{"v":23625000,"d":"23,625,000"}]
[133,154,"Esomeprazol (dưới dạng Esomeprazol (magnesi dihydrat) vi hạt 22%)","Stadnex 20 CAP",null,"VD-22345-15","20mg","Viên nang cứng",null,"Uống","Viên","Công ty TNHH Liên doanh Stellapharm – Chi nhánh 1","Việt Nam","Hộp 4 vỉ x 7 viên","CÔNG TY TNHH DƯỢC PHẨM KHƯƠNG DUY",{"v":2725,"d":"2,725"},{"v":100000,"d":"100,000"},null,{"v":272500000,"d":"272,500,000"}]
[134,156,"Esomeprazol (dưới dạng vi hạt esomeprazol magnesi dihydrat)","STADNEX 40 CAP",null,"VD-22670-15","40mg","Viên nang cứng ",null,"Uống","Viên ","Công ty TNHH Liên doanh Stellapharm -  Chi nhánh 1","Việt Nam","Hộp 4 vỉ x 7 viên ","CÔNG TY CỔ PHẦN GONSA",{"v":7500,"d":"7,500"},{"v":30000,"d":"30,000"},null,{"v":225000000,"d":"225,000,000"}]
[135,162,"Fexofenadin HCl","Fegra 180",null,"VD-20324-13","180mg","Viên nén bao phim",null,"Uống","Viên","Công ty cổ phần Pymepharco","Việt Nam","Hộp 1 vỉ x 10 viên","CÔNG TY CỔ PHẦN PYMEPHARCO",{"v":4900,"d":"4,900"},{"v":75000,"d":"75,000"},null,{"v":367500000,"d":"367,500,000"}]
[136,164,"Fexofenadin hydroclorid","Danapha - Telfadin",null,"VD-24082-16","60mg","Viên nén bao phim",null,"Uống","Viên","Công ty Cổ phần Dược Danapha","Việt Nam","Hộp 1 vỉ x 10 viên","CÔNG TY CỔ PHẦN DƯỢC DANAPHA",{"v":1890,"d":"1,890"},{"v":45000,"d":"45,000"},null,{"v":85050000,"d":"85,050,000"}]
[137,175,"Gabapentin","GabaHasan 300",null,"VD-22004-14","300mg","Viên nang cứng",null,"Uống","Viên","Công ty TNHH Hasan - Dermapharm","Việt Nam","Hộp 3 vỉ, 10 vỉ x 10 viên","CÔNG TY TNHH DƯỢC PHẨM VIỆT ĐỨC ",{"v":2919,"d":"2,919"},{"v":2500,"d":"2,500"},null,{"v":7297500,"d":"7,297,500"}]
[138,178,"Gliclazid","Pyme Diapro MR",null,"VD-22608-15","30mg","Viên nén phóng thích kéo dài",null,"Uống","Viên","Công ty cổ phần Pymepharco","Việt Nam","Hộp 2 vỉ x 30 viên","CÔNG TY CỔ PHẦN PYMEPHARCO",280,{"v":3000,"d":"3,000"},null,{"v":840000,"d":"840,000"}]
[139,234,"Losartan kali","SaVi Losartan 50",null,"VD-29122-18","50mg","Viên nén bao phim",null,"Uống","Viên","Công ty CPDP SaVi","Việt Nam","Hộp 3 vỉ x 10 viên","CÔNG TY CỔ PHẦN DƯỢC PHẨM SAVI",930,{"v":6000,"d":"6,000"},null,{"v":5580000,"d":"5,580,000"}]
[140,244,"Metformin hydrochlorid","Metsav 1000",null,"VD-25263-16","1000mg","Viên nén bao phim",null,"Uống","Viên","Công ty CPDP SaVi","Việt Nam","Hộp 10 vỉ x 10 viên","CÔNG TY CỔ PHẦN DƯỢC PHẨM SAVI",985,500,null,{"v":492500,"d":"492,500"}]
[141,300,"Acetaminophen + Tramadol HCl","Tatanol Ultra",null,"VD-28305-17","325mg + 37,5mg","Viên nén bao phim",null,"Uống","Viên","Công ty cổ phần Pymepharco","Việt Nam","Hộp 3 vỉ x 10 viên","CÔNG TY CỔ PHẦN PYMEPHARCO",{"v":2300,"d":"2,300"},{"v":2000,"d":"2,000"},null,{"v":4600000,"d":"4,600,000"}]
[142,363,"Tenofovir disoproxil fumarat","Tenfovix",null,"VD-20041-13","300mg","Viên nén bao phim",null,"Uống","Viên","Công ty cổ phần Pymepharco","Việt Nam","Hộp 3 vỉ x 10 viên","CÔNG TY CỔ PHẦN PYMEPHARCO",{"v":4800,"d":"4,800"},{"v":670000,"d":"670,000"},null,{"v":3216000000,"d":"3,216,000,000"}]
[]
["TỔNG CỘNG",{"$nulls":15},{"v":20,"d":"20.00"},null,{"v":4350717000,"d":"4,350,717,000.00 "}]
["Nhóm 4: Thuốc được sản xuất toàn bộ trên dây chuyền sản xuất tại Việt Nam được cơ quan quản lý dược Việt Nam đánh giá đạt nguyên tắc, tiêu chuẩn WHO-GMP."]
[143,4,"Aciclovir","Aciclovir 200mg",null,"VD-22934-15","200mg","Viên nén",null,"Uống","Viên","Công ty CPDP Minh Dân","Việt Nam","Hộp 10 vỉ x 10 viên","CÔNG TY CỔ PHẦN DƯỢC PHẨM MINH DÂN ",435,300,null,{"v":130500,"d":"130,500"}]
[144,8,"Aciclovir ","Acyclovir",null,"VD-24956-16","5%","Kem bôi da","Tuýp 5g","Dùng ngoài","Tuýp","Công ty cổ phần dược Medipharco","Việt Nam","Hộp 1 tuýp 5 gam","CÔNG TY TNHH ĐẦU TƯ NHẬP KHẨU DƯỢC ĐÔNG NAM Á",{"v":4200,"d":"4,200"},100,null,{"v":420000,"d":"420,000"}]
[145,11,"Acid amin","Amiparen -10",null,"VD-15932-11","10%","Dung dịch tiêm truyền tĩnh mạch","Chai/Túi 500ml","Tiêm tuyền","Chai","Công ty cổ phần dược phẩm Otsuka Việt Nam","Việt Nam","Chai 500ml","CÔNG TY CỔ PHẦN DƯỢC PHẨM TRUNG ƯƠNG CODUPHA",{"v":79000,"d":"79,000"},{"v":1200,"d":"1,200"},null,{"v":94800000,"d":"94,800,000"}]
[146,19,"Alpha chymotrypsin ","α - Chymotrypsin",null,"VD-22580-15","4200 UI","Viên nén",null,"Uống","Viên","CÔNG TY CỔ PHẦN DƯỢC - TRANG THIẾT BỊ Y TẾ BÌNH ĐỊNH (BIDIPHAR)","Việt Nam","Hộp 3 vỉ x 10 viên","CÔNG TY CỔ PHẦN DƯỢC - TRANG THIẾT BỊ Y TẾ BÌNH ĐỊNH (BIDIPHAR)",210,{"v":10000,"d":"10,000"},null,{"v":2100000,"d":"2,100,000"}]
[147,20,"Chymotrypsin ","Alphachymotrypsin - BVP 8400",null,"VD-20618-14","8400 IU","Viên nén",null,"Uống","Viên","Công ty TNHH BRV Healthcare","Việt Nam","Hộp 100 viên","CÔNG TY TNHH TM DV NGUYỄN GIA",{"v":1900,"d":"1,900"},{"v":10000,"d":"10,000"},null,{"v":19000000,"d":"19,000,000"}]
[148,21,"Alpha lipoic acid","Ubiheal 100",null,"VD-30447-18","100mg","Viên nang mềm","Viên","Uống","Viên","Công ty cổ phần dược phẩm Nam Hà","Việt Nam","Hộp 5 vỉ x 6 viên","CÔNG TY TNHH DƯỢC PHẨM VẠN CƯỜNG PHÁT",{"v":4400,"d":"4,400"},{"v":30000,"d":"30,000"},null,{"v":132000000,"d":"132,000,000"}]
[149,22,"Acid thioctic","Newitacid",null,"VD-32689-19","200mg","Viên nén bao phim",null,"Uống","Viên","Công ty cổ phần Korea United Pharm. Int'l","Việt Nam","Hộp 10 vỉ x 10 viên","CÔNG TY CỔ PHẦN DƯỢC PHẨM ĐẠI TÍN ",{"v":7330,"d":"7,330"},{"v":10000,"d":"10,000"},null,{"v":73300000,"d":"73,300,000"}]
[150,25,"Ambroxol hydroclorid ","DEXCORIN",null,"VD-28407-17","30mg/5ml","Dung dịch uống",null,"Uống","Gói","Công ty liên doanh dược phẩm Mebiphar - Austrapharm","Việt Nam","Hộp 30 gói","CÔNG TY TNHH TM DƯỢC PHẨM ÚC CHÂU",{"v":1680,"d":"1,680"},{"v":5000,"d":"5,000"},null,{"v":8400000,"d":"8,400,000"}]
[151,29,"Amitriptylin hydroclorid","Amitriptylin 25mg",null,"VD-31039-18","25mg","Viên nén bao phim",null,"Uống","Viên","Công ty Cổ phần Dược Danapha","Việt Nam","Hộp 1 lọ x 100 viên","CÔNG TY CỔ PHẦN DƯỢC DANAPHA",154,{"v":10000,"d":"10,000"},null,{"v":1540000,"d":"1,540,000"}]
[152,36,"Ampicillin (dưới dạng Ampicillin natri)","Ampicillin 1g",null,"VD-24793-16","1g","Bột pha tiêm",null,"Tiêm","Lọ","Công ty CPDP Minh Dân","Việt Nam","Hộp 50 lọ","CÔNG TY CỔ PHẦN DƯỢC PHẨM MINH DÂN ",{"v":5283,"d":"5,283"},{"v":1000,"d":"1,000"},null,{"v":5283000,"d":"5,283,000"}]
[153,38,"Alpha Amylase + Papain + Simethicon","ENTERPASS",null,"VD-26873-17 ","100mg + 100mg + 30mg","Viên nang mềm ",null,"Uống","Viên","Công ty cổ phần dược phẩm Me Di Sun","Việt Nam","Hộp 10 vỉ x 10 viên ","CÔNG TY CỔ PHẦN GONSA",{"v":1800,"d":"1,800"},{"v":75000,"d":"75,000"},null,{"v":135000000,"d":"135,000,000"}]
[154,39,"Arginin HCl","SIQUEIRA",null,"VD-21991-14","500mg","Viên nang cứng",null,"Uống","Viên","Công ty CP DP Đạt Vi Phú","Việt Nam","Hộp 6 vỉ x 10 viên","CÔNG TY TNHH DP TÂM ĐAN ",760,{"v":2000,"d":"2,000"},null,{"v":1520000,"d":"1,520,000"}]
[155,41,"Azithromycin (dưới dạng Azithromycin dihydrat)","Azithromycin 100",null,"VD-27557-17","100mg","Thuốc bột pha hỗn dịch uống",null,"Uống","Gói","CTCP Dược Hậu Giang - CN nhà máy DP DHG tại Hậu Giang","Việt Nam","Hộp 24 gói x 0,75g","CÔNG TY CỔ PHẦN DƯỢC HẬU GIANG",{"v":1700,"d":"1,700"},500,null,{"v":850000,"d":"850,000"}]
[156,45,"Bacillus claussii","ENTEROGRAN",null,"QLSP-954-16","2 tỷ bào tử","Thuốc bột",null,"Uống","Gói","Công ty CP Vắc xin và Sinh phẩm Nha Trang","Việt Nam","Hộp 20 gói x 1g","CÔNG TY CỔ PHẦN DƯỢC PHẨM BẾN TRE",{"v":3150,"d":"3,150"},{"v":12000,"d":"12,000"},null,{"v":37800000,"d":"37,800,000"}]
[157,47,"Bacillus subtilis","DOMUVAR",null,"QLSP-902-15 ","2x10^9 CFU/5ml","Hỗn dịch uống",null,"Uống","Ống","Công ty cổ phần dược phẩm CPC1 Hà Nội","Việt Nam","Hộp 8 vỉ x 5 ống nhựa x 5ml/ống ","CÔNG TY CỔ PHẦN GONSA",{"v":5500,"d":"5,500"},{"v":6000,"d":"6,000"},null,{"v":33000000,"d":"33,000,000"}]
[158,49,"Benzylpenicilin Natri","Benzylpenicillin 1.000.000 IU",null,"VD-24794-16","1MUI","Thuốc bột pha tiêm",null,"Tiêm","Lọ","Công ty CPDP Minh Dân","Việt Nam","Hộp 50 lọ","CÔNG TY CỔ PHẦN DƯỢC PHẨM MINH DÂN ",{"v":3310,"d":"3,310"},{"v":2000,"d":"2,000"},null,{"v":6620000,"d":"6,620,000"}]
[159,52,"Betahistin dihydrochlorid","Betahistin 16 A.T",null,"VD-24741-16","16mg","Viên nén",null,"Uống","Viên","Công ty Cổ phần Dược phẩm An Thiên","Việt Nam","Hộp 10 vỉ x 10 viên","CÔNG TY CỔ PHẦN DƯỢC PHẨM AN THIÊN ",210,{"v":6000,"d":"6,000"},null,{"v":1260000,"d":"1,260,000"}]
[160,56,"Bismuth oxyd (dưới dạng Tripotassium dicitrato Bismuthat (TDB))","BISNOL",null,"VD-28446-17 ","120mg","Viên nén bao phim ",null,"Uống","Viên","Công ty cổ phần dược phẩm Đạt Vi Phú","Việt Nam","Hộp 6 vỉ x 10 viên ","CÔNG TY CỔ PHẦN GONSA",{"v":3950,"d":"3,950"},{"v":4000,"d":"4,000"},null,{"v":15800000,"d":"15,800,000"}]
[161,59,"Bromhexin hydroclorid","Bromhexine A.T",null,"VD-25652-16","4mg/5ml","Dung dịch uống",null,"Uống","Gói","Công Ty Cổ Phần Dược Phẩm An Thiên","Việt Nam","Hộp 30 gói x 5ml","CÔNG TY TNHH DƯỢC PHẨM AT & C",{"v":2058,"d":"2,058"},{"v":25000,"d":"25,000"},null,{"v":51450000,"d":"51,450,000"}]
[162,60,"Bromhexin hydroclorid","Bromhexine A.T",null,"VD-25652-16","4mg/5ml","Dung dịch uống","Chai/lọ 60ml","Uống","Chai","Công ty Cổ phần Dược phẩm An Thiên","Việt Nam","Hộp 1 chai x 60 ml","CÔNG TY CỔ PHẦN DƯỢC PHẨM AN THIÊN ",{"v":9009,"d":"9,009"},200,null,{"v":1801800,"d":"1,801,800"}]
[163,61,"Bromhexin hydroclorid","Bromhexine A.T",null,"VD-25652-16","4mg/5ml","Dung dịch uống","Gói/ống 10ml","Uống","Ống","Công ty cổ phần dược phẩm An Thiên","Việt Nam","Hộp 30 ống x 10ml","CÔNG TY TNHH ĐẦU TƯ NHẬP KHẨU DƯỢC ĐÔNG NAM Á",{"v":5186,"d":"5,186"},{"v":21000,"d":"21,000"},null,{"v":108906000,"d":"108,906,000"}]
[164,63,"Calci carbonat + Vitamin D3","Caldihasan",null,"VD-20539-14","1.250mg + 125UI","Viên nén",null,"Uống","Viên","Công ty TNHH Hasan - Dermapharm","Việt Nam","Hộp 3 vỉ x 10 viên","CÔNG TY TNHH DƯỢC PHẨM VIỆT ĐỨC ",840,{"v":10000,"d":"10,000"},null,{"v":8400000,"d":"8,400,000"}]
[165,64,"Calci clorid dihydrat","Calci clorid 500mg/ 5ml",null,"VD-22935-15","500mg/ 5ml ","Dung dịch tiêm","Lọ/ống 5ml","Tiêm","Ống","Công ty CPDP Minh Dân","Việt Nam","Hộp 50 ống x 5ml","CÔNG TY CỔ PHẦN DƯỢC PHẨM MINH DÂN ",897,{"v":5000,"d":"5,000"},null,{"v":4485000,"d":"4,485,000"}]
[166,66,"Calci glycerophosphat + Magnesi gluconat","Notired Eff Strawberry",null,"VD-23875-15","456mg + 426mg","Viên nén sủi",null,"Uống","Viên","Công ty cổ phần Dược-TTBYT Bình Định (Bidiphar)","Việt Nam","Hộp 5 vỉ x 4 viên","CÔNG TY CỔ PHẦN SUNDIAL PHARMA",{"v":4284,"d":"4,284"},{"v":14000,"d":"14,000"},null,{"v":59976000,"d":"59,976,000"}]
[167,67,"Cao cardus marianus, Thiamin nitrat, Pyridoxin HCl, Riboflavin, Nicotinamid, Calcium pantothenat ","SEOUL CIGENOL","SEOULCIGENOL ","VD-15608-11","200mg, 8mg, 8mg, 8mg, 24mg, 16mg","Viên nang mềm",null,"Uống","Viên","Công ty TNHH Phil Inter Pharma","Việt Nam","Hộp 12 vỉ x 5 viên","CÔNG TY TNHH DƯỢC PHẨM VÀ TRANG THIẾT BỊ Y TẾ THÀNH LONG ",{"v":2750,"d":"2,750"},{"v":20000,"d":"20,000"},null,{"v":55000000,"d":"55,000,000"}]
[168,70,"Carbocistein","Rocamux",null,"VD-18836-13","250mg","Viên nang cứng",null,"Uống","Viên","Công ty Roussel Việt Nam","Việt Nam","Hộp 10 vỉ x 10 viên","CÔNG TY TNHH HỒNG PHÚC BẢO",990,500,null,{"v":495000,"d":"495,000"}]
[169,71,"Cefaclor (dưới dạng Cefaclor monohydrat)","Cefaclor 125mg",null,"VD-21657-14","125mg","Bột pha hỗn dịch uống",null,"Uống","Gói","Công ty CPDP Minh Dân","Việt Nam","Hộp 10 gói x 1,4g","CÔNG TY CỔ PHẦN DƯỢC PHẨM MINH DÂN ",{"v":1186,"d":"1,186"},500,null,{"v":593000,"d":"593,000"}]
[170,72,"Cephalexin (dưới dạng Cephalexin monohydrat)","Cephalexin 500mg",null,"VD-18312-13","500mg","Viên nang cứng",null,"Uống","Viên","Công ty CPDP Minh Dân","Việt Nam","Hộp 10 vỉ x 10 viên","CÔNG TY CỔ PHẦN DƯỢC PHẨM MINH DÂN ",792,{"v":2500,"d":"2,500"},null,{"v":1980000,"d":"1,980,000"}]
[171,73,"Cefdinir","Dentimex 125mg/5ml",null,"VD-32894-19","125mg/5ml","Bột pha hỗn dịch uống","Chai/lọ 30ml","Uống","Lọ","Công ty cổ phần dược phẩm Trung ương 2","Việt Nam","Hộp 1 lọ bột pha 30 ml hỗn dịch uống","CÔNG TY TNHH DƯỢC PHẨM TPVN",{"v":80900,"d":"80,900"},600,null,{"v":48540000,"d":"48,540,000"}]
[172,74,"Cefdinir","Obanir 250",null,"VD-30070-18","250mg","Bột pha hỗn dịch uống",null,"Uống","Gói","Chi nhánh công ty cổ phần Armephaco- Xí nghiệp dược phẩm 150","Việt Nam","Hộp 20 gói x 3g","CÔNG TY TNHH DƯỢC PHẨM VẠN CƯỜNG PHÁT",{"v":9450,"d":"9,450"},{"v":1000,"d":"1,000"},null,{"v":9450000,"d":"9,450,000"}]
[173,75,"Cefdinir","Midaxin 300",null,"VD-22947-15","300mg","Viên nang cứng",null,"Uống","Viên","Công ty CPDP Minh Dân","Việt Nam","Hộp 1 túi x 1 vỉ x 10 viên","CÔNG TY CỔ PHẦN DƯỢC PHẨM MINH DÂN ",{"v":2650,"d":"2,650"},600,null,{"v":1590000,"d":"1,590,000"}]
[174,82,"Cefoperazo + Sulbactam (dưới dạng hỗn hợp bột Cefoperazol natri và Sulbactam natri)","Midapezon 1g/1g",null,"VD-29799-18","1g + 1g","Bột pha tiêm",null,"Tiêm","Lọ","Công ty CPDP Minh Dân","Việt Nam","Hộp 1 lọ","CÔNG TY CỔ PHẦN DƯỢC PHẨM MINH DÂN ",{"v":14570,"d":"14,570"},{"v":1500,"d":"1,500"},null,{"v":21855000,"d":"21,855,000"}]
[175,83,"Cefpodoxim (dưới dạng Cefpodoxim proxetil)","Cendromid 100",null,"VD-24231-16","100mg","Viên nang cứng",null,"Uống","Viên","Công ty CPDP Minh Dân","Việt Nam","Hộp 1 túi x 1 vỉ x 10 viên","CÔNG TY CỔ PHẦN DƯỢC PHẨM MINH DÂN ",{"v":1263,"d":"1,263"},{"v":2500,"d":"2,500"},null,{"v":3157500,"d":"3,157,500"}]
[176,86,"Cefpodoxim (dưới dạng Cefpodoxim proxetil)","Cefodomid 200",null,"VD-24228-16","200mg","Viên nang cứng",null,"Uống","Viên","Công ty CPDP Minh Dân","Việt Nam","Hộp 1 túi x 1 vỉ x 10 viên","CÔNG TY CỔ PHẦN DƯỢC PHẨM MINH DÂN ",{"v":1653,"d":"1,653"},{"v":6000,"d":"6,000"},null,{"v":9918000,"d":"9,918,000"}]
[177,88,"Cefprozil (dưới dạng Ceprozil monohydrat)","Cefdiri 250",null,"VD-32368-19","250mg","Viên nén bao phim",null,"Uống","Viên","Công ty cổ phần dược phẩm Me Di Sun","Việt Nam","Hộp 1 vỉ x 10 viên","CÔNG TY TNHH DƯỢC PHẨM SONG KHANH ",{"v":16200,"d":"16,200"},{"v":4000,"d":"4,000"},null,{"v":64800000,"d":"64,800,000"}]
[178,89,"Cefprozil","Cefprozil 500-US",null,"VD-27638-17","500mg","Viên nén bao phim ",null,"Uống","Viên","Công ty Cổ phần US Pharma USA","Việt Nam","Hộp 1 vỉ x 10 viên","CÔNG TY TNHH TM DV NGUYỄN GIA",{"v":27950,"d":"27,950"},{"v":2500,"d":"2,500"},null,{"v":69875000,"d":"69,875,000"}]
[179,94,"Ceftriaxon (dưới dạng ceftriaxon natri)","Ceftrione 1g",null,"VD-28233-17","1g","Bột pha tiêm",null,"Tiêm","Lọ","CÔNG TY CỔ PHẦN DƯỢC - TRANG THIẾT BỊ Y TẾ BÌNH ĐỊNH (BIDIPHAR)","Việt Nam","Hộp 10 lọ ","CÔNG TY CỔ PHẦN DƯỢC - TRANG THIẾT BỊ Y TẾ BÌNH ĐỊNH (BIDIPHAR)",{"v":6489,"d":"6,489"},{"v":20000,"d":"20,000"},null,{"v":129780000,"d":"129,780,000"}]
[180,104,"Clorpheniramin maleat","CLORPHENIRAMIN 4mg","CLORPHENIRAMIN","VD-29879-18","4mg","Viên nén",null,"Uống","Viên","Chi nhánh công ty cổ phần dược phẩm trung ương Vidipha Bình Dương","Việt Nam","Hộp 10 vỉ x 20 viên","CÔNG TY CỔ PHẦN DƯỢC PHẨM TRUNG ƯƠNG VIDIPHA",53,{"v":200000,"d":"200,000"},null,{"v":10600000,"d":"10,600,000"}]
[181,107,"Ciprofloxacin (dưới dạng ciprofloxacin lactat)","CIPROFLOXACIN KABI",null,"VD-20943-14","200mg/100ml","Dung dịch tiêm truyền ","Chai/Túi 100ml","Tiêm","Chai ","Công ty Cổ phần Fresenius Kabi Việt Nam","Việt Nam","Hộp 48 chai 100ml ","CÔNG TY CỔ PHẦN GONSA",{"v":17575,"d":"17,575"},500,null,{"v":8787500,"d":"8,787,500"}]
[182,110,"Clonidin hydroclorid","Tepirace",null,"VD-30352-18","0,15mg","Viên nén",null,"Uống","Viên","Công ty cổ phần dược phẩm Đạt Vi Phú","Việt Nam","Hộp 3 vỉ x 10 viên; hộp 10 vỉ x 10 viên","CÔNG TY TNHH DƯỢC PHẨM VÀ TRANG THIẾT BỊ Y TẾ HOÀNG ĐỨC ",{"v":2000,"d":"2,000"},200,null,{"v":400000,"d":"400,000"}]
[183,111,"Cloxacillin (dưới dạng Cloxacillin Natri)","Cloxacilin 500mg",null,"VD-18313-13","500mg","Viên nang cứng ",null,"Uống","Viên","Công ty CPDP Minh Dân","Việt Nam","Hộp 10 vỉ x 10 viên","CÔNG TY CỔ PHẦN DƯỢC PHẨM MINH DÂN ",{"v":1320,"d":"1,320"},{"v":5000,"d":"5,000"},null,{"v":6600000,"d":"6,600,000"}]
[184,115,"Colistin","Colirex 1MIU",null,"VD-21825-14 ","1MIU","Thuốc bột đông khô pha tiêm, phun khí dung",null,"Tiêm/Khí dung","Lọ","Công ty Cổ phần Dược-TTBYT Bình Định (Bidiphar)","Việt Nam","Hộp 1 lọ + 1 ống dung môi natri clorid 0,9% 5ml","CÔNG TY CỔ PHẦN SUNDIAL PHARMA",{"v":359100,"d":"359,100"},{"v":2500,"d":"2,500"},null,{"v":897750000,"d":"897,750,000"}]
[185,117,"Cồn 70°","Alcool 70⁰",null,"VD-31793-19","70°","Thuốc dùng ngoài","Chai/lọ 60ml","Dùng ngoài","Chai","Chi nhánh Công ty Cổ phần Dược phẩm OPC tại Bình Dương - Nhà máy Dược phẩm OPC","Việt Nam","Chai 60ml","CÔNG TY CỔ PHẦN DƯỢC PHẨM OPC",{"v":2468,"d":"2,468"},200,null,{"v":493600,"d":"493,600"}]
[186,119,"Desloratadin","A.T Desloratadin",null,"VD-24131-16","2,5mg/5ml","Dung dịch uống","Chai/lọ 60ml","Uống","Chai","Công Ty Cổ Phần Dược Phẩm An Thiên","Việt Nam","Hộp 1 chai x 60ml","CÔNG TY TNHH DƯỢC PHẨM AT & C",{"v":26481,"d":"26,481"},{"v":2000,"d":"2,000"},null,{"v":52962000,"d":"52,962,000"}]
[187,120,"Desloratadin","Setbozi",null,"VD-29079-18","2,5mg","Dung dịch uống","Ống/Gói 5ml","Uống","Ống","Công ty cổ phần Dược phẩm Phương Đông","Việt Nam","Hộp 20 ống x 5ml","CÔNG TY CỔ PHẦN DƯỢC PHẨM TRUNG ƯƠNG CODUPHA",{"v":2100,"d":"2,100"},{"v":10000,"d":"10,000"},null,{"v":21000000,"d":"21,000,000"}]
[188,122,"Desloratadin","DESLORATADIN",null,"VD-23482-15","5mg","Viên nén bao phim",null,"Uống","Viên","Công ty cổ phần dược phẩm 3/2","Việt Nam","Hộp 10 vỉ x 10 viên","CÔNG TY CỔ PHẦN DƯỢC PHẨM 3/2",227,{"v":15000,"d":"15,000"},null,{"v":3405000,"d":"3,405,000"}]
[189,123,"Dexamethason (dưới dạng Dexamethason acetat)","Dexamethasone 0,5mg",null,"VD-27282-17","0,5mg","Viên nén",null,"Uống","Viên","Công ty Cổ phần Hóa - Dược phẩm Mekophar","Việt Nam","Hộp 10 vỉ x 20 viên","CÔNG TY CỔ PHẦN HÓA - DƯỢC PHẨM MEKOPHAR",144,{"v":2000,"d":"2,000"},null,{"v":288000,"d":"288,000"}]
[190,124,"Dexamethason phosphat (dưới dạng Dexamethason natri phosphat)","Dexamethason",null,"VD-25716-16","4mg/1ml","Dung dịch tiêm",null,"Tiêm","Ống","Công ty CPDP Minh Dân","Việt Nam","Hộp 10 ống 1ml","CÔNG TY CỔ PHẦN DƯỢC PHẨM MINH DÂN ",777,{"v":15000,"d":"15,000"},null,{"v":11655000,"d":"11,655,000"}]
[191,125,"Dexclorpheniramin maleat","Anticlor",null,"VD-24738-16","2mg/5ml","Dung dịch uống",null,"Uống","Ống","Công ty cổ phần dược phẩm An Thiên","Việt Nam","Hộp 30 ống x 5ml","CÔNG TY TNHH ĐẦU TƯ NHẬP KHẨU DƯỢC ĐÔNG NAM Á",{"v":4000,"d":"4,000"},{"v":100000,"d":"100,000"},null,{"v":400000000,"d":"400,000,000"}]
[192,127,"Dextromethorphan HBr","Rodilar",null,"VD-32152-19","15mg","Viên nén bao đường",null,"Uống","Viên","Công ty Cổ phần Hóa - Dược phẩm Mekophar","Việt Nam","Hộp 10 vỉ x 10 viên","CÔNG TY CỔ PHẦN HÓA - DƯỢC PHẨM MEKOPHAR",165,{"v":10000,"d":"10,000"},null,{"v":1650000,"d":"1,650,000"}]
[193,129,"Diazepam","Diazepam 10mg/2ml",null,"VD-25308-16","10mg/2ml","Dung dịch tiêm",null,"Tiêm","Ống","Chi nhánh Công ty cổ phần dược phẩm Trung ương Vidipha Tỉnh Bình Dương","Việt Nam","Hộp 10 ống x 2ml","CÔNG TY CỔ PHẦN DƯỢC PHẨM TRUNG ƯƠNG CODUPHA",{"v":4473,"d":"4,473"},{"v":5000,"d":"5,000"},null,{"v":22365000,"d":"22,365,000"}]
[194,131,"Diazepam","Diazepam 5mg",null,"VD-24311-16","5mg","Viên nén",null,"Uống","Viên","Chi nhánh Công ty cổ phần dược phẩm trung ương Vidipha tại Bình Dương","Việt Nam","Hộp 10 vỉ x 10 viên","CÔNG TY CỔ PHẦN DƯỢC PHẨM TRUNG ƯƠNG CODUPHA",240,{"v":10000,"d":"10,000"},null,{"v":2400000,"d":"2,400,000"}]
[195,134,"Diethylphtalat","D.E.P",null,"VS-4958-16","95%","Thuốc mỡ bôi da","Chai/lọ 10g","Bôi da/dùng ngoài","Lọ","Công ty Cổ phần Hóa - Dược phẩm Mekophar","Việt Nam","Hộp 20 lọ x 10g","CÔNG TY CỔ PHẦN HÓA - DƯỢC PHẨM MEKOPHAR",{"v":8000,"d":"8,000"},{"v":1000,"d":"1,000"},null,{"v":8000000,"d":"8,000,000"}]
[196,135,"Digoxin ","DIGOXINEQUALY",null,"VD-31550-19","0,25mg","Viên nén",null,"Uống","Viên","Công ty cổ phần dược phẩm 3/2","Việt Nam","Hộp 1 vỉ x 30 viên","CÔNG TY CỔ PHẦN DƯỢC PHẨM 3/2",630,300,null,{"v":189000,"d":"189,000"}]
[197,137,"Dimenhydrinat","BESTRIP",null,"VD-16871-12","50mg","Viên nén bao phim",null,"Uống","Viên","Công ty CP Dược phẩm Dược liệu Pharmedic","Việt Nam","Hộp 3 Vỉ x 10 Viên","CÔNG TY TNHH MỘT THÀNH VIÊN DƯỢC SÀI GÒN",343,300,null,{"v":102900,"d":"102,900"}]
[198,138,"Dioctahedral smectit","Smail",null,"VD-27687-17","3000 mg","Cốm pha hỗn dịch uống",null,"Uống","Gói","Công ty TNHH BRV Healthcare","Việt Nam","Hộp 30 gói","CÔNG TY TNHH TM-ĐT-XNK H.P CÁT",{"v":1700,"d":"1,700"},{"v":5000,"d":"5,000"},null,{"v":8500000,"d":"8,500,000"}]
[199,140,"Diphenhydramin Hydroclorid","Dimedrol",null,"VD-24899-16","10mg/1ml ","Dung dịch tiêm ",null,"Tiêm","Ống","Công ty cổ phần dược phẩm Vĩnh Phúc","Việt Nam","Hộp 100 ống","CÔNG TY CỔ PHẦN DƯỢC PHẨM VĨNH PHÚC",595,{"v":2000,"d":"2,000"},null,{"v":1190000,"d":"1,190,000"}]
[200,144,"Domperidon (dưới dạng Domperidon maleat)","Modom's",null,"VD-20579-14","10mg","Viên nén bao phim",null,"Uống","Viên","CTCP Dược Hậu Giang - CN nhà máy DP DHG tại Hậu Giang","Việt Nam","Hộp 10 vỉ xé x 10 viên","CÔNG TY CỔ PHẦN DƯỢC HẬU GIANG",159,{"v":32000,"d":"32,000"},null,{"v":5088000,"d":"5,088,000"}]
[201,145,"Domperidon","A.T Domperidon",null,"VD-26743-17","1mg/ml","Hỗn dịch uống","Chai/lọ 30ml","Uống","Chai","Công ty Cổ phần Dược phẩm An Thiên","Việt Nam","Hộp 1 chai x 30 ml","CÔNG TY CỔ PHẦN DƯỢC PHẨM AN THIÊN ",{"v":5460,"d":"5,460"},300,null,{"v":1638000,"d":"1,638,000"}]
[202,146,"Domperidon","A.T Domperidon",null,"VD-26743-17","5mg/5ml","Hỗn dịch uống",null,"Uống","Gói","Công ty Cổ phần Dược phẩm An Thiên","Việt Nam","Hộp 30 gói x 5 ml","CÔNG TY CỔ PHẦN DƯỢC PHẨM AN THIÊN ",{"v":1008,"d":"1,008"},{"v":11000,"d":"11,000"},null,{"v":11088000,"d":"11,088,000"}]
[203,148,"Ebastin","PAMYLTIN-S",null,"VD-26887-17 ","5mg/5ml","Hỗn dịch uống",null,"Uống","Gói","Công ty cổ phần dược phẩm Me Di Sun","Việt Nam","Hộp 20 gói x 5ml ","CÔNG TY CỔ PHẦN GONSA",{"v":5000,"d":"5,000"},{"v":30000,"d":"30,000"},null,{"v":150000000,"d":"150,000,000"}]
[204,151,"Adrenalin (dưới dạng Adrenalin bitartrat)","Adrenalin 1mg/1ml",null,"VD-31774-19","1mg/1ml","Dung dịch tiêm","Lọ/ống 1ml","Tiêm","Ống","Công ty CPDP Minh Dân","Việt Nam","Hộp 10 ống x 1ml","CÔNG TY CỔ PHẦN DƯỢC PHẨM MINH DÂN ",{"v":1460,"d":"1,460"},{"v":10000,"d":"10,000"},null,{"v":14600000,"d":"14,600,000"}]
[205,152,"Eprazinon dihydroclorid","TANACITOUX",null,"VD-20600-14","50mg","Viên nén bao phim",null,"Uống","Viên","Công ty TNHH SX-TM DP Thành Nam","Việt Nam","Hộp 10 vỉ x 15 viên","CÔNG TY TNHH DP TÂM ĐAN ",370,{"v":40000,"d":"40,000"},null,{"v":14800000,"d":"14,800,000"}]
[206,167,"Fluconazol","Zolmed 150",null,"VD-20723-14","150mg","Viên nang cứng",null,"Uống","Viên","Công ty TNHH Dược phẩm Glomed","Việt Nam","Hộp 1 vỉ x 10 viên","CÔNG TY TNHH MỘT THÀNH VIÊN VIMEDIMEX BÌNH DƯƠNG",{"v":1700,"d":"1,700"},{"v":15000,"d":"15,000"},null,{"v":25500000,"d":"25,500,000"}]
[207,171,"Fluvastatin (dưới dạng Fluvastatin natri)","Autifan 20",null,"VD-27803-17","20mg","Viên nang cứng",null,"Uống","Viên ","Công ty cổ phần dược phẩm An Thiên","Việt Nam","Hộp 3 vỉ x 10 viên","CÔNG TY TNHH ĐẦU TƯ NHẬP KHẨU DƯỢC ĐÔNG NAM Á",{"v":4599,"d":"4,599"},{"v":2000,"d":"2,000"},null,{"v":9198000,"d":"9,198,000"}]
[208,172,"Acid Folic","ACID FOLIC 5mg",null,"VD-16826-12","5mg","Viên nén bao phim",null,"Uống","Viên","Công ty cổ phần dược phẩm 3/2","Việt Nam","Hộp 10 vỉ x 10 viên","CÔNG TY CỔ PHẦN DƯỢC PHẨM 3/2",175,{"v":1000,"d":"1,000"},null,{"v":175000,"d":"175,000"}]
[209,173,"Furosemid","BFS-Furosemide 40mg/4ml",null,"VD-25669-16","40mg/4ml","Dung dịch tiêm",null,"Tiêm","Ống","Công ty cổ phần dược phẩm CPC1 Hà Nội","Việt Nam","Hộp 10 túi nhôm x 1 ống nhựa x 4ml","CÔNG TY CỔ PHẦN DƯỢC PHẨM CPC1 HÀ NỘI ",{"v":9450,"d":"9,450"},{"v":3000,"d":"3,000"},null,{"v":28350000,"d":"28,350,000"}]
[210,176,"Gabapentin","Neucotic",null,"VD-27264-17","300mg","Viên nang cứng",null,"Uống","Viên","CÔNG TY CỔ PHẦN DƯỢC - TRANG THIẾT BỊ Y TẾ BÌNH ĐỊNH (BIDIPHAR)","Việt Nam","Hộp 10 vỉ x 10 viên","CÔNG TY CỔ PHẦN DƯỢC - TRANG THIẾT BỊ Y TẾ BÌNH ĐỊNH (BIDIPHAR)",567,{"v":2500,"d":"2,500"},null,{"v":1417500,"d":"1,417,500"}]
[211,179,"Glucose khan (dưới dạng Glucose monohydrat)","GLUCOSE 10%",null,"VD-25876-16 ","10%","Dung dịch tiêm truyền ","Chai/lọ 250ml","Tiêm truyền tĩnh mạch ","Chai ","Công ty Cổ phần Fresenius Kabi Việt Nam","Việt Nam","Thùng 30 chai 250ml ","CÔNG TY CỔ PHẦN GONSA",{"v":10080,"d":"10,080"},{"v":12000,"d":"12,000"},null,{"v":120960000,"d":"120,960,000"}]
[212,180,"Glucose khan","GLUCOSE 30%",null,"VD-23167-15 ","30%","Dung dịch tiêm truyền ","Chai/lọ 250ml","Tiêm truyền tĩnh mạch ","Chai ","Công ty Cổ phần Fresenius Kabi Việt Nam","Việt Nam","Thùng 30 chai 250ml  ","CÔNG TY CỔ PHẦN GONSA",{"v":13440,"d":"13,440"},{"v":2000,"d":"2,000"},null,{"v":26880000,"d":"26,880,000"}]
[213,181,"Glucose khan (dưới dạng Glucose monohydrat)","GLUCOSE 5%",null,"VD-28252-17 ","5%","Dung dịch tiêm truyền ","Chai/lọ 100ml","Tiêm truyền tĩnh mạch ","Chai","Công ty Cổ phần Fresenius Kabi Việt Nam","Việt Nam","Thùng 80 chai nhựa 100ml  ","CÔNG TY CỔ PHẦN GONSA",{"v":8400,"d":"8,400"},{"v":5500,"d":"5,500"},null,{"v":46200000,"d":"46,200,000"}]
[214,185,"Guaiazulen + Dimethicon","GEBHART",null,"VD-27437-17 ","4mg + 3000mg","Gel uống",null,"Uống","Gói","Công ty cổ phần dược phẩm Đạt Vi Phú","Việt Nam","Hộp 30 gói x 10g ","CÔNG TY CỔ PHẦN GONSA",{"v":4200,"d":"4,200"},{"v":1000,"d":"1,000"},null,{"v":4200000,"d":"4,200,000"}]
[215,187,"Haloperidol","Haloperidol 0,5%",null,"VD-28791-18","5mg/1ml","Dung dịch tiêm",null,"Tiêm","Ống","Công ty Cổ phần Dược Danapha","Việt Nam","Hộp 20 ống x 1ml","CÔNG TY CỔ PHẦN DƯỢC DANAPHA",{"v":1785,"d":"1,785"},100,null,{"v":178500,"d":"178,500"}]
[216,190,"Kháng thể kháng vi rút dại","Huyết thanh kháng dại tinh chế (SAR)",null,"QLSP-0778-14","1000 IU","Dung dịch tiêm",null,"Tiêm","Lọ","Viện Vắc xin và Sinh phẩm Y tế (IVAC)","Việt Nam","Hộp 10 lọ x 1000 IU/lọ","CÔNG TY CỔ PHẦN VẮC XIN VÀ SINH PHẨM NAM HƯNG VIỆT",{"v":337050,"d":"337,050"},{"v":10000,"d":"10,000"},null,{"v":3370500000,"d":"3,370,500,000"}]
[217,191,"Globulin kháng độc tố uốn ván","Huyết thanh kháng độc tố uốn ván tinh chế (SAT)",null,"QLSP-1037-17","1500 đvqt (UI)","Dung dịch tiêm","Lọ/Ống 1ml","Tiêm","Ống","Viện Vắc xin và Sinh phẩm Y tế (IVAC)","Việt Nam","Hộp 20 ống, hai vỉ x 1500 đvqt","CÔNG TY CỔ PHẦN VẮC XIN VÀ SINH PHẨM NAM HƯNG VIỆT",{"v":25263,"d":"25,263"},{"v":8000,"d":"8,000"},null,{"v":202104000,"d":"202,104,000"}]
[218,193,"Ibuprofen","Fibyhe - 200",null,"VD-32563-19","200mg","Thuốc cốm sủi bọt",null,"Uống","Gói","Công ty Cổ Phần Dược Vật Tư Y Tế Hà Nam","Việt Nam","Hộp 12 gói","CÔNG TY TNHH THƯƠNG MẠI DƯỢC PHẨM NAM KHANG",{"v":7000,"d":"7,000"},{"v":3500,"d":"3,500"},null,{"v":24500000,"d":"24,500,000"}]
[219,200,"Isoniazid","Meko INH 150",null,"VD-32143-19","150mg","Viên nén",null,"Uống","Viên","Công ty Cổ phần Hóa - Dược phẩm Mekophar","Việt Nam","Hộp 1 chai x 100 viên","CÔNG TY CỔ PHẦN HÓA - DƯỢC PHẨM MEKOPHAR",174,{"v":25000,"d":"25,000"},null,{"v":4350000,"d":"4,350,000"}]
[220,201,"Itraconazol (dưới dạng Itraconazol 22% kl/kl)","IFATRAX",null,"VD-31570-19","100mg","Viên nang cứng",null,"Uống","Viên","CN Công ty CPDP Agimexpharm - Nhà máy SX DP Agimexpharm","Việt Nam","Hộp 1 vỉ x 4 viên","CÔNG TY CỔ PHẦN DƯỢC PHẨM AGIMEXPHARM",{"v":4650,"d":"4,650"},{"v":30000,"d":"30,000"},null,{"v":139500000,"d":"139,500,000"}]
[221,202,"Ivermectin","Envix 3",null,"VD-32325-19","3mg","Viên nén",null,"Uống","Viên","Công ty liên doanh Meyer-BPC","Việt Nam","Hộp 1 vỉ x 4 viên","CÔNG TY TNHH ĐẦU TƯ NHẬP KHẨU DƯỢC ĐÔNG NAM Á",{"v":9345,"d":"9,345"},{"v":5000,"d":"5,000"},null,{"v":46725000,"d":"46,725,000"}]
[222,203,"Ivermectin","PIZAR-6",null,"VD-18099-12","6mg","Viên nén dài",null,"Uống","Viên","Công ty CP DP Đạt Vi Phú","Việt Nam","Hộp 1 vỉ x 4 viên","CÔNG TY TNHH DP TÂM ĐAN ",{"v":42000,"d":"42,000"},{"v":200000,"d":"200,000"},null,{"v":8400000000,"d":"8,400,000,000"}]
[223,204,"Kali clorid","KALI CLORID KABI 10%",null,"VD-19566-13","10%","Dung dịch tiêm ","Chai/lọ/ống 10ml","Tiêm tĩnh mạch ","Ống","Công ty Cổ phần Fresenius Kabi Việt Nam","Việt Nam","Hộp 50 ống x 10ml ","CÔNG TY CỔ PHẦN GONSA",{"v":1449,"d":"1,449"},{"v":35000,"d":"35,000"},null,{"v":50715000,"d":"50,715,000"}]
[224,205,"Kali clorid","KALI CLORID",null,"VD-33359-19","500mg","Viên nén",null,"Uống","Viên","Công ty cổ phần dược phẩm 2/9 TP HCM","Việt Nam","Hộp 10 vỉ x 10 viên","CÔNG TY TNHH MỘT THÀNH VIÊN DƯỢC SÀI GÒN",745,{"v":75000,"d":"75,000"},null,{"v":55875000,"d":"55,875,000"}]
[225,208,"Kẽm (dưới dạng Kẽm gluconat)","BOSUZINC",null,"VD-29692-18","10mg/5ml","Siro",null,"Uống","Gói","Công ty CPDP Bến Tre","Việt Nam","Hộp 20 gói x 5ml","CÔNG TY CỔ PHẦN DƯỢC PHẨM BẾN TRE",{"v":2142,"d":"2,142"},{"v":150000,"d":"150,000"},null,{"v":321300000,"d":"321,300,000"}]
[226,210,"Ketoconazol","Ketoconazol",null,"VD-23197-15","2%","Kem bôi da","Tuýp 10g","Dùng ngoài","Tuýp","Công ty cổ phần dược Medipharco","Việt Nam","Hộp 1 tuýp 10 gam","CÔNG TY TNHH ĐẦU TƯ NHẬP KHẨU DƯỢC ĐÔNG NAM Á",{"v":5355,"d":"5,355"},200,null,{"v":1071000,"d":"1,071,000"}]
[227,211,"Lactobacillus acidophilus","BACIVIT-H",null,"QLSP-834-15","10^9CFU","Thuốc bột uống",null,"Uống","Gói","Công ty liên doanh dược phẩm Mebiphar - Austrapharm","Việt Nam","Hộp 100 gói x 1g","CÔNG TY TNHH TM DƯỢC PHẨM ÚC CHÂU",900,{"v":70000,"d":"70,000"},null,{"v":63000000,"d":"63,000,000"}]
[228,215,"Lamivudin","LAMIVUDIN 150","LAMIVUDIN 150mg","VD-24876-16","150mg","Viên nén bao phim",null,"Uống","Viên","Chi nhánh công ty cổ phần dược phẩm trung ương Vidipha Bình Dương","Việt Nam","Hộp 10 vỉ x 10 viên","CÔNG TY CỔ PHẦN DƯỢC PHẨM TRUNG ƯƠNG VIDIPHA",945,{"v":15000,"d":"15,000"},null,{"v":14175000,"d":"14,175,000"}]
[229,221,"Levofloxacin (dưới dạng Levofloxacin hemihydrat)","Lefvox-750",null,"VD-31088-18","750mg","Viên nén bao phim",null,"Uống","Viên","Công ty Cổ phần Dược phẩm Đạt Vi Phú","Việt Nam","Hộp 3 vỉ x 10 viên","CÔNG TY TNHH DƯỢC PHẨM VÀ MỸ PHẨM MỸ TRUNG ",{"v":5990,"d":"5,990"},{"v":7000,"d":"7,000"},null,{"v":41930000,"d":"41,930,000"}]
[230,223,"Levofloxacin (dưới dạng Levofloxacin hemihydrat)","GALOXCIN 750",null,"VD-19022-13","750mg/150ml","Dung dịch tiêm truyền","Chai/Lọ/Túi 150ml","Tiêm truyền","Lọ","Công ty cổ phần Dược phẩm Trung Ương 1 - Pharbaco","Việt Nam","Hộp 1 lọ 150ml","CÔNG TY TNHH DƯỢC PHẨM HELIOS",{"v":130000,"d":"130,000"},750,null,{"v":97500000,"d":"97,500,000"}]
[231,224,"Levosulpirid","EVALDEZ",null,"VD-18841-13","50mg","Viên nén",null,"Uống","Viên","Công ty CPDP Đạt Vi Phú","Việt Nam","Hộp 6 vỉ x 10 viên","CÔNG TY TNHH DP TÂM ĐAN ",{"v":3300,"d":"3,300"},{"v":36000,"d":"36,000"},null,{"v":118800000,"d":"118,800,000"}]
[232,226,"Linagliptin","LINLIPTIN 5mg",null,"VD-34415-20","5mg","Viên nén bao phim",null,"Uống","Viên","Công ty liên doanh Meyer-BPC","Việt Nam","Hộp 3 vỉ x 10 viên","CÔNG TY TNHH DƯỢC PHẨM THÁI TÚ",{"v":8800,"d":"8,800"},300,null,{"v":2640000,"d":"2,640,000"}]
[233,227,"Linezolid","Forlen",null,"VD-19658-13","600mg","Viên nén bao phim",null,"Uống","Viên","Công ty Cổ phần Dược phẩm Đạt Vi Phú","Việt Nam","Hộp 2 vỉ x 10 viên","CÔNG TY TNHH DƯỢC PHẨM ĐẠI DƯƠNG ",{"v":9770,"d":"9,770"},{"v":1000,"d":"1,000"},null,{"v":9770000,"d":"9,770,000"}]
[234,232,"L-Ornithin L-Aspartat","Melopower",null,"VD-25848-16","300mg","Viên nang mềm",null,"Uống","Viên","Cty cổ phần Dược TW Mediplantex","Việt Nam","Hộp 12 vỉ x 5 viên","CÔNG TY CỔ PHẦN DƯỢC PHẨM AN PHÚ MINH ",{"v":2880,"d":"2,880"},{"v":9000,"d":"9,000"},null,{"v":25920000,"d":"25,920,000"}]
[235,236,"Nhôm hydroxyd (dưới dạng gel Nhôm hydroxyd khô); Magnesi hydroxyd (dưới dạng gel Magnesi hydroxyd 30%); Simethicon (dưới dạng nhũ tương Simethicon 30%)","Tritenols fort",null,"VD-26891-17","800mg + 800mg + 100mg","Hỗn dịch uống",null,"Uống","Gói","Công ty cổ phần Dược phẩm Me Di Sun","Việt Nam","Hộp 30 gói 10ml","CÔNG TY TNHH DƯỢC PHẨM VÀ TRANG THIẾT BỊ Y TẾ CT PHARMA",{"v":4095,"d":"4,095"},{"v":25000,"d":"25,000"},null,{"v":102375000,"d":"102,375,000"}]
[236,237,"Nhôm oxid (dưới dạng Nhôm hydroxid gel); Magnesi hydroxid (dưới dạng Magnesi hydroxid 30% past) ; Simethicon (dưới dạng Simethicon 30% emulsion)","Grangel",null,"VD-18846-13 ","0,3922g + 0,6g + 0.06g","Hỗn dịch uống","Ống/Gói 10ml","Uống","Gói","Công ty TNHH DP  Shinpoong Daewoo","Việt Nam","Hộp 20 gói 10ml","CÔNG TY TNHH DƯỢC PHẨM SHINPOONG DAEWOO",{"v":2695,"d":"2,695"},{"v":25000,"d":"25,000"},null,{"v":67375000,"d":"67,375,000"}]
[237,238,"Magnesi sulfat","MAGNESI SULFAT KABI 15%","MAGNESI SULFATE KABI 15% ","VD-19567-13 ","1,5g/10ml","Dung dịch tiêm ","Chai/lọ/ống 10ml","Tiêm hoặc truyền tĩnh mạch ","Ống ","Công ty Cổ phần Fresenius Kabi Việt Nam","Việt Nam","Hộp 50 ống x 10ml ","CÔNG TY CỔ PHẦN GONSA",{"v":2898,"d":"2,898"},{"v":30000,"d":"30,000"},null,{"v":86940000,"d":"86,940,000"}]
[238,239,"D-Mannitol","MANNITOL",null,"VD-23168-15 ","20g/100ml","Dung dịch tiêm truyền ","Chai/lọ 250ml","Tiêm truyền tĩnh mạch ","Chai","Công ty Cổ phần Fresenius Kabi Việt Nam","Việt Nam","Thùng 30 chai 250ml  ","CÔNG TY CỔ PHẦN GONSA",{"v":18900,"d":"18,900"},200,null,{"v":3780000,"d":"3,780,000"}]
[239,241,"Meropenem (dưới dạng Meropenem trihydrat) ","Mizapenem  1g",null,"VD-20774-14","1g","Bột pha tiêm",null,"Tiêm","Lọ","Công ty CPDP Minh Dân","Việt Nam","Hộp 1 lọ","CÔNG TY CỔ PHẦN DƯỢC PHẨM MINH DÂN ",{"v":56030,"d":"56,030"},{"v":2500,"d":"2,500"},null,{"v":140075000,"d":"140,075,000"}]
[240,245,"Metformin HCl","Metformine EG 1000mg",null,"VD-23851-15","1000mg","Viên nén bao phim",null,"Uống","Viên","Công ty cổ phần Pymepharco","Việt Nam","Hộp 2 vỉ x 15 viên","CÔNG TY CỔ PHẦN PYMEPHARCO",660,500,null,{"v":330000,"d":"330,000"}]
[241,253,"Midazolam (dưới dạng Midazolam HCl 5,56 mg)","Zodalan",null,"VD-27704-17","5mg/1ml","Dung dịch tiêm",null,"Tiêm","Ống","Công ty Cổ phần Dược Danapha","Việt Nam","Hộp 10 ống x 1ml","CÔNG TY CỔ PHẦN DƯỢC DANAPHA",{"v":14700,"d":"14,700"},{"v":90000,"d":"90,000"},null,{"v":1323000000,"d":"1,323,000,000"}]
[242,257,"Montelukast natri tương đương Montelukast","Givet-4",null,"VD-28908-18","4mg","Thuốc cốm uống",null,"Uống","Gói","Công ty Cổ phần Dược phẩm Đạt Vi Phú","Việt Nam","Hộp 20 gói x 1g","CÔNG TY TNHH DƯỢC PHẨM ĐẠI DƯƠNG ",{"v":2100,"d":"2,100"},{"v":10000,"d":"10,000"},null,{"v":21000000,"d":"21,000,000"}]
[243,259,"Morphin hydroclorid","Morphin (Morphin hydroclorid 10mg/ml)",null,"VD-24315-16","10mg/ml","Dung dịch tiêm",null,"Tiêm","Ống","Chi nhánh Công ty cổ phần dược phẩm trung ương Vidipha tại Bình Dương","Việt Nam","Hộp 25 ống x 1ml","CÔNG TY CỔ PHẦN DƯỢC PHẨM TRUNG ƯƠNG CODUPHA",{"v":4620,"d":"4,620"},100,null,{"v":462000,"d":"462,000"}]
[244,263,"Acetylcystein","Bifacold",null,"VD-25865-16","200mg","Thuốc cốm",null,"Uống","Gói","CÔNG TY CỔ PHẦN DƯỢC - TRANG THIẾT BỊ Y TẾ BÌNH ĐỊNH (BIDIPHAR)","Việt Nam","Hộp 30 gói x 1g","CÔNG TY CỔ PHẦN DƯỢC - TRANG THIẾT BỊ Y TẾ BÌNH ĐỊNH (BIDIPHAR)",504,{"v":4500,"d":"4,500"},null,{"v":2268000,"d":"2,268,000"}]
[245,265,"Acetylcystein","ACETYLCYSTEIN 200mg",null,"VD-21910-14","200mg","Viên nang cứng",null,"Uống","Viên","Chi nhánh công ty cổ phần dược phẩm trung ương Vidipha Bình Dương","Việt Nam","Hộp 10 vỉ x 10 viên","CÔNG TY CỔ PHẦN DƯỢC PHẨM TRUNG ƯƠNG VIDIPHA",221,{"v":7000,"d":"7,000"},null,{"v":1547000,"d":"1,547,000"}]
[246,267,"Natri clorid","NaCl 0,45%","Dịch truyền tĩnh mạch NaCl 0,45%","VD-32349-19","0,45%; 500ml","Dung dịch truyền tĩnh mạch","Chai/lọ 500ml","Truyền tĩnh mạch","Chai","Công ty TNHH B.Braun Việt Nam","Việt Nam","Thùng 10 chai 500ml","CÔNG TY TNHH MỘT THÀNH VIÊN VIMEDIMEX BÌNH DƯƠNG",{"v":12000,"d":"12,000"},{"v":1000,"d":"1,000"},null,{"v":12000000,"d":"12,000,000"}]
[247,268,"Natri clorid","Nước muối sinh lý Natri clorid 0,9 %","Nước muối sinh lý Natri clorid 0,9%","VD-32743-19","0,9%; 500ml","Dung dịch dùng ngoài","Chai/lọ 500ml","Dùng ngoài","Chai","Công ty Cổ phần Dược phẩm An Thiên","Việt Nam","Chai 500ml","CÔNG TY CỔ PHẦN DƯỢC PHẨM AN THIÊN ",{"v":6405,"d":"6,405"},{"v":25000,"d":"25,000"},null,{"v":160125000,"d":"160,125,000"}]
[248,269,"Natri clorid","Natri clorid 0,9%",null,"VD-22949-15","0,9%; 10ml ","Dung dịch nhỏ mắt, nhỏ mũi","Chai/lọ/ống 10ml","Nhỏ mắt, Nhỏ mũi","Lọ","Công ty CPDP Minh Dân","Việt Nam","Hộp 20 lọ 10ml","CÔNG TY CỔ PHẦN DƯỢC PHẨM MINH DÂN ",{"v":1320,"d":"1,320"},{"v":7000,"d":"7,000"},null,{"v":9240000,"d":"9,240,000"}]
[249,270,"Natri clorid","NATRI CLORID 0,9%",null,"VD-21954-14","0,9%; 100ml","Dung dịch tiêm truyền ","Chai/lọ 100ml","Tiêm truyền tĩnh mạch ","Chai","Công ty Cổ phần Fresenius Kabi Việt Nam","Việt Nam","Thùng 80 chai nhựa 100ml  ","CÔNG TY CỔ PHẦN GONSA",{"v":6993,"d":"6,993"},{"v":170000,"d":"170,000"},null,{"v":1188810000,"d":"1,188,810,000"}]
[250,271,"Natri clorid","Natri clorid 0.9% 1000ml","Dịch truyền tĩnh mạch Natri Clorid 0,9%","VD-32723-19","0,9%; 1000ml","Dung dịch truyền tĩnh mạch","Chai/Túi 1000ml","Truyền tĩnh mạch","Chai","Công ty TNHH B.Braun Việt Nam","Việt Nam","Thùng 10 chai x 1000ml","CÔNG TY TNHH MỘT THÀNH VIÊN VIMEDIMEX BÌNH DƯƠNG",{"v":15453,"d":"15,453"},{"v":1000,"d":"1,000"},null,{"v":15453000,"d":"15,453,000"}]
[251,272,"Natri clorid","NATRI CLORID 0,9%",null,"VD-21954-14","0,9%; 500ml","Dung dịch tiêm truyền ","Chai/Túi 500ml","Tiêm truyền tĩnh mạch ","Chai","Công ty Cổ phần Fresenius Kabi Việt Nam","Việt Nam","Thùng 20 chai nhựa 500ml  ","CÔNG TY CỔ PHẦN GONSA",{"v":7434,"d":"7,434"},{"v":80000,"d":"80,000"},null,{"v":594720000,"d":"594,720,000"}]
[252,273,"Natri clorid","NATRI CLORID 3%",null,"VD-23170-15 ","3%; 100ml","Dung dịch tiêm truyền ","Chai/lọ 100ml","Tiêm truyền tĩnh mạch ","Chai","Công ty Cổ phần Fresenius Kabi Việt Nam","Việt Nam","Thùng 80 chai 100ml  ","CÔNG TY CỔ PHẦN GONSA",{"v":8199,"d":"8,199"},{"v":15000,"d":"15,000"},null,{"v":122985000,"d":"122,985,000"}]
[253,274,"Natri clorid + Natri citrat dihydrat + Kali clorid + Glucose khan","Oresol 245",null,"VD-22037-14","520mg + 580mg + 300mg + 2,7g","Thuốc bột",null,"Uống","Gói","CTCP Dược Hậu Giang - CN nhà máy DP DHG tại Hậu Giang","Việt Nam","Hộp 20 gói x 4,1g","CÔNG TY CỔ PHẦN DƯỢC HẬU GIANG",805,{"v":420000,"d":"420,000"},null,{"v":338100000,"d":"338,100,000"}]
[254,282,"Nước cất pha tiêm","NƯỚC CẤT PHA TIÊM",null,"VD-23172-15 ",null,"Dung môi pha tiêm ","Chai/lọ 500ml","Tiêm","Chai","Công ty Cổ phần Fresenius Kabi Việt Nam","Việt Nam","Thùng 20 chai 500ml  ","CÔNG TY CỔ PHẦN GONSA",{"v":8400,"d":"8,400"},{"v":30000,"d":"30,000"},null,{"v":252000000,"d":"252,000,000"}]
[255,283,"Nước oxy già","Nước Oxy già 3%",null,"VD-33500-19","3%","Dung dịch dùng ngoài","Chai/lọ 60ml","Dùng ngoài","Chai","Chi nhánh Công ty Cổ phần Dược phẩm OPC tại Bình Dương - Nhà máy Dược phẩm OPC","Việt Nam","Chai 60ml","CÔNG TY CỔ PHẦN DƯỢC PHẨM OPC",{"v":1575,"d":"1,575"},200,null,{"v":315000,"d":"315,000"}]
[256,284,"Nystatin","NYSTATIN 25000IU",null,"VD-18216-13","25.000IU","Thuốc bột rà miệng",null,"Uống","Gói","Công ty cổ phần dược phẩm 3/2","Việt Nam","Hộp 20 gói x 1gam","CÔNG TY CỔ PHẦN DƯỢC PHẨM 3/2",980,{"v":5000,"d":"5,000"},null,{"v":4900000,"d":"4,900,000"}]
[257,285,"Nystatin","NYSTATAB",null,"VD-24708-16","500.000 IU","Viên nén bao phim",null,"Uống","Viên","CN Công ty CPDP Agimexpharm - Nhà máy SX DP Agimexpharm","Việt Nam","Hộp 2 vỉ x 10 viên","CÔNG TY CỔ PHẦN DƯỢC PHẨM AGIMEXPHARM",840,500,null,{"v":420000,"d":"420,000"}]
[258,287,"Oxacilin (dưới dạng Oxacilin natri)","Oxacilin 1g",null,"VD-31240-18","1g","Thuốc bột pha tiêm",null,"Tiêm","Lọ","Công ty cổ phần dược phẩm VCP","Việt Nam","Hộp 10 lọ","CÔNG TY CỔ PHẦN DƯỢC PHẨM TRUNG ƯƠNG CPC1",{"v":27000,"d":"27,000"},{"v":16000,"d":"16,000"},null,{"v":432000000,"d":"432,000,000"}]
[259,288,"Natri Oxacillin (hoặc Oxacillin (dưới dạng Oxacillin Natri))","Euvioxcin",null,"VD-17438-12","500mg","Viên nang cứng",null,"Uống","Viên","Công ty cổ phần dược phẩm Hà Tây","Việt Nam","Hộp 2 vỉ x 10 viên","CÔNG TY CỔ PHẦN ĐẦU TƯ VÀ PHÁT TRIỂN TÂY ÂU",{"v":2500,"d":"2,500"},{"v":14000,"d":"14,000"},null,{"v":35000000,"d":"35,000,000"}]
[260,291,"Paracetamol micronized","BEFADOL KID",null,"VD-22446-15","150mg/5ml","Hỗn dịch uống",null,"Uống","Gói","Công ty CPDP Bến Tre","Việt Nam","Hộp 20 gói 5 ml","CÔNG TY CỔ PHẦN DƯỢC PHẨM BẾN TRE",{"v":2410,"d":"2,410"},{"v":10000,"d":"10,000"},null,{"v":24100000,"d":"24,100,000"}]
[261,293,"Paracetamol","Biragan 150",null,"VD-21236-14","150mg","Thuốc đạn",null,"Đặt hậu môn","Viên","CÔNG TY CỔ PHẦN DƯỢC - TRANG THIẾT BỊ Y TẾ BÌNH ĐỊNH (BIDIPHAR)","Việt Nam","Hộp 2 vỉ x 5 viên","CÔNG TY CỔ PHẦN DƯỢC - TRANG THIẾT BỊ Y TẾ BÌNH ĐỊNH (BIDIPHAR)",{"v":1638,"d":"1,638"},{"v":10000,"d":"10,000"},null,{"v":16380000,"d":"16,380,000"}]
[262,294,"Paracetamol","Falgankid 250",null,"VD-21507-14","250mg/10ml","Dung dịch uống",null,"Uống","Ống","Công ty cổ phần dược phẩm CPC1 Hà Nội","Việt Nam","Hộp 4 vỉ x 5 ống nhựa x 10ml","CÔNG TY CỔ PHẦN DƯỢC PHẨM CPC1 HÀ NỘI ",{"v":4410,"d":"4,410"},{"v":5000,"d":"5,000"},null,{"v":22050000,"d":"22,050,000"}]
[263,295,"Paracetamol","Para - OPC 325mg",null,"VD-31143-18","325mg","Thuốc bột sủi bọt",null,"Uống","Gói","Chi nhánh Công ty Cổ phần Dược phẩm OPC tại Bình Dương - Nhà máy Dược phẩm OPC","Việt Nam","Hộp 20 gói x 1,6g","CÔNG TY CỔ PHẦN DƯỢC PHẨM OPC",{"v":1785,"d":"1,785"},{"v":5000,"d":"5,000"},null,{"v":8925000,"d":"8,925,000"}]
[264,296,"Paracetamol","Paracetamol 325mg",null,"VD-27290-17","325mg","Viên nén bao phim",null,"Uống","Viên","Công ty Cổ phần Hóa - Dược phẩm Mekophar","Việt Nam","Chai 180 viên","CÔNG TY CỔ PHẦN HÓA - DƯỢC PHẨM MEKOPHAR",132,{"v":240000,"d":"240,000"},null,{"v":31680000,"d":"31,680,000"}]
[265,298,"Paracetamol + Clorpheniramin maleat","Padobaby",null,"VD-32292-19","(325mg + 2mg)/3g","Thuốc bột uống",null,"Uống","Gói","Công ty cổ phần dược Medipharco","Việt Nam","Hộp 50 gói x 3g","CÔNG TY TNHH ĐẦU TƯ NHẬP KHẨU DƯỢC ĐÔNG NAM Á",{"v":1785,"d":"1,785"},{"v":1000,"d":"1,000"},null,{"v":1785000,"d":"1,785,000"}]
[266,299,"Paracetamol + Chlorpheniramin maleat","ATTON",null,"VD-30379-18","150mg + 1mg","Dung dịch uống",null,"Uống","Ống","Công ty Cổ phần Dược phẩm Hà Tây","Việt Nam","Hộp 20 ống x 5ml","CÔNG TY CỔ PHẦN DƯỢC PHẨM GOLDENLIFE",{"v":3340,"d":"3,340"},{"v":20000,"d":"20,000"},null,{"v":66800000,"d":"66,800,000"}]
[267,302,"Phenobarbital","Phenobarbital 0,1 g",null,"VD-30561-18","100mg","Viên nén",null,"Uống ","Viên","Chi nhánh Công ty cổ phần dược phẩm Trung ương Vidipha Bình Dương","Việt Nam","Hộp 10 vỉ x 10 viên; chai 100 viên","CÔNG TY CỔ PHẦN DƯỢC PHẨM TRUNG ƯƠNG CODUPHA",210,{"v":10000,"d":"10,000"},null,{"v":2100000,"d":"2,100,000"}]
[268,303,"Penicillin (Dưới dạng Phenoxymethylpenicillin Kali)","Penicilin V kali 400.000 IU",null,"VD-19907-13","400.000UI","Viên nén ",null,"Uống","Viên","Công ty CPDP Minh Dân","Việt Nam","Hộp 10 vỉ x 10 viên","CÔNG TY CỔ PHẦN DƯỢC PHẨM MINH DÂN ",294,500,null,{"v":147000,"d":"147,000"}]
[269,305,"Phenytoin","Phenytoin 100mg",null,"VD-23443-15","100mg","Viên nén",null,"Uống","Viên","Công ty Cổ phần Dược Danapha","Việt Nam","Hộp 1 lọ x 100 viên","CÔNG TY CỔ PHẦN DƯỢC DANAPHA",294,{"v":1000,"d":"1,000"},null,{"v":294000,"d":"294,000"}]
[270,310,"Phytomenadion","Vinphyton",null,"VD-16307-12","1mg/1ml","Dung dịch tiêm ","Lọ/ống 1ml","Tiêm","Ống ","Công ty cổ phần dược phẩm Vĩnh Phúc","Việt Nam","Hộp 5 vỉ x 10 ống x 1ml","CÔNG TY CỔ PHẦN DƯỢC PHẨM VĨNH PHÚC",{"v":1260,"d":"1,260"},200,null,{"v":252000,"d":"252,000"}]
[271,313,"Piperacilin (dưới dạng piperacillin natri) ; Tazobactam  (dưới dạng Tazobactam natri) ","Tazopelin 4,5g",null,"VD-20673-14","4g + 0,5g","Thuốc bột pha tiêm",null,"Tiêm","Lọ","CÔNG TY CỔ PHẦN DƯỢC - TRANG THIẾT BỊ Y TẾ BÌNH ĐỊNH (BIDIPHAR)","Việt Nam","Hộp 1 lọ thuốc tiêm bột","CÔNG TY CỔ PHẦN DƯỢC - TRANG THIẾT BỊ Y TẾ BÌNH ĐỊNH (BIDIPHAR)",{"v":69174,"d":"69,174"},{"v":23500,"d":"23,500"},null,{"v":1625589000,"d":"1,625,589,000"}]
[272,314,"Calci polystyren sulfonat","Kalira",null,"VD-33992-20","5g","Bột pha hỗn dịch",null,"Uống","Gói","Công ty Cổ phần Dược phẩm CPC1 Hà Nội","Việt Nam","Hộp 50 gói x 5g","CÔNG TY CỔ PHẦN DƯỢC PHẨM CPC1 HÀ NỘI ",{"v":14700,"d":"14,700"},{"v":2000,"d":"2,000"},null,{"v":29400000,"d":"29,400,000"}]
[273,315,"Povidone Iodine","POVIDONE",null,"VD-17882-12","10%","Dung dịch dùng ngoài","Chai/Lọ 90ml","Dùng ngoài","Chai","Công ty CPDP Agimexpharm","Việt Nam","Chai 90ml","CÔNG TY CỔ PHẦN DƯỢC PHẨM AGIMEXPHARM",{"v":7640,"d":"7,640"},{"v":1700,"d":"1,700"},null,{"v":12988000,"d":"12,988,000"}]
[274,316,"Pravastatin natri","Stavacor",null,"VD-30152-18","20mg","Viên nang cứng",null,"Uống","Viên","Công ty TNHH sinh dược phẩm Hera","Việt Nam","Hộp 3 vỉ x 10 viên","CÔNG TY CỔ PHẦN DƯỢC PHẨM VINPHARCO",{"v":6720,"d":"6,720"},{"v":10000,"d":"10,000"},null,{"v":67200000,"d":"67,200,000"}]
[275,317,"Praziquantel","Distocide",null,"VD-23933-15","600mg","Viên nén bao phim",null,"Uống","Viên","Công ty TNHH DP Shinpoong Daewoo","Việt Nam","Hộp 1 vỉ x 4 viên","CÔNG TY TNHH DƯỢC PHẨM SHINPOONG DAEWOO",{"v":8400,"d":"8,400"},500,null,{"v":4200000,"d":"4,200,000"}]
[276,318,"Prednisolon (dưới dạng prednisolon natri metasulfobenzoat 31,44mg)","PREDSTAD 20",null,"VD-27541-17 ","20mg","Viên nén phân tán ",null,"Uống","Viên","Công ty TNHH Liên doanh Stellapharm","Việt Nam","Hộp 2 vỉ x 10 viên ","CÔNG TY CỔ PHẦN GONSA",{"v":4500,"d":"4,500"},{"v":3000,"d":"3,000"},null,{"v":13500000,"d":"13,500,000"}]
[277,319,"Prednison","Prednisone 5mg",null,"VD-20956-14","5mg","Viên nén",null,"Uống","Viên","Công ty Cổ phần Hóa - Dược phẩm Mekophar","Việt Nam","Hộp 20 vỉ x 10 viên","CÔNG TY CỔ PHẦN HÓA - DƯỢC PHẨM MEKOPHAR",320,{"v":10000,"d":"10,000"},null,{"v":3200000,"d":"3,200,000"}]
[278,320,"Pregabalin","MAXXNEURO 75",null,"VD-23510-15","75mg","Viên nang cứng",null,"Uống","Viên","Công ty CPDP Ampharco U.S.A","Việt Nam","Hộp 3 vỉ x 10 viên","CÔNG TY CỔ PHẦN DƯỢC PHẨM AMPHARCO U.S.A",932,{"v":7000,"d":"7,000"},null,{"v":6524000,"d":"6,524,000"}]
[279,321,"Promethazin hydroclorid","Promethazin",null,"VD-24422-16","2%","Kem bôi da","Tuýp 10g","Dùng ngoài","Tuýp","Công ty cổ phần dược Medipharco","Việt Nam","Hộp 1 tuýp 10 gam","CÔNG TY TNHH ĐẦU TƯ NHẬP KHẨU DƯỢC ĐÔNG NAM Á",{"v":5775,"d":"5,775"},100,null,{"v":577500,"d":"577,500"}]
[280,324,"Propranolol hydrochlorid  ","Dorocardyl 40mg",null,"VD-25425-16 ","40mg","Viên nén",null,"Uống"," Viên ","Công ty cổ phần xuất nhập khẩu y tế Domesco","Việt Nam","Hộp 10 vỉ x 10 viên, Chai 100 viên","CÔNG TY CỔ PHẦN XUẤT NHẬP KHẨU Y TẾ DOMESCO",990,{"v":100000,"d":"100,000"},null,{"v":99000000,"d":"99,000,000"}]
[281,326,"Rabeprazol natri","Martaz",null,"VD-26500-17","20mg","Viên nén bao phim tan trong ruột",null,"Uống ","Viên ","Công ty cổ phần dược phẩm Đạt Vi Phú","Việt Nam","Hộp 10 vỉ x 10 viên","CÔNG TY TNHH DƯỢC PHẨM VÀ TRANG THIẾT BỊ Y TẾ HOÀNG ĐỨC ",569,{"v":15000,"d":"15,000"},null,{"v":8535000,"d":"8,535,000"}]
[282,327,"Racecadotril","RACEDAGIM 10",null,"VD-24711-16","10mg","Thuốc cốm",null,"Uống","Gói","CN Công ty CPDP Agimexpharm - Nhà máy SX DP Agimexpharm","Việt Nam","Hộp 10 gói x 1g","CÔNG TY CỔ PHẦN DƯỢC PHẨM AGIMEXPHARM",{"v":3500,"d":"3,500"},{"v":17000,"d":"17,000"},null,{"v":59500000,"d":"59,500,000"}]
[283,329,"Ribavirin ","RIBATAGIN 500",null,"VD-28833-18","500mg","Viên nén bao phim",null,"Uống","Viên","CN Công ty CPDP Agimexpharm - Nhà máy SX DP Agimexpharm","Việt Nam","Hộp 2 vỉ x 10 viên","CÔNG TY CỔ PHẦN DƯỢC PHẨM AGIMEXPHARM",{"v":3320,"d":"3,320"},{"v":10000,"d":"10,000"},null,{"v":33200000,"d":"33,200,000"}]
[284,330,"Rifampicin","AGIFAMCIN 300",null,"VD-14223-11","300mg","Viên nang",null,"Uống","Viên","Công ty CPDP Agimexpharm","Việt Nam","Hộp 10 vỉ x 10 viên","CÔNG TY CỔ PHẦN DƯỢC PHẨM AGIMEXPHARM",{"v":2520,"d":"2,520"},300,null,{"v":756000,"d":"756,000"}]
[285,332,"Ringer acetat","Acetate Ringer",null,"VD-15871-11",null,"Dung dịch tiêm truyền tĩnh mạch","Chai/Túi 500ml","Tiêm truyền","Chai","Công ty Cổ phần Hóa - Dược phẩm Mekophar","Việt Nam","Chai 500ml","CÔNG TY CỔ PHẦN HÓA - DƯỢC PHẨM MEKOPHAR",{"v":16000,"d":"16,000"},{"v":1000,"d":"1,000"},null,{"v":16000000,"d":"16,000,000"}]
[286,333,"Ringer lactat","RINGER LACTATE",null,"VD-22591-15",null,"Dung dịch tiêm truyền ","Chai/Túi 500ml","Tiêm truyền tĩnh mạch ","Chai","Công ty Cổ phần Fresenius Kabi Việt Nam","Việt Nam","Thùng 20 chai nhựa 500ml ","CÔNG TY CỔ PHẦN GONSA",{"v":8096,"d":"8,096"},{"v":34000,"d":"34,000"},null,{"v":275264000,"d":"275,264,000"}]
[287,336,"Saccharomyces boulardii (ứng với vi sinh sống ≥ 10^8 CFU)","Zentomyces",null,"QLSP-910-15","100mg","Thuốc bột uống",null,"Uống","Gói","Công ty liên doanh dược phẩm Mebiphar - Austrapharm","Việt Nam","Hộp 30 gói x 1g","CÔNG TY CỔ PHẦN DƯỢC PHẨM TRUNG ƯƠNG CODUPHA",{"v":3600,"d":"3,600"},{"v":5000,"d":"5,000"},null,{"v":18000000,"d":"18,000,000"}]
[288,338,"Sắt nguyên tố (dưới dạng Sắt (III) hydroxyd polymaltose 34%)","Atiferlit",null,"VD-34132-20","50mg/5ml","Dung dịch uống",null,"Uống","Ống","Công Ty Cổ Phần Dược Phẩm An Thiên","Việt Nam","Hộp 30 ống x 5ml","CÔNG TY TNHH DƯỢC PHẨM AT & C",{"v":7455,"d":"7,455"},{"v":10000,"d":"10,000"},null,{"v":74550000,"d":"74,550,000"}]
[289,341,"Sắt (dưới dạng sắt II sulfat khô) + Acid Folic","Bidiferon",null,"VD-31296-18","50mg sắt + 0,35mg acid folic","Viên nén bao phim",null,"Uống","Viên","CÔNG TY CỔ PHẦN DƯỢC - TRANG THIẾT BỊ Y TẾ BÌNH ĐỊNH (BIDIPHAR)","Việt Nam","Hộp 10 vỉ x 10 viên","CÔNG TY CỔ PHẦN DƯỢC - TRANG THIẾT BỊ Y TẾ BÌNH ĐỊNH (BIDIPHAR)",525,{"v":5000,"d":"5,000"},null,{"v":2625000,"d":"2,625,000"}]
[290,342,"Silymarin ","Silymarin VCP",null,"VD-31241-18","140mg","Viên nang cứng",null,"Uống","Viên","Công ty Cổ phần Dược phẩm VCP","Việt Nam","Hộp 10 vỉ x 10 viên","CÔNG TY TNHH DƯỢC PHẨM VẠN CƯỜNG PHÁT",825,{"v":1500000,"d":"1,500,000"},null,{"v":1237500000,"d":"1,237,500,000"}]
[291,344,"Simethicon","Flabivi",null,"VD-27681-17","20mg/0,3ml","Hỗn dịch uống","Chai/lọ 15ml","Uống","Chai","Công ty TNHH BRV Healthcare","Việt Nam","Hộp 1 chai 15ml (chai thủy tinh màu nâu kèm ống đo thể tích) ","CÔNG TY TNHH THƯƠNG MẠI DƯỢC PHẨM NAM KHANG",{"v":18480,"d":"18,480"},{"v":3000,"d":"3,000"},null,{"v":55440000,"d":"55,440,000"}]
[292,345,"Simethicon","AIRFLAT 80",null,"VD-27400-17","80mg","Viên nang mềm",null,"Uống","Viên","Công ty liên doanh dược phẩm Mebiphar - Austrapharm","Việt Nam","Hộp 05 vỉ x 10 viên","CÔNG TY TNHH TM DƯỢC PHẨM ÚC CHÂU",840,500,null,{"v":420000,"d":"420,000"}]
[293,347,"Sofosbuvir + Ledipasvir (dưới dạng Ledipasvir monoacetone solvate)","Soledivir",null,"QLĐB-713-18","400mg + 90mg","Viên nén bao phim",null,"Uống","Viên","Công ty TNHH Sinh dược phẩm Hera","Việt Nam","Hộp 4 vỉ x 7 viên","CÔNG TY CỔ PHẦN DƯỢC PHẨM HIỆP BÁCH NIÊN",{"v":130000,"d":"130,000"},{"v":10000,"d":"10,000"},null,{"v":1300000000,"d":"1,300,000,000"}]
[294,350,"Sorbitol","Sorbitol 5g",null,"VD-25582-16","5g","Thuốc bột pha dung dịch uống",null,"Uống","Gói","Công ty Cổ phần Dược Danapha","Việt Nam","Hộp 20 gói x 5g","CÔNG TY CỔ PHẦN DƯỢC DANAPHA",420,500,null,{"v":210000,"d":"210,000"}]
[295,351,"Spiramycin + Metronidazol","Zolgyl",null,"VD-28244-17","750.000 UI + 125 mg","Viên nén bao phim",null,"Uống","Viên","CÔNG TY CỔ PHẦN DƯỢC - TRANG THIẾT BỊ Y TẾ BÌNH ĐỊNH (BIDIPHAR)","Việt Nam","Hộp 2 vỉ x 10 viên","CÔNG TY CỔ PHẦN DƯỢC - TRANG THIẾT BỊ Y TẾ BÌNH ĐỊNH (BIDIPHAR)",903,{"v":3000,"d":"3,000"},null,{"v":2709000,"d":"2,709,000"}]
[296,355,"Spironolacton + Furosemid","Franilax",null,"VD-28458-17","50mg + 20mg","Viên nén bao phim",null,"Uống","Viên","Công ty cổ phần dược phẩm Đạt Vi Phú","Việt Nam","Hộp 3 vỉ x 10 viên; hộp 6 vỉ x 10 viên; hộp 10 vỉ x 10 viên","CÔNG TY TNHH DƯỢC PHẨM VÀ TRANG THIẾT BỊ Y TẾ HOÀNG ĐỨC ",{"v":1050,"d":"1,050"},{"v":25000,"d":"25,000"},null,{"v":26250000,"d":"26,250,000"}]
[297,357,"Sucralfat","SPM-SUCRALFAT 1000",null,"VD-29494-18","1000mg","Hỗn dịch uống",null,"Uống","Gói","Công ty Cổ phần SPM","Việt Nam","Hộp 30 gói x 15g","CÔNG TY CỔ PHẦN DƯỢC PHẨM GOLDENLIFE",{"v":2130,"d":"2,130"},{"v":10000,"d":"10,000"},null,{"v":21300000,"d":"21,300,000"}]
[298,359,"Sulfamethoxazol + Trimethoprim","VICOMETRIM 960",null,"VD-31982-19","800mg + 160mg","Viên nén bao phim",null,"Uống","Viên","Chi nhánh công ty cổ phần dược phẩm trung ương Vidipha Bình Dương","Việt Nam","Hộp 10 vỉ x 10 viên","CÔNG TY CỔ PHẦN DƯỢC PHẨM TRUNG ƯƠNG VIDIPHA",483,{"v":50000,"d":"50,000"},null,{"v":24150000,"d":"24,150,000"}]
[299,360,"Sulpirid","Sulpirid 50mg",null,"VD-26682-17","50mg","Viên nén",null,"Uống","Viên","Công ty Cổ phần Dược Danapha","Việt Nam","Hộp 2 vỉ x 15 viên","CÔNG TY CỔ PHẦN DƯỢC DANAPHA",189,{"v":9000,"d":"9,000"},null,{"v":1701000,"d":"1,701,000"}]
[300,361,"Tacrolimus","Dimustar 0,1%",null,"VD-28256-17","0,1%","Mỡ bôi da","Tuýp 10g","Dùng ngoài","Tuýp","Công ty cổ phần Hóa dược Việt Nam","Việt Nam","Hộp 1 tuýp 10 gam","CÔNG TY CỔ PHẦN DƯỢC PHẨM TRUNG ƯƠNG CODUPHA",{"v":91000,"d":"91,000"},500,null,{"v":45500000,"d":"45,500,000"}]
[301,364,"Tenofovir disoproxil fumarate","AGIFOVIR",null,"VD-18925-13","300mg","Viên nén bao phim",null,"Uống","Viên","Công ty CPDP Agimexpharm","Việt Nam","Hộp 3 vỉ x 10 viên","CÔNG TY CỔ PHẦN DƯỢC PHẨM AGIMEXPHARM",{"v":1630,"d":"1,630"},{"v":670000,"d":"670,000"},null,{"v":1092100000,"d":"1,092,100,000"}]
[302,366,"Tenofovir disoproxil fumarat; Lamivudin","Dinara",null,"QLĐB-600-17","300mg; 100mg","Viên nén bao phim",null,"Uống","Viên","Công ty Cổ phần Dược Phẩm Đạt Vi Phú","Việt Nam","Hộp 4 vỉ x 7 viên","CÔNG TY CỔ PHẦN DƯỢC PHẨM TRUNG ƯƠNG CODUPHA",{"v":13500,"d":"13,500"},{"v":15000,"d":"15,000"},null,{"v":202500000,"d":"202,500,000"}]
[303,370,"Terbinafin","Tinefin",null,"VD-32806-19","10mg","Kem bôi ngoài da","Tuýp 10g","Dùng ngoài","Tuýp","Công ty Cổ phần Dược phẩm CPC1 Hà Nội","Việt Nam","Hộp 1 tuýp 10g","CÔNG TY CỔ PHẦN DƯỢC PHẨM CPC1 HÀ NỘI ",{"v":11950,"d":"11,950"},100,null,{"v":1195000,"d":"1,195,000"}]
[304,372,"Thymomodulin","Althax",null,"VD-18786-13","120mg","Viên nang cứng",null,"Uống","Viên","Công ty Cổ phần Dược trung ương Mediplantex","Việt Nam","Hộp 3 vỉ x 10 viên","CÔNG TY CỔ PHẦN DƯỢC PHẨM IP",{"v":5500,"d":"5,500"},{"v":10000,"d":"10,000"},null,{"v":55000000,"d":"55,000,000"}]
[305,377,"Tobramycin (dưới dạng Tobramycin sulfat)","Tobramycin 0,3%",null,"VD-27954-17","15mg/ 5ml ","Thuốc nhỏ mắt","Chai/lọ/ống 5ml","Nhỏ mắt","Lọ","Công ty CPDP Minh Dân","Việt Nam","Hộp 20 lọ 5ml","CÔNG TY CỔ PHẦN DƯỢC PHẨM MINH DÂN ",{"v":2865,"d":"2,865"},100,null,{"v":286500,"d":"286,500"}]
[306,380,"Trimebutin (dưới dạng Trimebutin maleat)","DECOLIC",null,"VD-19304-13 ","24mg","Bột pha hỗn dịch ",null,"Uống","Gói","Công ty cổ phần dược phẩm 3/2","Việt Nam","Hộp/20 gói x 1,15g ","CÔNG TY CỔ PHẦN GONSA",{"v":2100,"d":"2,100"},{"v":1500,"d":"1,500"},null,{"v":3150000,"d":"3,150,000"}]
[307,381,"Acid ursodeoxycholic","URSOCHOLIC-OPV 150",null,"VD-21341-14","150mg","Viên nén bao phim",null,"Uống","Viên","Công ty cổ phần Dược phẩm OPV","Việt Nam","Hộp 4 vỉ x 10 viên","CÔNG TY TNHH DƯỢC PHẨM LẠC VIỆT ",{"v":2120,"d":"2,120"},{"v":25000,"d":"25,000"},null,{"v":53000000,"d":"53,000,000"}]
[308,383," Acid ursodeoxycholic","MAXXHEPA URSO 250",null,"VD-30292-18","250mg","Viên nang cứng",null,"Uống","Viên","Công ty CPDP Ampharco U.S.A","Việt Nam","Hộp 3 vỉ x 10 viên","CÔNG TY CỔ PHẦN DƯỢC PHẨM AMPHARCO U.S.A",{"v":7168,"d":"7,168"},{"v":15000,"d":"15,000"},null,{"v":107520000,"d":"107,520,000"}]
[309,385,"Acid ursodeoxycholic","Asopus 300",null,"VD-31068-18","300mg","Viên nén bao phim",null,"Uống","Viên","Công ty Cổ phần Dược phẩm An Thiên","Việt Nam","Hộp 3 vỉ x 10 viên","CÔNG TY CỔ PHẦN DƯỢC PHẨM AN THIÊN ",{"v":2940,"d":"2,940"},{"v":250000,"d":"250,000"},null,{"v":735000000,"d":"735,000,000"}]
[310,386,"Ursodeoxycholic acid + Vitamin B1 + B2","Ursimex",null,"VD-18737-13","50mg + 10mg + 5mg","Viên nang mềm",null,"Uống","Viên","Công ty cổ phần dược phẩm Imexpharm","Việt Nam","Hộp 6 vỉ x 10 viên","CÔNG TY CỔ PHẦN DƯỢC PHẨM IMEXPHARM",{"v":4200,"d":"4,200"},{"v":12000,"d":"12,000"},null,{"v":50400000,"d":"50,400,000"}]
[311,390,"Vancomycin (dưới dạng Vancomycin HCl)","VALBIVI 1.0G",null,"VD-18366-13","1000mg","Bột pha tiêm",null,"Tiêm","Lọ","Công ty cổ phần Dược phẩm Trung Ương 1 - Pharbaco","Việt Nam","Hộp 10 lọ","CÔNG TY TNHH DƯỢC PHẨM HELIOS",{"v":34300,"d":"34,300"},{"v":6500,"d":"6,500"},null,{"v":222950000,"d":"222,950,000"}]
[312,391,"Vancomycin (dưới dạng Vancomycin HCl)","VALBIVI 0.5G",null,"VD-18365-13","500mg","Bột pha tiêm",null,"Tiêm","Lọ","Công ty cổ phần Dược phẩm Trung Ương 1 - Pharbaco","Việt Nam","Hộp 10 lọ","CÔNG TY TNHH DƯỢC PHẨM HELIOS",{"v":16900,"d":"16,900"},{"v":1000,"d":"1,000"},null,{"v":16900000,"d":"16,900,000"}]
[313,396,"Thiamin mononitrat ","Vitamin B1 250mg",null,"VD-25927-16 ","250mg","Viên nang cứng",null,"Uống"," Viên ","Công ty cổ phần xuất nhập khẩu y tế Domesco","Việt Nam","Hộp 20 vỉ x 10 viên","CÔNG TY CỔ PHẦN XUẤT NHẬP KHẨU Y TẾ DOMESCO",441,{"v":8000,"d":"8,000"},null,{"v":3528000,"d":"3,528,000"}]
[314,397,"Thiamin nitrat","Vitamin B1 50mg",null,"VD-32156-19","50mg","Viên nén",null,"Uống","Viên","Công ty Cổ phần Hóa - Dược phẩm Mekophar","Việt Nam","Chai 100 viên","CÔNG TY CỔ PHẦN HÓA - DƯỢC PHẨM MEKOPHAR",173,{"v":30000,"d":"30,000"},null,{"v":5190000,"d":"5,190,000"}]
[315,398,"Vitamin B1 (Thiamin mononitrat); Vitamin B6 (Pyridoxin hydroclorid); Vitamin B12 (Cyanocobalamin)","3B-MEDI TAB",null,"VD-26870-17","100mg + 200mg + 200mcg","Viên nén bao phim",null,"Uống","Viên","Công ty cổ phần dược phẩm Medisun","Việt Nam","Hộp 10 vỉ x 10 viên","CÔNG TY TNHH MỘT THÀNH VIÊN DƯỢC SÀI GÒN",700,{"v":30000,"d":"30,000"},null,{"v":21000000,"d":"21,000,000"}]
[316,399,"Pyridoxin hydroclorid","Vitamin B6 250mg",null,"VD-27389-17 ","250mg","Viên nang cứng",null,"Uống"," Viên ","Công ty cổ phần xuất nhập khẩu y tế Domesco","Việt Nam","Hộp 20 vỉ x 10 viên","CÔNG TY CỔ PHẦN XUẤT NHẬP KHẨU Y TẾ DOMESCO",410,{"v":10000,"d":"10,000"},null,{"v":4100000,"d":"4,100,000"}]
[317,401,"Magnesi lactat dihydrat + Pyridoxin hydroclorid","MAGDIVIX",null,"VD-24877-16","470mg + 5mg","Viên nén bao phim",null,"Uống","Viên","Chi nhánh công ty cổ phần dược phẩm trung ương Vidipha Bình Dương","Việt Nam","Hộp 20 vỉ x 10 viên","CÔNG TY CỔ PHẦN DƯỢC PHẨM TRUNG ƯƠNG VIDIPHA",147,{"v":50000,"d":"50,000"},null,{"v":7350000,"d":"7,350,000"}]
[318,402,"Vitamin C","Kingdomin Vita C",null,"VD-25868-16","1000mg","Viên nén sủi",null,"Uống","Viên","CÔNG TY CỔ PHẦN DƯỢC - TRANG THIẾT BỊ Y TẾ BÌNH ĐỊNH (BIDIPHAR)","Việt Nam","Hộp 5 vỉ x 4 viên","CÔNG TY CỔ PHẦN DƯỢC - TRANG THIẾT BỊ Y TẾ BÌNH ĐỊNH (BIDIPHAR)",756,500,null,{"v":378000,"d":"378,000"}]
[319,403,"Acid ascorbic","A.T Ascorbic syrup",null,"VD-25624-16","100mg/5ml","Dung dịch uống","Chai/lọ 60ml","Uống","Chai","Công ty Cổ phần Dược phẩm An Thiên","Việt Nam","Hộp 1 chai x 60 ml","CÔNG TY CỔ PHẦN DƯỢC PHẨM AN THIÊN ",{"v":12915,"d":"12,915"},700,null,{"v":9040500,"d":"9,040,500"}]
[320,404,"Acid Ascorbic ","Bidicorbic 500",null,"VD-19842-13","500mg","Viên nang cứng",null,"Uống","Viên","CÔNG TY CỔ PHẦN DƯỢC - TRANG THIẾT BỊ Y TẾ BÌNH ĐỊNH (BIDIPHAR)","Việt Nam","Chai 100 viên ","CÔNG TY CỔ PHẦN DƯỢC - TRANG THIẾT BỊ Y TẾ BÌNH ĐỊNH (BIDIPHAR)",189,{"v":1000,"d":"1,000"},null,{"v":189000,"d":"189,000"}]
[321,406,"DL-alpha-Tocopheryl acetat","Vitamin E 400",null,"VD-22617-15","400UI","Viên nang mềm",null,"Uống","Viên","Công ty cổ phần Pymepharco","Việt Nam","Hộp 10 vỉ x 10 viên","CÔNG TY CỔ PHẦN PYMEPHARCO",450,{"v":35000,"d":"35,000"},null,{"v":15750000,"d":"15,750,000"}]
[322,407,"Nicotinamid (Vitamin PP)","Vitamin PP 50mg",null,"VD-25218-16","50mg","Viên nén",null,"Uống","Viên","Công ty CPDP Minh Dân","Việt Nam","Hộp 10 vỉ x 30 viên","CÔNG TY CỔ PHẦN DƯỢC PHẨM MINH DÂN ",91,{"v":50000,"d":"50,000"},null,{"v":4550000,"d":"4,550,000"}]
[323,408,"Xanh methylen + Tím gentian","Dung dịch Milian",null,"VD-18977-13","400mg + 50mg","Thuốc nước dùng ngoài","Chai/lọ 20ml","Dùng ngoài","Chai","Chi nhánh Công ty Cổ phần Dược phẩm OPC tại Bình Dương - Nhà máy Dược phẩm OPC","Việt Nam","Hộp 1 chai 20ml ","CÔNG TY CỔ PHẦN DƯỢC PHẨM OPC",{"v":10500,"d":"10,500"},{"v":2000,"d":"2,000"},null,{"v":21000000,"d":"21,000,000"}]
[]
["TỔNG CỘNG",{"$nulls":15},{"v":181,"d":"181.00"},null,{"v":28917460300,"d":"28,917,460,300.00 "}]
["Nhóm 5: Thuốc sản xuất trên dây chuyền sản xuất thuốc được cơ quan quản lý dược Việt Nam đánh giá đạt nguyên tắc, tiêu chuẩn WHO-GMP và không thuộc các nhóm 1, 2, 3, 4."]
[324,6,"Aciclovir (dưới dạng Aciclovir natri)","Antopi 250",null,"VD-27091-17","250mg","Bột đông khô pha tiêm",null,"Tiêm","Lọ","Công ty Cổ Phần Dược Phẩm Trung Ương 1 - Pharbaco","Việt Nam","Hộp 1 lọ + 1 ống nước cất pha tiêm 5ml","CÔNG TY TNHH TM-ĐT-XNK H.P CÁT",{"v":273000,"d":"273,000"},{"v":3500,"d":"3,500"},null,{"v":955500000,"d":"955,500,000"}]
[325,34,"Amphotericin B ","AMPHOTRET",null,"VN-18166-14","50mg","Bột đông khô pha tiêm, truyền tĩnh mạch",null,"Tiêm, truyền tĩnh mạch","Lọ","Bharat Serums and Vaccines Ltd","India","Hộp 1 lọ bột đông khô pha tiêm","CÔNG TY CỔ PHẦN DƯỢC PHẨM THIẾT BỊ Y TẾ HÀ NỘI ",{"v":168000,"d":"168,000"},{"v":1500,"d":"1,500"},null,{"v":252000000,"d":"252,000,000"}]
[326,35,"Amphotericin B (Lipid Complex)","AMPHOLIP",null,"VN-19392-15","50mg (5mg/ml)","Phức hợp lipid tiêm tĩnh mạch",null,"Tiêm tĩnh mạch","Lọ","Bharat Serums and Vaccines Ltd","India","Hộp 1 lọ 10ml phức hợp lipid tiêm tĩnh mạch kèm kim tiêm lọc vô trùng","CÔNG TY CỔ PHẦN DƯỢC PHẨM THIẾT BỊ Y TẾ HÀ NỘI ",{"v":1800000,"d":"1,800,000"},300,null,{"v":540000000,"d":"540,000,000"}]
[327,229,"Linezolid","Inlezone 600",null,"VD-32784-19","600mg/300ml","Dung dịch thuốc tiêm truyền",null,"Tiêm","Túi","Công ty cổ phần dược phẩm Am Vi","Việt Nam","Hộp 1 túi 300ml","CÔNG TY CỔ PHẦN DƯỢC PHẨM HIỆP BÁCH NIÊN",{"v":195000,"d":"195,000"},500,null,{"v":97500000,"d":"97,500,000"}]
[328,243,"Metadoxine","Metadroxyl",null,"VN-15993-12","500mg","Viên nén bao phim",null,"Uống","Viên","Micro Labs Limited","Ấn Độ","Hộp 5 vỉ x 6 viên","CÔNG TY TNHH MỘT THÀNH VIÊN DƯỢC PHẨM THÁI DƯƠNG ",{"v":5890,"d":"5,890"},{"v":30000,"d":"30,000"},null,{"v":176700000,"d":"176,700,000"}]
[329,307,"Phospholipid đậu nành ","Esserose 450",null,"VN-22016-19","450mg","Viên nang mềm",null,"Uống","Viên","Minskintercaps U.V","Belarus","Hộp 5 vỉ x 10 viên","CÔNG TY TNHH DƯỢC PHẨM QUANG DƯƠNG ",{"v":5500,"d":"5,500"},{"v":30000,"d":"30,000"},null,{"v":165000000,"d":"165,000,000"}]
[330,331,"Rifaximin","Reffix 550","Refix 550","VN3-264-20","550mg","Viên nén bao phim",null,"Uống","Viên","Atra Pharmaceuticals Limited","Ấn Độ","Hộp 3 vỉ x 10 viên","CÔNG TY TNHH DƯỢC PHẨM PHƯƠNG NGHI",{"v":23000,"d":"23,000"},{"v":3000,"d":"3,000"},null,{"v":69000000,"d":"69,000,000"}]
[331,346,"Sofosbuvir","Cgovir",null,"QLĐB-712-18","400mg","Viên nén bao phim",null,"Uống","Viên","Công ty TNHH sinh dược phẩm Hera","Việt Nam","Hộp 4 vỉ x 7 viên","CÔNG TY TNHH THƯƠNG MẠI THIỆN CHÍ",{"v":159348,"d":"159,348"},{"v":2000,"d":"2,000"},null,{"v":318696000,"d":"318,696,000"}]
[332,349,"Sofosbuvir + Velpatasvir","MyVelpa",null,"VN3-242-19","400mg + 100mg","Viên nén bao phim",null,"Uống","Viên","Mylan Laboratories Limted","Ấn Độ","Hộp 01 lọ x 28 viên","CÔNG TY TNHH DƯỢC PHẨM PHƯƠNG NGHI",{"v":247000,"d":"247,000"},{"v":10000,"d":"10,000"},null,{"v":2470000000,"d":"2,470,000,000"}]
[333,365,"Tenofovir + Efavirenz + Emtricitabin","ENFAVIRENZ 600 MG, EMTRICITABINE 200 MG AND TENOFOVIR DISOPROXIL FUMARAT 300 MG TABLETS","ENFAVIRENZ 600MG, EMTRICITABINE 200MG AND TENOFOVIR DISOPROXIL FUMARAT 300MG TABLETS","VN2-400-15","300mg + 600mg + 200mg","Viên nén bao phim",null,"Uống","Viên","Macleods Pharmaceuticals Ltd.","Ấn Độ","Hộp 1 lọ x 30 viên ","CÔNG TY CỔ PHẦN GONSA",{"v":22230,"d":"22,230"},{"v":10000,"d":"10,000"},null,{"v":222300000,"d":"222,300,000"}]
[334,367,"Tenofovir disoprosil fumarat + Lamivudin + Efavirenz","Avonza",null,"VN3-73-18","300mg + 300mg + 400mg","Viên nén bao phim",null,"Uống","Viên","Mylan Laboratories Limited","India","Hộp 1 lọ x 30 viên","CÔNG TY TNHH DƯỢC PHẨM ĐẠI DƯƠNG ",{"v":17500,"d":"17,500"},{"v":65000,"d":"65,000"},null,{"v":1137500000,"d":"1,137,500,000"}]
[335,369,"Tenofovir alafenamide (dưới dạng Tenofovir alafenamide fumarate)","PHARCAVIR",null,"VD3-29-19","25mg","Viên nén bao phim",null,"Uống","Viên","Công ty Cổ phần Dược phẩm Trung ương I - Pharbaco","Việt Nam","Hộp 03 vỉ x 10 viên","CÔNG TY TNHH RM HEALTHCARE",{"v":20000,"d":"20,000"},{"v":10000,"d":"10,000"},null,{"v":200000000,"d":"200,000,000"}]
[336,379,"Triclabendazol","Deworm",null,"VN-16567-13","250mg","Viên nén",null,"Uống","Viên","Atra Pharmaceuticals Pvt. Ltd","Ấn Độ","Hộp 1 vỉ x 4 viên","CÔNG TY TNHH DƯỢC PHẨM PHƯƠNG NGHI",{"v":23000,"d":"23,000"},{"v":1000,"d":"1,000"},null,{"v":23000000,"d":"23,000,000"}]
[]
["TỔNG CỘNG",{"$nulls":15},{"v":13,"d":"13.00"},null,{"v":6627196000,"d":"6,627,196,000.00 "}]
["TỔNG CỘNG",{"$nulls":15},{"v":336,"d":"336.00"},null,{"v":82273545080,"d":"82,273,545,080.00 "}]
[]
[{"$nulls":14},"TP Hồ Chí Minh, ngày 29 tháng 12 năm 2020"]
[{"$nulls":14},"GIÁM ĐỐC"]
[]
[{"$nulls":14},"TS.BS. NGUYỄN VĂN VĨNH CHÂU"]

{"sheet":"CÔNG TY","index":1,"n_rows":517,"n_cols":18,"rows_kept":517,"merged":[[0,0,0,4],[1,0,1,4],[3,0,3,17],[4,0,4,17],[5,0,5,17],[13,0,13,2],[13,5,13,15],[13,16,13,17],[25,0,25,2],[25,5,25,15],[25,16,25,17],[34,0,34,2],[34,5,34,15],[34,16,34,17],[45,0,45,2],[45,5,45,15],[45,16,45,17],[55,0,55,2],[55,5,55,15],[55,16,55,17],[58,0,58,2],[58,5,58,15],[58,16,58,17],[64,0,64,2],[64,5,64,15],[64,16,64,17],[73,0,73,2],[73,5,73,15],[73,16,73,17],[77,0,77,2],[77,5,77,15],[77,16,77,17],[80,0,80,2],[80,5,80,15],[80,16,80,17],[89,0,89,2],[89,5,89,15],[89,16,89,17],[92,0,92,2],[92,5,92,15],[92,16,92,17],[101,0,101,2],[101,5,101,15],[101,16,101,17],[107,0,107,2],[107,5,107,15],[107,16,107,17],[110,0,110,2],[110,5,110,15],[110,16,110,17],[114,0,114,2],[114,5,114,15],[114,16,114,17],[118,0,118,2],[118,5,118,15],[118,16,118,17],[121,0,121,2],[121,5,121,15],[121,16,121,17],[125,0,125,2],[125,5,125,15],[125,16,125,17],[148,0,148,2],[148,5,148,15],[148,16,148,17],[154,0,154,2],[154,5,154,15],[154,16,154,17],[164,0,164,2],[164,5,164,15],[164,16,164,17],[167,0,167,2],[167,5,167,15],[167,16,167,17],[170,0,170,2],[170,5,170,15],[170,16,170,17],[176,0,176,2],[176,5,176,15],[176,16,176,17],[192,0,192,2],[192,5,192,15],[192,16,192,17],[202,0,202,2],[202,5,202,15],[202,16,202,17],[210,0,210,2],[210,5,210,15],[210,16,210,17],[216,0,216,2],[216,5,216,15],[216,16,216,17],[220,0,220,2],[220,5,220,15],[220,16,220,17],[227,0,227,2],[227,5,227,15],[227,16,227,17],[254,0,254,2],[254,5,254,15],[254,16,254,17],[264,0,264,2],[264,5,264,15],[264,16,264,17],[276,0,276,2],[276,5,276,15],[276,16,276,17],[280,0,280,2],[280,5,280,15],[280,16,280,17],[284,0,284,2],[284,5,284,15],[284,16,284,17],[288,0,288,2],[288,5,288,15],[288,16,288,17],[292,0,292,2],[292,5,292,15],[292,16,292,17],[297,0,297,2],[297,5,297,15],[297,16,297,17],[301,0,301,2],[301,5,301,15],[301,16,301,17],[305,0,305,2],[305,5,305,15],[305,16,305,17],[315,0,315,2],[315,5,315,15],[315,16,315,17],[321,0,321,2],[321,5,321,15],[321,16,321,17],[324,0,324,2],[324,5,324,15],[324,16,324,17],[329,0,329,2],[329,5,329,15],[329,16,329,17],[336,0,336,2],[336,5,336,15],[336,16,336,17],[341,0,341,2],[341,5,341,15],[341,16,341,17],[353,0,353,2],[353,5,353,15],[353,16,353,17],[356,0,356,2],[356,5,356,15],[356,16,356,17],[361,0,361,2],[361,5,361,15],[361,16,361,17],[366,0,366,2],[366,5,366,15],[366,16,366,17],[369,0,369,2],[369,5,369,15],[369,16,369,17],[373,0,373,2],[373,5,373,15],[373,16,373,17],[376,0,376,2],[376,5,376,15],[376,16,376,17],[379,0,379,2],[379,5,379,15],[379,16,379,17],[382,0,382,2],[382,5,382,15],[382,16,382,17],[385,0,385,2],[385,5,385,15],[385,16,385,17],[388,0,388,2],[388,5,388,15],[388,16,388,17],[391,0,391,2],[391,5,391,15],[391,16,391,17],[400,0,400,2],[400,5,400,15],[400,16,400,17],[403,0,403,2],[403,5,403,15],[403,16,403,17],[412,0,412,2],[412,5,412,15],[412,16,412,17],[416,0,416,2],[416,5,416,15],[416,16,416,17],[419,0,419,2],[419,5,419,15],[419,16,419,17],[423,0,423,2],[423,5,423,15],[423,16,423,17],[426,0,426,2],[426,5,426,15],[426,16,426,17],[433,0,433,2],[433,5,433,15],[433,16,433,17],[463,0,463,2],[463,5,463,15],[463,16,463,17],[466,0,466,2],[466,5,466,15],[466,16,466,17],[469,0,469,2],[469,5,469,15],[469,16,469,17],[472,0,472,2],[472,5,472,15],[472,16,472,17],[475,0,475,2],[475,5,475,15],[475,16,475,17],[479,0,479,2],[479,5,479,15],[479,16,479,17],[482,0,482,2],[482,5,482,15],[482,16,482,17],[485,0,485,2],[485,5,485,15],[485,16,485,17],[490,0,490,2],[490,5,490,15],[490,16,490,17],[494,0,494,2],[494,5,494,15],[494,16,494,17],[498,0,498,2],[498,5,498,15],[498,16,498,17],[501,0,501,2],[501,5,501,15],[501,16,501,17],[504,0,504,2],[504,5,504,15],[504,16,504,17],[505,0,505,2],[505,5,505,15],[505,16,505,17],[507,16,507,17],[510,12,510,17],[511,12,511,17],[516,12,516,17]]}
["SỞ Y TẾ THÀNH PHỐ HỒ CHÍ MINH"]
["BỆNH VIỆN BỆNH NHIỆT ĐỚI"]
[]
["DANH MỤC THUỐC TRÚNG THẦU "]
["GÓI THẦU THUỐC GENERIC (THUỐC HÓA DƯỢC, SINH PHẨM) (theo công ty)"]
["(Đính kèm theo Quyết định số 2430/QĐ-BVBNĐ ngày 29/12/2020 của Giám đốc Bệnh viện Bệnh Nhiệt Đới)"]
[]
["STT","STT trong HSMT","Nhóm TCKT và TCCN","Hoạt chất","Tên hàng hóa dự thầu","Tên hàng hóa dự thầu sau điều chỉnh","SĐK\r hoặc số\r GPNK","Hàm lượng","Dạng bào chế","Dạng trình bày","Đường dùng","Đơn vị tính","Hãng sản xuất","Nước sản xuất","Công ty dự thầu","Đơn giá trúng thầu","Số lượng","Thành tiền"]
[1,2,3,4,5,6,7,8,9,10,11,12,13,14,15,16,17,18]
["CÔNG TY CỔ PHẦN ĐẦU TƯ VÀ PHÁT TRIỂN TÂY ÂU"]
[1,37,1,"Ampicilin (dưới dạng ampicillin natri) + Sulbactam (dưới dạng sulbactam natri)","Ama Power",null,"VN-19857-16","1000mg + 500mg","Bột pha tiêm","Hộp 50 lọ","Tiêm","Lọ","S.C.Antibiotice S.A.","Romani","CÔNG TY CỔ PHẦN ĐẦU TƯ VÀ PHÁT TRIỂN TÂY ÂU",{"v":62000,"d":"62,000"},{"v":2000,"d":"2,000"},{"$f":"P11*Q11","v":{"v":124000000,"d":"124,000,000"}}]
[2,286,1,"Oxacillin (dưới dạng Oxacillin natri monohydrat)","Omeusa",null,"VN-20402-17","1000mg","Bột pha tiêm","Hộp 50 lọ ","Tiêm","Lọ","S.C.Antibiotice S.A.","Romania","CÔNG TY CỔ PHẦN ĐẦU TƯ VÀ PHÁT TRIỂN TÂY ÂU",{"v":74000,"d":"74,000"},{"v":16000,"d":"16,000"},{"$f":"P12*Q12","v":{"v":1184000000,"d":"1,184,000,000"}}]
[3,288,4,"Natri Oxacillin (hoặc Oxacillin (dưới dạng Oxacillin Natri))","Euvioxcin",null,"VD-17438-12","500mg","Viên nang cứng","Hộp 2 vỉ x 10 viên","Uống","Viên","Công ty cổ phần dược phẩm Hà Tây","Việt Nam","CÔNG TY CỔ PHẦN ĐẦU TƯ VÀ PHÁT TRIỂN TÂY ÂU",{"v":2500,"d":"2,500"},{"v":14000,"d":"14,000"},{"v":35000000,"d":"35,000,000"}]
["CỘNG KHOẢN",null,null,{"v":3,"d":"3.00"},{"$nulls":12},{"$f":"SUM(R11:R13)","v":{"v":1343000000,"d":"1,343,000,000 "}}]
["CÔNG TY CỔ PHẦN DƯỢC - TRANG THIẾT BỊ Y TẾ BÌNH ĐỊNH (BIDIPHAR)"]
[1,19,4,"Alpha chymotrypsin ","α - Chymotrypsin",null,"VD-22580-15","4200 UI","Viên nén","Hộp 3 vỉ x 10 viên","Uống","Viên","CÔNG TY CỔ PHẦN DƯỢC - TRANG THIẾT BỊ Y TẾ BÌNH ĐỊNH (BIDIPHAR)","Việt Nam","CÔNG TY CỔ PHẦN DƯỢC - TRANG THIẾT BỊ Y TẾ BÌNH ĐỊNH (BIDIPHAR)",210,{"v":10000,"d":"10,000"},{"v":2100000,"d":"2,100,000"}]
[2,94,4,"Ceftriaxon (dưới dạng ceftriaxon natri)","Ceftrione 1g",null,"VD-28233-17","1g","Bột pha tiêm","Hộp 10 lọ ","Tiêm","Lọ","CÔNG TY CỔ PHẦN DƯỢC - TRANG THIẾT BỊ Y TẾ BÌNH ĐỊNH (BIDIPHAR)","Việt Nam","CÔNG TY CỔ PHẦN DƯỢC - TRANG THIẾT BỊ Y TẾ BÌNH ĐỊNH (BIDIPHAR)",{"v":6489,"d":"6,489"},{"v":20000,"d":"20,000"},{"v":129780000,"d":"129,780,000"}]
[3,176,4,"Gabapentin","Neucotic",null,"VD-27264-17","300mg","Viên nang cứng","Hộp 10 vỉ x 10 viên","Uống","Viên","CÔNG TY CỔ PHẦN DƯỢC - TRANG THIẾT BỊ Y TẾ BÌNH ĐỊNH (BIDIPHAR)","Việt Nam","CÔNG TY CỔ PHẦN DƯỢC - TRANG THIẾT BỊ Y TẾ BÌNH ĐỊNH (BIDIPHAR)",567,{"v":2500,"d":"2,500"},{"v":1417500,"d":"1,417,500"}]
[4,263,4,"Acetylcystein","Bifacold",null,"VD-25865-16","200mg","Thuốc cốm","Hộp 30 gói x 1g","Uống","Gói","CÔNG TY CỔ PHẦN DƯỢC - TRANG THIẾT BỊ Y TẾ BÌNH ĐỊNH (BIDIPHAR)","Việt Nam","CÔNG TY CỔ PHẦN DƯỢC - TRANG THIẾT BỊ Y TẾ BÌNH ĐỊNH (BIDIPHAR)",504,{"v":4500,"d":"4,500"},{"v":2268000,"d":"2,268,000"}]
[5,293,4,"Paracetamol","Biragan 150",null,"VD-21236-14","150mg","Thuốc đạn","Hộp 2 vỉ x 5 viên","Đặt hậu môn","Viên","CÔNG TY CỔ PHẦN DƯỢC - TRANG THIẾT BỊ Y TẾ BÌNH ĐỊNH (BIDIPHAR)","Việt Nam","CÔNG TY CỔ PHẦN DƯỢC - TRANG THIẾT BỊ Y TẾ BÌNH ĐỊNH (BIDIPHAR)",{"v":1638,"d":"1,638"},{"v":10000,"d":"10,000"},{"v":16380000,"d":"16,380,000"}]
[6,313,4,"Piperacilin (dưới dạng piperacillin natri) ; Tazobactam  (dưới dạng Tazobactam natri) ","Tazopelin 4,5g",null,"VD-20673-14","4g + 0,5g","Thuốc bột pha tiêm","Hộp 1 lọ thuốc tiêm bột","Tiêm","Lọ","CÔNG TY CỔ PHẦN DƯỢC - TRANG THIẾT BỊ Y TẾ BÌNH ĐỊNH (BIDIPHAR)","Việt Nam","CÔNG TY CỔ PHẦN DƯỢC - TRANG THIẾT BỊ Y TẾ BÌNH ĐỊNH (BIDIPHAR)",{"v":69174,"d":"69,174"},{"v":23500,"d":"23,500"},{"v":1625589000,"d":"1,625,589,000"}]
[7,341,4,"Sắt (dưới dạng sắt II sulfat khô) + Acid Folic","Bidiferon",null,"VD-31296-18","50mg sắt + 0,35mg acid folic","Viên nén bao phim","Hộp 10 vỉ x 10 viên","Uống","Viên","CÔNG TY CỔ PHẦN DƯỢC - TRANG THIẾT BỊ Y TẾ BÌNH ĐỊNH (BIDIPHAR)","Việt Nam","CÔNG TY CỔ PHẦN DƯỢC - TRANG THIẾT BỊ Y TẾ BÌNH ĐỊNH (BIDIPHAR)",525,{"v":5000,"d":"5,000"},{"v":2625000,"d":"2,625,000"}]
[8,351,4,"Spiramycin + Metronidazol","Zolgyl",null,"VD-28244-17","750.000 UI + 125 mg","Viên nén bao phim","Hộp 2 vỉ x 10 viên","Uống","Viên","CÔNG TY CỔ PHẦN DƯỢC - TRANG THIẾT BỊ Y TẾ BÌNH ĐỊNH (BIDIPHAR)","Việt Nam","CÔNG TY CỔ PHẦN DƯỢC - TRANG THIẾT BỊ Y TẾ BÌNH ĐỊNH (BIDIPHAR)",903,{"v":3000,"d":"3,000"},{"v":2709000,"d":"2,709,000"}]
[9,402,4,"Vitamin C","Kingdomin Vita C",null,"VD-25868-16","1000mg","Viên nén sủi","Hộp 5 vỉ x 4 viên","Uống","Viên","CÔNG TY CỔ PHẦN DƯỢC - TRANG THIẾT BỊ Y TẾ BÌNH ĐỊNH (BIDIPHAR)","Việt Nam","CÔNG TY CỔ PHẦN DƯỢC - TRANG THIẾT BỊ Y TẾ BÌNH ĐỊNH (BIDIPHAR)",756,500,{"v":378000,"d":"378,000"}]
[10,404,4,"Acid Ascorbic ","Bidicorbic 500",null,"VD-19842-13","500mg","Viên nang cứng","Chai 100 viên ","Uống","Viên","CÔNG TY CỔ PHẦN DƯỢC - TRANG THIẾT BỊ Y TẾ BÌNH ĐỊNH (BIDIPHAR)","Việt Nam","CÔNG TY CỔ PHẦN DƯỢC - TRANG THIẾT BỊ Y TẾ BÌNH ĐỊNH (BIDIPHAR)",189,{"v":1000,"d":"1,000"},{"v":189000,"d":"189,000"}]
["CỘNG KHOẢN",null,null,{"v":10,"d":"10.00"},{"$nulls":12},{"$f":"SUM(R16:R25)","v":{"v":1783435500,"d":"1,783,435,500 "}}]
["CÔNG TY CỔ PHẦN DƯỢC DANAPHA"]
[1,164,3,"Fexofenadin hydroclorid","Danapha - Telfadin",null,"VD-24082-16","60mg","Viên nén bao phim","Hộp 1 vỉ x 10 viên","Uống","Viên","Công ty Cổ phần Dược Danapha","Việt Nam","CÔNG TY CỔ PHẦN DƯỢC DANAPHA",{"v":1890,"d":"1,890"},{"v":45000,"d":"45,000"},{"v":85050000,"d":"85,050,000"}]
[2,29,4,"Amitriptylin hydroclorid","Amitriptylin 25mg",null,"VD-31039-18","25mg","Viên nén bao phim","Hộp 1 lọ x 100 viên","Uống","Viên","Công ty Cổ phần Dược Danapha","Việt Nam","CÔNG TY CỔ PHẦN DƯỢC DANAPHA",154,{"v":10000,"d":"10,000"},{"v":1540000,"d":"1,540,000"}]
[3,187,4,"Haloperidol","Haloperidol 0,5%",null,"VD-28791-18","5mg/1ml","Dung dịch tiêm","Hộp 20 ống x 1ml","Tiêm","Ống","Công ty Cổ phần Dược Danapha","Việt Nam","CÔNG TY CỔ PHẦN DƯỢC DANAPHA",{"v":1785,"d":"1,785"},100,{"v":178500,"d":"178,500"}]
[4,253,4,"Midazolam (dưới dạng Midazolam HCl 5,56 mg)","Zodalan",null,"VD-27704-17","5mg/1ml","Dung dịch tiêm","Hộp 10 ống x 1ml","Tiêm","Ống","Công ty Cổ phần Dược Danapha","Việt Nam","CÔNG TY CỔ PHẦN DƯỢC DANAPHA",{"v":14700,"d":"14,700"},{"v":90000,"d":"90,000"},{"v":1323000000,"d":"1,323,000,000"}]
[5,305,4,"Phenytoin","Phenytoin 100mg",null,"VD-23443-15","100mg","Viên nén","Hộp 1 lọ x 100 viên","Uống","Viên","Công ty Cổ phần Dược Danapha","Việt Nam","CÔNG TY CỔ PHẦN DƯỢC DANAPHA",294,{"v":1000,"d":"1,000"},{"v":294000,"d":"294,000"}]
[6,350,4,"Sorbitol","Sorbitol 5g",null,"VD-25582-16","5g","Thuốc bột pha dung dịch uống","Hộp 20 gói x 5g","Uống","Gói","Công ty Cổ phần Dược Danapha","Việt Nam","CÔNG TY CỔ PHẦN DƯỢC DANAPHA",420,500,{"v":210000,"d":"210,000"}]
[7,360,4,"Sulpirid","Sulpirid 50mg",null,"VD-26682-17","50mg","Viên nén","Hộp 2 vỉ x 15 viên","Uống","Viên","Công ty Cổ phần Dược Danapha","Việt Nam","CÔNG TY CỔ PHẦN DƯỢC DANAPHA",189,{"v":9000,"d":"9,000"},{"v":1701000,"d":"1,701,000"}]
["CỘNG KHOẢN",null,null,{"v":7,"d":"7.00"},{"$nulls":12},{"$f":"SUM(R28:R34)","v":{"v":1411973500,"d":"1,411,973,500 "}}]
["CÔNG TY CỔ PHẦN DƯỢC HẬU GIANG"]
[1,18,2,"Chymotrypsin (tương đương 4200 USP unit)","AlphaDHG",null,"VD-20546-14","21 microkatal","Viên nén","Hộp 2 vỉ x 10 viên","Uống","Viên","CTCP Dược Hậu Giang - CN nhà máy DP DHG tại Hậu Giang","Việt Nam","CÔNG TY CỔ PHẦN DƯỢC HẬU GIANG",800,{"v":10000,"d":"10,000"},{"v":8000000,"d":"8,000,000"}]
[2,40,2,"Atorvastatin (dưới dạng Atorvastatin calcium)","Lipvar 10",null,"VD-30859-18","10mg","Viên nén","Hộp 3 vỉ x 10 viên","Uống","Viên","CTCP Dược Hậu Giang - CN nhà máy DP DHG tại Hậu Giang","Việt Nam","CÔNG TY CỔ PHẦN DƯỢC HẬU GIANG",470,900,{"v":423000,"d":"423,000"}]
[3,31,3,"Amoxicilin (dưới dạng Amoxicillin trihydrat) + Acid clavulanic (dưới dạng Clavulanat kali)","Klamentin 250/31.25",null,"VD-24615-16","250mg + 31,25mg","Thuốc cốm pha hỗn dịch uống","Hộp 24 gói x 1g","Uống","Gói","CTCP Dược Hậu Giang - CN nhà máy DP DHG tại Hậu Giang","Việt Nam","CÔNG TY CỔ PHẦN DƯỢC HẬU GIANG",{"v":2350,"d":"2,350"},{"v":5000,"d":"5,000"},{"v":11750000,"d":"11,750,000"}]
[4,32,3,"Amoxicilin (dưới dạng Amoxicillin trihydrat) + Acid clavulanic (dưới dạng Clavulanat kali)","Klamentin 875/125",null,"VD-24618-16","875mg + 125mg","Viên nén bao phim","Hộp 2 vỉ x 7 viên","Uống","Viên","CTCP Dược Hậu Giang - CN nhà máy DP DHG tại Hậu Giang","Việt Nam","CÔNG TY CỔ PHẦN DƯỢC HẬU GIANG",{"v":4200,"d":"4,200"},{"v":6000,"d":"6,000"},{"v":25200000,"d":"25,200,000"}]
[5,42,3,"Azithromycin (dưới dạng Azithromycin dihydrat)","Azithromycin 200",null,"VD-26004-16","200mg","Thuốc bột pha hỗn dịch uống","Hộp 24 gói x 1,5g","Uống","Gói","CTCP Dược Hậu Giang - CN nhà máy DP DHG tại Hậu Giang","Việt Nam","CÔNG TY CỔ PHẦN DƯỢC HẬU GIANG",{"v":1800,"d":"1,800"},{"v":1800,"d":"1,800"},{"v":3240000,"d":"3,240,000"}]
[6,98,3,"Cefuroxim (dưới dạng Cefuroxim axetil)","Haginat 250",null,"VD-26007-16","250mg","Viên nén bao phim","Hộp 2 vỉ x 5 viên","Uống","Viên","CTCP Dược Hậu Giang - CN nhà máy DP DHG tại Hậu Giang","Việt Nam","CÔNG TY CỔ PHẦN DƯỢC HẬU GIANG",{"v":2160,"d":"2,160"},{"v":4000,"d":"4,000"},{"v":8640000,"d":"8,640,000"}]
[7,41,4,"Azithromycin (dưới dạng Azithromycin dihydrat)","Azithromycin 100",null,"VD-27557-17","100mg","Thuốc bột pha hỗn dịch uống","Hộp 24 gói x 0,75g","Uống","Gói","CTCP Dược Hậu Giang - CN nhà máy DP DHG tại Hậu Giang","Việt Nam","CÔNG TY CỔ PHẦN DƯỢC HẬU GIANG",{"v":1700,"d":"1,700"},500,{"v":850000,"d":"850,000"}]
[8,144,4,"Domperidon (dưới dạng Domperidon maleat)","Modom's",null,"VD-20579-14","10mg","Viên nén bao phim","Hộp 10 vỉ xé x 10 viên","Uống","Viên","CTCP Dược Hậu Giang - CN nhà máy DP DHG tại Hậu Giang","Việt Nam","CÔNG TY CỔ PHẦN DƯỢC HẬU GIANG",159,{"v":32000,"d":"32,000"},{"v":5088000,"d":"5,088,000"}]
[9,274,4,"Natri clorid + Natri citrat dihydrat + Kali clorid + Glucose khan","Oresol 245",null,"VD-22037-14","520mg + 580mg + 300mg + 2,7g","Thuốc bột","Hộp 20 gói x 4,1g","Uống","Gói","CTCP Dược Hậu Giang - CN nhà máy DP DHG tại Hậu Giang","Việt Nam","CÔNG TY CỔ PHẦN DƯỢC HẬU GIANG",805,{"v":420000,"d":"420,000"},{"v":338100000,"d":"338,100,000"}]
["CỘNG KHOẢN",null,null,{"v":9,"d":"9.00"},{"$nulls":12},{"$f":"SUM(R37:R45)","v":{"v":401291000,"d":"401,291,000 "}}]
["CÔNG TY CỔ PHẦN DƯỢC LIỆU TRUNG ƯƠNG 2 (PHYTOPHARMA )"]
[1,91,1,"Ceftolozane (dưới dạng ceftolozane sulfate) + Tazobactam (dưới dạng tazobactam natri)","Zerbaxa 1g/0.5g 10x20ml Vial","Zerbaxa","VN3-215-19","1g + 500mg","Bột pha dung dịch đậm đặc để pha dung dịch tiêm truyền","Hộp 10 lọ","Truyền tĩnh mạch","Lọ","CSSX và ĐG cấp 1: Steri-Pharma, LLC; CSSX sản phẩm trung gian ceftolozane: ACS Dobfar S.p.A; CSĐG cấp 2 và xuất xưởng: Laboratoires Merck Sharp & Dohme-Chibret","Nước sản xuất: Mỹ, Nước đóng gói: Pháp","CÔNG TY CỔ PHẦN DƯỢC LIỆU TRUNG ƯƠNG 2 (PHYTOPHARMA )",{"v":1631000,"d":"1,631,000"},500,{"v":815500000,"d":"815,500,000"}]
[2,97,1,"Cefuroxim (dưới dạng Cefuroxim axetil)","Zinnat Tab 250mg 10's","Zinnat Tablets 250mg","VN-19963-16","250mg","Viên nén bao phim","Hộp 1 vỉ x 10 viên","Uống","Viên","Glaxo Operations UK Limited","Anh","CÔNG TY CỔ PHẦN DƯỢC LIỆU TRUNG ƯƠNG 2 (PHYTOPHARMA )",{"v":12510,"d":"12,510"},{"v":4000,"d":"4,000"},{"v":50040000,"d":"50,040,000"}]
[3,99,1,"Cefuroxim (dưới dạng Cefuroxim axetil)","Xorimax Tab 500mg 10's","Xorimax 500mg","VN-20624-17","500mg","Viên nén bao phim","Hộp 1 vỉ x 10 viên","Uống","Viên","Sandoz GmbH","Áo","CÔNG TY CỔ PHẦN DƯỢC LIỆU TRUNG ƯƠNG 2 (PHYTOPHARMA )",{"v":8506,"d":"8,506"},{"v":7500,"d":"7,500"},{"v":63795000,"d":"63,795,000"}]
[4,174,1,"Acid Fusidic + Betamethasone valerate","Fucicort Cre 15g","Fucicort","VN-14208-11","Acid Fusidic 2% + Betamethasone valerate 0,1%","Kem","Hộp 1 tuýp 15g","Dùng ngoài","Tuýp","Leo Laboratories Limited","Ireland","CÔNG TY CỔ PHẦN DƯỢC LIỆU TRUNG ƯƠNG 2 (PHYTOPHARMA )",{"v":89400,"d":"89,400"},100,{"v":8940000,"d":"8,940,000"}]
[5,260,1,"Moxifloxacin (dưới dạng Moxifloxacin HCl)","Avelox Tab 400mg 5's","Avelox","VN-19011-15","400mg","Viên nén bao phim","Hộp 1 vỉ x 5 viên","Uống","Viên","Bayer Pharma AG","Đức","CÔNG TY CỔ PHẦN DƯỢC LIỆU TRUNG ƯƠNG 2 (PHYTOPHARMA )",{"v":52500,"d":"52,500"},100,{"v":5250000,"d":"5,250,000"}]
[6,277,1,"Nhũ dịch lipid","Lipovenoes 10%  PLR 500ml 10's","Lipovenoes 10%  PLR","VN-22320-19","10%","Nhũ tương tiêm truyền tĩnh mạch","Thùng 10 chai 500ml","Tiêm","Chai","Fresenius Kabi Austria GmbH","Áo","CÔNG TY CỔ PHẦN DƯỢC LIỆU TRUNG ƯƠNG 2 (PHYTOPHARMA )",{"v":138000,"d":"138,000"},{"v":1000,"d":"1,000"},{"v":138000000,"d":"138,000,000"}]
[7,278,1,"Nhũ dịch lipid","Smoflipid 20% Inf 100ml 10's","Smoflipid 20%","VN-19955-16","20%","Nhũ tương truyền tĩnh mạch","Thùng 10 chai 100ml","Tiêm","Chai","Fresenius Kabi Austria GmbH","Áo","CÔNG TY CỔ PHẦN DƯỢC LIỆU TRUNG ƯƠNG 2 (PHYTOPHARMA )",{"v":98000,"d":"98,000"},200,{"v":19600000,"d":"19,600,000"}]
[8,323,1,"Propofol","Fresofol 1% Mct/Lct Inj 20ml 5's","Fresofol 1% Mct/Lct","VN-17438-13","1% (10mg/ml)","Nhũ tương để tiêm hoặc tiêm truyền tĩnh mạch","Hộp 5 ống 20ml","Tiêm hoặc tiêm truyền tĩnh mạch (IV)","Ống","Fresenius Kabi Austria GmbH","Áo","CÔNG TY CỔ PHẦN DƯỢC LIỆU TRUNG ƯƠNG 2 (PHYTOPHARMA )",{"v":27000,"d":"27,000"},{"v":5000,"d":"5,000"},{"v":135000000,"d":"135,000,000"}]
["CỘNG KHOẢN",null,null,{"v":8,"d":"8.00"},{"$nulls":12},{"$f":"SUM(R48:R55)","v":{"v":1236125000,"d":"1,236,125,000 "}}]
["CÔNG TY CỔ PHẦN DƯỢC NEWSUN"]
[1,228,2,"Linezolid ","Lichaunox",null,"VN-21245-18","600mg/300ml","Dung dịch tiêm truyền","Hộp 1 túi nhựa 300ml","Tiêm truyền","Túi","Pharmaceutical Works Polpharma S.A","Poland","CÔNG TY CỔ PHẦN DƯỢC NEWSUN",{"v":719000,"d":"719,000"},500,{"v":359500000,"d":"359,500,000"}]
["CỘNG KHOẢN",null,null,{"v":1,"d":"1.00"},{"$nulls":12},{"$f":"R58","v":{"v":359500000,"d":"359,500,000 "}}]
["CÔNG TY CỔ PHẦN DƯỢC PHẨM 3/2"]
[1,122,4,"Desloratadin","DESLORATADIN",null,"VD-23482-15","5mg","Viên nén bao phim","Hộp 10 vỉ x 10 viên","Uống","Viên","Công ty cổ phần dược phẩm 3/2","Việt Nam","CÔNG TY CỔ PHẦN DƯỢC PHẨM 3/2",227,{"v":15000,"d":"15,000"},{"v":3405000,"d":"3,405,000"}]
[2,135,4,"Digoxin ","DIGOXINEQUALY",null,"VD-31550-19","0,25mg","Viên nén","Hộp 1 vỉ x 30 viên","Uống","Viên","Công ty cổ phần dược phẩm 3/2","Việt Nam","CÔNG TY CỔ PHẦN DƯỢC PHẨM 3/2",630,300,{"v":189000,"d":"189,000"}]
[3,172,4,"Acid Folic","ACID FOLIC 5mg",null,"VD-16826-12","5mg","Viên nén bao phim","Hộp 10 vỉ x 10 viên","Uống","Viên","Công ty cổ phần dược phẩm 3/2","Việt Nam","CÔNG TY CỔ PHẦN DƯỢC PHẨM 3/2",175,{"v":1000,"d":"1,000"},{"v":175000,"d":"175,000"}]
[4,284,4,"Nystatin","NYSTATIN 25000IU",null,"VD-18216-13","25.000IU","Thuốc bột rà miệng","Hộp 20 gói x 1gam","Uống","Gói","Công ty cổ phần dược phẩm 3/2","Việt Nam","CÔNG TY CỔ PHẦN DƯỢC PHẨM 3/2",980,{"v":5000,"d":"5,000"},{"v":4900000,"d":"4,900,000"}]
["CỘNG KHOẢN",null,null,{"v":4,"d":"4.00"},{"$nulls":12},{"$f":"SUM(R61:R64)","v":{"v":8669000,"d":"8,669,000 "}}]
["CÔNG TY CỔ PHẦN DƯỢC PHẨM AGIMEXPHARM"]
[1,201,4,"Itraconazol (dưới dạng Itraconazol 22% kl/kl)","IFATRAX",null,"VD-31570-19","100mg","Viên nang cứng","Hộp 1 vỉ x 4 viên","Uống","Viên","CN Công ty CPDP Agimexpharm - Nhà máy SX DP Agimexpharm","Việt Nam","CÔNG TY CỔ PHẦN DƯỢC PHẨM AGIMEXPHARM",{"v":4650,"d":"4,650"},{"v":30000,"d":"30,000"},{"v":139500000,"d":"139,500,000"}]
[2,285,4,"Nystatin","NYSTATAB",null,"VD-24708-16","500.000 IU","Viên nén bao phim","Hộp 2 vỉ x 10 viên","Uống","Viên","CN Công ty CPDP Agimexpharm - Nhà máy SX DP Agimexpharm","Việt Nam","CÔNG TY CỔ PHẦN DƯỢC PHẨM AGIMEXPHARM",840,500,{"v":420000,"d":"420,000"}]
[3,315,4,"Povidone Iodine","POVIDONE",null,"VD-17882-12","10%","Dung dịch dùng ngoài","Chai 90ml","Dùng ngoài","Chai","Công ty CPDP Agimexpharm","Việt Nam","CÔNG TY CỔ PHẦN DƯỢC PHẨM AGIMEXPHARM",{"v":7640,"d":"7,640"},{"v":1700,"d":"1,700"},{"v":12988000,"d":"12,988,000"}]
[4,327,4,"Racecadotril","RACEDAGIM 10",null,"VD-24711-16","10mg","Thuốc cốm","Hộp 10 gói x 1g","Uống","Gói","CN Công ty CPDP Agimexpharm - Nhà máy SX DP Agimexpharm","Việt Nam","CÔNG TY CỔ PHẦN DƯỢC PHẨM AGIMEXPHARM",{"v":3500,"d":"3,500"},{"v":17000,"d":"17,000"},{"v":59500000,"d":"59,500,000"}]
[5,329,4,"Ribavirin ","RIBATAGIN 500",null,"VD-28833-18","500mg","Viên nén bao phim","Hộp 2 vỉ x 10 viên","Uống","Viên","CN Công ty CPDP Agimexpharm - Nhà máy SX DP Agimexpharm","Việt Nam","CÔNG TY CỔ PHẦN DƯỢC PHẨM AGIMEXPHARM",{"v":3320,"d":"3,320"},{"v":10000,"d":"10,000"},{"v":33200000,"d":"33,200,000"}]
[6,330,4,"Rifampicin","AGIFAMCIN 300",null,"VD-14223-11","300mg","Viên nang","Hộp 10 vỉ x 10 viên","Uống","Viên","Công ty CPDP Agimexpharm","Việt Nam","CÔNG TY CỔ PHẦN DƯỢC PHẨM AGIMEXPHARM",{"v":2520,"d":"2,520"},300,{"v":756000,"d":"756,000"}]
[7,364,4,"Tenofovir disoproxil fumarate","AGIFOVIR",null,"VD-18925-13","300mg","Viên nén bao phim","Hộp 3 vỉ x 10 viên","Uống","Viên","Công ty CPDP Agimexpharm","Việt Nam","CÔNG TY CỔ PHẦN DƯỢC PHẨM AGIMEXPHARM",{"v":1630,"d":"1,630"},{"v":670000,"d":"670,000"},{"v":1092100000,"d":"1,092,100,000"}]
["CỘNG KHOẢN",null,null,{"v":7,"d":"7.00"},{"$nulls":12},{"$f":"SUM(R67:R73)","v":{"v":1338464000,"d":"1,338,464,000 "}}]
["CÔNG TY CỔ PHẦN DƯỢC PHẨM AMPHARCO U.S.A"]
[1,320,4,"Pregabalin","MAXXNEURO 75",null,"VD-23510-15","75mg","Viên nang cứng","Hộp 3 vỉ x 10 viên","Uống","Viên","Công ty CPDP Ampharco U.S.A","Việt Nam","CÔNG TY CỔ PHẦN DƯỢC PHẨM AMPHARCO U.S.A",932,{"v":7000,"d":"7,000"},{"v":6524000,"d":"6,524,000"}]
[2,383,4," Acid ursodeoxycholic","MAXXHEPA URSO 250",null,"VD-30292-18","250mg","Viên nang cứng","Hộp 3 vỉ x 10 viên","Uống","Viên","Công ty CPDP Ampharco U.S.A","Việt Nam","CÔNG TY CỔ PHẦN DƯỢC PHẨM AMPHARCO U.S.A",{"v":7168,"d":"7,168"},{"v":15000,"d":"15,000"},{"v":107520000,"d":"107,520,000"}]
["CỘNG KHOẢN",null,null,{"v":2,"d":"2.00"},{"$nulls":12},{"$f":"SUM(R76:R77)","v":{"v":114044000,"d":"114,044,000 "}}]
["CÔNG TY CỔ PHẦN DƯỢC PHẨM AN PHÚ MINH "]
[1,232,4,"L-Ornithin L-Aspartat","Melopower",null,"VD-25848-16","300mg","Viên nang mềm","Hộp 12 vỉ x 5 viên","Uống","Viên","Cty cổ phần Dược TW Mediplantex","Việt Nam","CÔNG TY CỔ PHẦN DƯỢC PHẨM AN PHÚ MINH ",{"v":2880,"d":"2,880"},{"v":9000,"d":"9,000"},{"v":25920000,"d":"25,920,000"}]
["CỘNG KHOẢN",null,null,{"v":1,"d":"1.00"},{"$nulls":12},{"$f":"R80","v":{"v":25920000,"d":"25,920,000 "}}]
["CÔNG TY CỔ PHẦN DƯỢC PHẨM AN THIÊN "]
[1,52,4,"Betahistin dihydrochlorid","Betahistin 16 A.T",null,"VD-24741-16","16mg","Viên nén","Hộp 10 vỉ x 10 viên","Uống","Viên","Công ty Cổ phần Dược phẩm An Thiên","Việt Nam","CÔNG TY CỔ PHẦN DƯỢC PHẨM AN THIÊN ",210,{"v":6000,"d":"6,000"},{"v":1260000,"d":"1,260,000"}]
[2,60,4,"Bromhexin hydroclorid","Bromhexine A.T",null,"VD-25652-16","4mg/5ml","Dung dịch uống","Hộp 1 chai x 60 ml","Uống","Chai","Công ty Cổ phần Dược phẩm An Thiên","Việt Nam","CÔNG TY CỔ PHẦN DƯỢC PHẨM AN THIÊN ",{"v":9009,"d":"9,009"},200,{"v":1801800,"d":"1,801,800"}]
[3,145,4,"Domperidon","A.T Domperidon",null,"VD-26743-17","1mg/ml","Hỗn dịch uống","Hộp 1 chai x 30 ml","Uống","Chai","Công ty Cổ phần Dược phẩm An Thiên","Việt Nam","CÔNG TY CỔ PHẦN DƯỢC PHẨM AN THIÊN ",{"v":5460,"d":"5,460"},300,{"v":1638000,"d":"1,638,000"}]
[4,146,4,"Domperidon","A.T Domperidon",null,"VD-26743-17","5mg/5ml","Hỗn dịch uống","Hộp 30 gói x 5 ml","Uống","Gói","Công ty Cổ phần Dược phẩm An Thiên","Việt Nam","CÔNG TY CỔ PHẦN DƯỢC PHẨM AN THIÊN ",{"v":1008,"d":"1,008"},{"v":11000,"d":"11,000"},{"v":11088000,"d":"11,088,000"}]
[5,268,4,"Natri clorid","Nước muối sinh lý Natri clorid 0,9 %","Nước muối sinh lý Natri clorid 0,9%","VD-32743-19","0,9%; 500ml","Dung dịch dùng ngoài","Chai 500ml","Dùng ngoài","Chai","Công ty Cổ phần Dược phẩm An Thiên","Việt Nam","CÔNG TY CỔ PHẦN DƯỢC PHẨM AN THIÊN ",{"v":6405,"d":"6,405"},{"v":25000,"d":"25,000"},{"v":160125000,"d":"160,125,000"}]
[6,385,4,"Acid ursodeoxycholic","Asopus 300",null,"VD-31068-18","300mg","Viên nén bao phim","Hộp 3 vỉ x 10 viên","Uống","Viên","Công ty Cổ phần Dược phẩm An Thiên","Việt Nam","CÔNG TY CỔ PHẦN DƯỢC PHẨM AN THIÊN ",{"v":2940,"d":"2,940"},{"v":250000,"d":"250,000"},{"v":735000000,"d":"735,000,000"}]
[7,403,4,"Acid ascorbic","A.T Ascorbic syrup",null,"VD-25624-16","100mg/5ml","Dung dịch uống","Hộp 1 chai x 60 ml","Uống","Chai","Công ty Cổ phần Dược phẩm An Thiên","Việt Nam","CÔNG TY CỔ PHẦN DƯỢC PHẨM AN THIÊN ",{"v":12915,"d":"12,915"},700,{"v":9040500,"d":"9,040,500"}]
["CỘNG KHOẢN",null,null,{"v":7,"d":"7.00"},{"$nulls":12},{"$f":"SUM(R83:R89)","v":{"v":919953300,"d":"919,953,300 "}}]
["CÔNG TY CỔ PHẦN DƯỢC PHẨM BÁCH NIÊN "]
[1,206,1,"Potassium chloride","Kaldyum",null,"VN-15428-12","600mg","Viên nang giải phóng chậm","Hộp 1 lọ 50 viên","Uống","Viên","Egis Pharmaceuticals Private Limited Company","Hungary","CÔNG TY CỔ PHẦN DƯỢC PHẨM BÁCH NIÊN ",{"v":2100,"d":"2,100"},{"v":5000,"d":"5,000"},{"v":10500000,"d":"10,500,000"}]
["CỘNG KHOẢN",null,null,{"v":1,"d":"1.00"},{"$nulls":12},{"$f":"R92","v":{"v":10500000,"d":"10,500,000 "}}]
["CÔNG TY CỔ PHẦN DƯỢC PHẨM BẾN TRE"]
[1,27,1,"Aminophylin","DIAPHYLLIN VENOSUM",null,"VN-19654-16","4,8%","Dung dịch thuốc tiêm","Hộp 5 ống 5ml","Tiêm","Ống","Gedeon Richter Plc.","Hungary","CÔNG TY CỔ PHẦN DƯỢC PHẨM BẾN TRE",{"v":11829,"d":"11,829"},100,{"v":1182900,"d":"1,182,900"}]
[2,219,1,"Levocetirizin dihydrochlorid","POLLEZIN",null,"VN-20500-17","5mg","Viên nén bao phim ","Hộp 2 vỉ x 7 viên","Uống","Viên","Egis Pharmaceuticals Private Limited Company","Hungary","CÔNG TY CỔ PHẦN DƯỢC PHẨM BẾN TRE",{"v":5120,"d":"5,120"},{"v":45000,"d":"45,000"},{"v":230400000,"d":"230,400,000"}]
[3,311,1,"Pipecuronium bromide","ARDUAN",null,"VN-19653-16","4mg","Bột đông khô pha tiêm","Hộp 25 lọ thuốc + 25 lọ dung môi 2ml","Tiêm","Lọ","Gedeon Richter Plc.","Hungary","CÔNG TY CỔ PHẦN DƯỢC PHẨM BẾN TRE",{"v":34230,"d":"34,230"},{"v":35000,"d":"35,000"},{"v":1198050000,"d":"1,198,050,000"}]
[4,352,1,"Spironolacton","VEROSPIRON",null,"VN-19163-15","50mg","Viên nang cứng","Hộp 3 vỉ x 10 viên","Uống","Viên","Gedeon Richter Plc.","Hungary","CÔNG TY CỔ PHẦN DƯỢC PHẨM BẾN TRE",{"v":3990,"d":"3,990"},{"v":12500,"d":"12,500"},{"v":49875000,"d":"49,875,000"}]
[5,45,4,"Bacillus claussii","ENTEROGRAN",null,"QLSP-954-16","2 tỷ bào tử","Thuốc bột","Hộp 20 gói x 1g","Uống","Gói","Công ty CP Vắc xin và Sinh phẩm Nha Trang","Việt Nam","CÔNG TY CỔ PHẦN DƯỢC PHẨM BẾN TRE",{"v":3150,"d":"3,150"},{"v":12000,"d":"12,000"},{"v":37800000,"d":"37,800,000"}]
[6,208,4,"Kẽm (dưới dạng Kẽm gluconat)","BOSUZINC",null,"VD-29692-18","10mg/5ml","Siro","Hộp 20 gói x 5ml","Uống","Gói","Công ty CPDP Bến Tre","Việt Nam","CÔNG TY CỔ PHẦN DƯỢC PHẨM BẾN TRE",{"v":2142,"d":"2,142"},{"v":150000,"d":"150,000"},{"$f":"P100*Q100","v":{"v":321300000,"d":"321,300,000"}}]
[7,291,4,"Paracetamol micronized","BEFADOL KID",null,"VD-22446-15","150mg/5ml","Hỗn dịch uống","Hộp 20 gói 5 ml","Uống","Gói","Công ty CPDP Bến Tre","Việt Nam","CÔNG TY CỔ PHẦN DƯỢC PHẨM BẾN TRE",{"v":2410,"d":"2,410"},{"v":10000,"d":"10,000"},{"v":24100000,"d":"24,100,000"}]
["CỘNG KHOẢN",null,null,{"v":7,"d":"7.00"},{"$nulls":12},{"$f":"SUM(R95:R101)","v":{"v":1862707900,"d":"1,862,707,900 "}}]
["CÔNG TY CỔ PHẦN DƯỢC PHẨM CPC1 HÀ NỘI "]
[1,173,4,"Furosemid","BFS-Furosemide 40mg/4ml",null,"VD-25669-16","40mg/4ml","Dung dịch tiêm","Hộp 10 túi nhôm x 1 ống nhựa x 4ml","Tiêm","Ống","Công ty cổ phần dược phẩm CPC1 Hà Nội","Việt Nam","CÔNG TY CỔ PHẦN DƯỢC PHẨM CPC1 HÀ NỘI ",{"v":9450,"d":"9,450"},{"v":3000,"d":"3,000"},{"v":28350000,"d":"28,350,000"}]
[2,294,4,"Paracetamol","Falgankid 250",null,"VD-21507-14","250mg/10ml","Dung dịch uống","Hộp 4 vỉ x 5 ống nhựa x 10ml","Uống","Ống","Công ty cổ phần dược phẩm CPC1 Hà Nội","Việt Nam","CÔNG TY CỔ PHẦN DƯỢC PHẨM CPC1 HÀ NỘI ",{"v":4410,"d":"4,410"},{"v":5000,"d":"5,000"},{"v":22050000,"d":"22,050,000"}]
[3,314,4,"Calci polystyren sulfonat","Kalira",null,"VD-33992-20","5g","Bột pha hỗn dịch","Hộp 50 gói x 5g","Uống","Gói","Công ty Cổ phần Dược phẩm CPC1 Hà Nội","Việt Nam","CÔNG TY CỔ PHẦN DƯỢC PHẨM CPC1 HÀ NỘI ",{"v":14700,"d":"14,700"},{"v":2000,"d":"2,000"},{"v":29400000,"d":"29,400,000"}]
[4,370,4,"Terbinafin","Tinefin",null,"VD-32806-19","10mg","Kem bôi ngoài da","Hộp 1 tuýp 10g","Dùng ngoài","Tuýp","Công ty Cổ phần Dược phẩm CPC1 Hà Nội","Việt Nam","CÔNG TY CỔ PHẦN DƯỢC PHẨM CPC1 HÀ NỘI ",{"v":11950,"d":"11,950"},100,{"v":1195000,"d":"1,195,000"}]
["CỘNG KHOẢN",null,null,{"v":4,"d":"4.00"},{"$nulls":12},{"$f":"SUM(R104:R107)","v":{"v":80995000,"d":"80,995,000 "}}]
["CÔNG TY CỔ PHẦN DƯỢC PHẨM ĐẠI TÍN "]
[1,22,4,"Acid thioctic","Newitacid",null,"VD-32689-19","200mg","Viên nén bao phim","Hộp 10 vỉ x 10 viên","Uống","Viên","Công ty cổ phần Korea United Pharm. Int'l","Việt Nam","CÔNG TY CỔ PHẦN DƯỢC PHẨM ĐẠI TÍN ",{"v":7330,"d":"7,330"},{"v":10000,"d":"10,000"},{"v":73300000,"d":"73,300,000"}]
["CỘNG KHOẢN",null,null,{"v":1,"d":"1.00"},{"$nulls":12},{"$f":"R110","v":{"v":73300000,"d":"73,300,000 "}}]
["CÔNG TY CỔ PHẦN DƯỢC PHẨM GOLDENLIFE"]
[1,299,4,"Paracetamol + Chlorpheniramin maleat","ATTON",null,"VD-30379-18","150mg + 1mg","Dung dịch uống","Hộp 20 ống x 5ml","Uống","Ống","Công ty Cổ phần Dược phẩm Hà Tây","Việt Nam","CÔNG TY CỔ PHẦN DƯỢC PHẨM GOLDENLIFE",{"v":3340,"d":"3,340"},{"v":20000,"d":"20,000"},{"v":66800000,"d":"66,800,000"}]
[2,357,4,"Sucralfat","SPM-SUCRALFAT 1000",null,"VD-29494-18","1000mg","Hỗn dịch uống","Hộp 30 gói x 15g","Uống","Gói","Công ty Cổ phần SPM","Việt Nam","CÔNG TY CỔ PHẦN DƯỢC PHẨM GOLDENLIFE",{"v":2130,"d":"2,130"},{"v":10000,"d":"10,000"},{"v":21300000,"d":"21,300,000"}]
["CỘNG KHOẢN",null,null,{"v":2,"d":"2.00"},{"$nulls":12},{"$f":"SUM(R113:R114)","v":{"v":88100000,"d":"88,100,000 "}}]
["CÔNG TY CỔ PHẦN DƯỢC PHẨM HIỆP BÁCH NIÊN"]
[1,347,4,"Sofosbuvir + Ledipasvir (dưới dạng Ledipasvir monoacetone solvate)","Soledivir",null,"QLĐB-713-18","400mg + 90mg","Viên nén bao phim","Hộp 4 vỉ x 7 viên","Uống","Viên","Công ty TNHH Sinh dược phẩm Hera","Việt Nam","CÔNG TY CỔ PHẦN DƯỢC PHẨM HIỆP BÁCH NIÊN",{"v":130000,"d":"130,000"},{"v":10000,"d":"10,000"},{"v":1300000000,"d":"1,300,000,000"}]
[2,229,5,"Linezolid","Inlezone 600",null,"VD-32784-19","600mg/300ml","Dung dịch thuốc tiêm truyền","Hộp 1 túi 300ml","Tiêm","Túi","Công ty cổ phần dược phẩm Am Vi","Việt Nam","CÔNG TY CỔ PHẦN DƯỢC PHẨM HIỆP BÁCH NIÊN",{"v":195000,"d":"195,000"},500,{"v":97500000,"d":"97,500,000"}]
["CỘNG KHOẢN",null,null,{"v":2,"d":"2.00"},{"$nulls":12},{"$f":"SUM(R117:R118)","v":{"v":1397500000,"d":"1,397,500,000 "}}]
["CÔNG TY CỔ PHẦN DƯỢC PHẨM IMEXPHARM"]
[1,386,4,"Ursodeoxycholic acid + Vitamin B1 + B2","Ursimex",null,"VD-18737-13","50mg + 10mg + 5mg","Viên nang mềm","Hộp 6 vỉ x 10 viên","Uống","Viên","Công ty cổ phần dược phẩm Imexpharm","Việt Nam","CÔNG TY CỔ PHẦN DƯỢC PHẨM IMEXPHARM",{"v":4200,"d":"4,200"},{"v":12000,"d":"12,000"},{"v":50400000,"d":"50,400,000"}]
["CỘNG KHOẢN",null,null,{"v":1,"d":"1.00"},{"$nulls":12},{"$f":"R121","v":{"v":50400000,"d":"50,400,000 "}}]
["CÔNG TY CỔ PHẦN DƯỢC PHẨM IP"]
[1,384,1,"Acid ursodeoxycholic","Ursobil",null,"VN-20260-17","300mg","Viên nén","Hộp 3 vỉ x 10 viên","Uống","Viên","ABC Farmaceutici S.P.A","Italy","CÔNG TY CỔ PHẦN DƯỢC PHẨM IP",{"v":16000,"d":"16,000"},{"v":250000,"d":"250,000"},{"v":4000000000,"d":"4,000,000,000"}]
[2,372,4,"Thymomodulin","Althax",null,"VD-18786-13","120mg","Viên nang cứng","Hộp 3 vỉ x 10 viên","Uống","Viên","Công ty Cổ phần Dược trung ương Mediplantex","Việt Nam","CÔNG TY CỔ PHẦN DƯỢC PHẨM IP",{"v":5500,"d":"5,500"},{"v":10000,"d":"10,000"},{"v":55000000,"d":"55,000,000"}]
["CỘNG KHOẢN",null,null,{"v":2,"d":"2.00"},{"$nulls":12},{"$f":"SUM(R124:R125)","v":{"v":4055000000,"d":"4,055,000,000 "}}]
["CÔNG TY CỔ PHẦN DƯỢC PHẨM MINH DÂN "]
[1,77,3,"Cefixim (dưới dạng cefixim trihydrat) ","Cefixime 100mg",null,"VD-32524-19","100mg","Thuốc cốm pha hỗn dịch","Hộp 10 gói x 1,4g","Uống","Gói","Công ty CPDP Minh Dân","Việt Nam","CÔNG TY CỔ PHẦN DƯỢC PHẨM MINH DÂN ",982,{"v":1000,"d":"1,000"},{"v":982000,"d":"982,000"}]
[2,78,3,"Cefixim (dưới dạng Cefixim trihydrat)","Midefix 200",null,"VD-27952-17","200mg","Bột pha hỗn dịch uống","Hộp 10 gói x 2,8g","Uống","Gói","Công ty CPDP Minh Dân","Việt Nam","CÔNG TY CỔ PHẦN DƯỢC PHẨM MINH DÂN ",{"v":6800,"d":"6,800"},500,{"v":3400000,"d":"3,400,000"}]
[3,95,3,"Cefuroxim (dưới dạng Cefuroxim axetil) ","Cefuroxime 125mg",null,"VD-23598-15","125mg","Bột pha hỗn dịch uống","Hộp 10 gói x 3,5g","Uống","Gói","Công ty CPDP Minh Dân","Việt Nam","CÔNG TY CỔ PHẦN DƯỢC PHẨM MINH DÂN ",{"v":1675,"d":"1,675"},{"v":10000,"d":"10,000"},{"v":16750000,"d":"16,750,000"}]
[4,4,4,"Aciclovir","Aciclovir 200mg",null,"VD-22934-15","200mg","Viên nén","Hộp 10 vỉ x 10 viên","Uống","Viên","Công ty CPDP Minh Dân","Việt Nam","CÔNG TY CỔ PHẦN DƯỢC PHẨM MINH DÂN ",435,300,{"v":130500,"d":"130,500"}]
[5,36,4,"Ampicillin (dưới dạng Ampicillin natri)","Ampicillin 1g",null,"VD-24793-16","1g","Bột pha tiêm","Hộp 50 lọ","Tiêm","Lọ","Công ty CPDP Minh Dân","Việt Nam","CÔNG TY CỔ PHẦN DƯỢC PHẨM MINH DÂN ",{"v":5283,"d":"5,283"},{"v":1000,"d":"1,000"},{"v":5283000,"d":"5,283,000"}]
[6,49,4,"Benzylpenicilin Natri","Benzylpenicillin 1.000.000 IU",null,"VD-24794-16","1MUI","Thuốc bột pha tiêm","Hộp 50 lọ","Tiêm","Lọ","Công ty CPDP Minh Dân","Việt Nam","CÔNG TY CỔ PHẦN DƯỢC PHẨM MINH DÂN ",{"v":3310,"d":"3,310"},{"v":2000,"d":"2,000"},{"v":6620000,"d":"6,620,000"}]
[7,64,4,"Calci clorid dihydrat","Calci clorid 500mg/ 5ml",null,"VD-22935-15","500mg/ 5ml ","Dung dịch tiêm","Hộp 50 ống x 5ml","Tiêm","Ống","Công ty CPDP Minh Dân","Việt Nam","CÔNG TY CỔ PHẦN DƯỢC PHẨM MINH DÂN ",897,{"v":5000,"d":"5,000"},{"v":4485000,"d":"4,485,000"}]
[8,71,4,"Cefaclor (dưới dạng Cefaclor monohydrat)","Cefaclor 125mg",null,"VD-21657-14","125mg","Bột pha hỗn dịch uống","Hộp 10 gói x 1,4g","Uống","Gói","Công ty CPDP Minh Dân","Việt Nam","CÔNG TY CỔ PHẦN DƯỢC PHẨM MINH DÂN ",{"v":1186,"d":"1,186"},500,{"v":593000,"d":"593,000"}]
[9,72,4,"Cephalexin (dưới dạng Cephalexin monohydrat)","Cephalexin 500mg",null,"VD-18312-13","500mg","Viên nang cứng","Hộp 10 vỉ x 10 viên","Uống","Viên","Công ty CPDP Minh Dân","Việt Nam","CÔNG TY CỔ PHẦN DƯỢC PHẨM MINH DÂN ",792,{"v":2500,"d":"2,500"},{"v":1980000,"d":"1,980,000"}]
[10,75,4,"Cefdinir","Midaxin 300",null,"VD-22947-15","300mg","Viên nang cứng","Hộp 1 túi x 1 vỉ x 10 viên","Uống","Viên","Công ty CPDP Minh Dân","Việt Nam","CÔNG TY CỔ PHẦN DƯỢC PHẨM MINH DÂN ",{"v":2650,"d":"2,650"},600,{"v":1590000,"d":"1,590,000"}]
[11,82,4,"Cefoperazo + Sulbactam (dưới dạng hỗn hợp bột Cefoperazol natri và Sulbactam natri)","Midapezon 1g/1g",null,"VD-29799-18","1g + 1g","Bột pha tiêm","Hộp 1 lọ","Tiêm","Lọ","Công ty CPDP Minh Dân","Việt Nam","CÔNG TY CỔ PHẦN DƯỢC PHẨM MINH DÂN ",{"v":14570,"d":"14,570"},{"v":1500,"d":"1,500"},{"v":21855000,"d":"21,855,000"}]
[12,83,4,"Cefpodoxim (dưới dạng Cefpodoxim proxetil)","Cendromid 100",null,"VD-24231-16","100mg","Viên nang cứng","Hộp 1 túi x 1 vỉ x 10 viên","Uống","Viên","Công ty CPDP Minh Dân","Việt Nam","CÔNG TY CỔ PHẦN DƯỢC PHẨM MINH DÂN ",{"v":1263,"d":"1,263"},{"v":2500,"d":"2,500"},{"v":3157500,"d":"3,157,500"}]
[13,86,4,"Cefpodoxim (dưới dạng Cefpodoxim proxetil)","Cefodomid 200",null,"VD-24228-16","200mg","Viên nang cứng","Hộp 1 túi x 1 vỉ x 10 viên","Uống","Viên","Công ty CPDP Minh Dân","Việt Nam","CÔNG TY CỔ PHẦN DƯỢC PHẨM MINH DÂN ",{"v":1653,"d":"1,653"},{"v":6000,"d":"6,000"},{"v":9918000,"d":"9,918,000"}]
[14,111,4,"Cloxacillin (dưới dạng Cloxacillin Natri)","Cloxacilin 500mg",null,"VD-18313-13","500mg","Viên nang cứng ","Hộp 10 vỉ x 10 viên","Uống","Viên","Công ty CPDP Minh Dân","Việt Nam","CÔNG TY CỔ PHẦN DƯỢC PHẨM MINH DÂN ",{"v":1320,"d":"1,320"},{"v":5000,"d":"5,000"},{"v":6600000,"d":"6,600,000"}]
[15,124,4,"Dexamethason phosphat (dưới dạng Dexamethason natri phosphat)","Dexamethason",null,"VD-25716-16","4mg/1ml","Dung dịch tiêm","Hộp 10 ống 1ml","Tiêm","Ống","Công ty CPDP Minh Dân","Việt Nam","CÔNG TY CỔ PHẦN DƯỢC PHẨM MINH DÂN ",777,{"v":15000,"d":"15,000"},{"v":11655000,"d":"11,655,000"}]
[16,151,4,"Adrenalin (dưới dạng Adrenalin bitartrat)","Adrenalin 1mg/1ml",null,"VD-31774-19","1mg/1ml","Dung dịch tiêm","Hộp 10 ống x 1ml","Tiêm","Ống","Công ty CPDP Minh Dân","Việt Nam","CÔNG TY CỔ PHẦN DƯỢC PHẨM MINH DÂN ",{"v":1460,"d":"1,460"},{"v":10000,"d":"10,000"},{"v":14600000,"d":"14,600,000"}]
[17,241,4,"Meropenem (dưới dạng Meropenem trihydrat) ","Mizapenem  1g",null,"VD-20774-14","1g","Bột pha tiêm","Hộp 1 lọ","Tiêm","Lọ","Công ty CPDP Minh Dân","Việt Nam","CÔNG TY CỔ PHẦN DƯỢC PHẨM MINH DÂN ",{"v":56030,"d":"56,030"},{"v":2500,"d":"2,500"},{"v":140075000,"d":"140,075,000"}]
[18,269,4,"Natri clorid","Natri clorid 0,9%",null,"VD-22949-15","0,9%; 10ml ","Dung dịch nhỏ mắt, nhỏ mũi","Hộp 20 lọ 10ml","Nhỏ mắt, Nhỏ mũi","Lọ","Công ty CPDP Minh Dân","Việt Nam","CÔNG TY CỔ PHẦN DƯỢC PHẨM MINH DÂN ",{"v":1320,"d":"1,320"},{"v":7000,"d":"7,000"},{"v":9240000,"d":"9,240,000"}]
[19,303,4,"Penicillin (Dưới dạng Phenoxymethylpenicillin Kali)","Penicilin V kali 400.000 IU",null,"VD-19907-13","400.000UI","Viên nén ","Hộp 10 vỉ x 10 viên","Uống","Viên","Công ty CPDP Minh Dân","Việt Nam","CÔNG TY CỔ PHẦN DƯỢC PHẨM MINH DÂN ",294,500,{"v":147000,"d":"147,000"}]
[20,377,4,"Tobramycin (dưới dạng Tobramycin sulfat)","Tobramycin 0,3%",null,"VD-27954-17","15mg/ 5ml ","Thuốc nhỏ mắt","Hộp 20 lọ 5ml","Nhỏ mắt","Lọ","Công ty CPDP Minh Dân","Việt Nam","CÔNG TY CỔ PHẦN DƯỢC PHẨM MINH DÂN ",{"v":2865,"d":"2,865"},100,{"v":286500,"d":"286,500"}]
[21,407,4,"Nicotinamid (Vitamin PP)","Vitamin PP 50mg",null,"VD-25218-16","50mg","Viên nén","Hộp 10 vỉ x 30 viên","Uống","Viên","Công ty CPDP Minh Dân","Việt Nam","CÔNG TY CỔ PHẦN DƯỢC PHẨM MINH DÂN ",91,{"v":50000,"d":"50,000"},{"v":4550000,"d":"4,550,000"}]
["CỘNG KHOẢN",null,null,{"v":21,"d":"21.00"},{"$nulls":12},{"$f":"SUM(R128:R148)","v":{"v":263897500,"d":"263,897,500 "}}]
["CÔNG TY CỔ PHẦN DƯỢC PHẨM OPC"]
[1,117,4,"Cồn 70°","Alcool 70⁰",null,"VD-31793-19","70°","Thuốc dùng ngoài","Chai 60ml","Dùng ngoài","Chai","Chi nhánh Công ty Cổ phần Dược phẩm OPC tại Bình Dương - Nhà máy Dược phẩm OPC","Việt Nam","CÔNG TY CỔ PHẦN DƯỢC PHẨM OPC",{"v":2468,"d":"2,468"},200,{"v":493600,"d":"493,600"}]
[2,283,4,"Nước oxy già","Nước Oxy già 3%",null,"VD-33500-19","3%","Dung dịch dùng ngoài","Chai 60ml","Dùng ngoài","Chai","Chi nhánh Công ty Cổ phần Dược phẩm OPC tại Bình Dương - Nhà máy Dược phẩm OPC","Việt Nam","CÔNG TY CỔ PHẦN DƯỢC PHẨM OPC",{"v":1575,"d":"1,575"},200,{"v":315000,"d":"315,000"}]
[3,295,4,"Paracetamol","Para - OPC 325mg",null,"VD-31143-18","325mg","Thuốc bột sủi bọt","Hộp 20 gói x 1,6g","Uống","Gói","Chi nhánh Công ty Cổ phần Dược phẩm OPC tại Bình Dương - Nhà máy Dược phẩm OPC","Việt Nam","CÔNG TY CỔ PHẦN DƯỢC PHẨM OPC",{"v":1785,"d":"1,785"},{"v":5000,"d":"5,000"},{"v":8925000,"d":"8,925,000"}]
[4,408,4,"Xanh methylen + Tím gentian","Dung dịch Milian",null,"VD-18977-13","400mg + 50mg","Thuốc nước dùng ngoài","Hộp 1 chai 20ml ","Dùng ngoài","Chai","Chi nhánh Công ty Cổ phần Dược phẩm OPC tại Bình Dương - Nhà máy Dược phẩm OPC","Việt Nam","CÔNG TY CỔ PHẦN DƯỢC PHẨM OPC",{"v":10500,"d":"10,500"},{"v":2000,"d":"2,000"},{"v":21000000,"d":"21,000,000"}]
["CỘNG KHOẢN",null,null,{"v":4,"d":"4.00"},{"$nulls":12},{"$f":"SUM(R151:R154)","v":{"v":30733600,"d":"30,733,600 "}}]
["CÔNG TY CỔ PHẦN DƯỢC PHẨM SAVI"]
[1,163,2,"Fexofenadin HCl","SaViFexo 60",null,"VD-25775-16","60mg","Viên nén bao phim","Hộp 1 vỉ x 10 viên","Uống","Viên","Công ty CPDP SaVi","Việt Nam","CÔNG TY CỔ PHẦN DƯỢC PHẨM SAVI",835,{"v":45000,"d":"45,000"},{"v":37575000,"d":"37,575,000"}]
[2,213,2,"Lamivudin","Lamivudine Savi 100",null,"VD-21891-14","100mg","Viên nén bao phim","Hộp 3 vỉ x 10 viên","Uống","Viên","Công ty CPDP SaVi","Việt Nam","CÔNG TY CỔ PHẦN DƯỢC PHẨM SAVI",{"v":2200,"d":"2,200"},{"v":350000,"d":"350,000"},{"v":770000000,"d":"770,000,000"}]
[3,246,2,"Metformin hydrochlorid","Metsav 500",null,"VD-26252-17","500mg","Viên nén bao phim","Hộp 10 vỉ x 10 viên","Uống","Viên","Công ty CPDP SaVi","Việt Nam","CÔNG TY CỔ PHẦN DƯỢC PHẨM SAVI",325,{"v":5000,"d":"5,000"},{"v":1625000,"d":"1,625,000"}]
[4,248,2,"Metformin hydrochlorid","Metsav 850",null,"VD-25264-16","850mg","Viên nén bao phim","Hộp 10 vỉ x 10 viên","Uống","Viên","Công ty CPDP SaVi","Việt Nam","CÔNG TY CỔ PHẦN DƯỢC PHẨM SAVI",465,{"v":7500,"d":"7,500"},{"v":3487500,"d":"3,487,500"}]
[5,354,2,"Spironolacton + Furosemid","Savispirono-Plus",null,"VD-21895-14","50mg + 20mg","Viên nén bao phim","Hộp 2 vỉ x 10 viên","Uống","Viên","Công ty CPDP SaVi","Việt Nam","CÔNG TY CỔ PHẦN DƯỢC PHẨM SAVI",{"v":1790,"d":"1,790"},{"v":25000,"d":"25,000"},{"v":44750000,"d":"44,750,000"}]
[6,362,2,"Tenofovir disoproxil fumarat","SaVi Tenofovir 300",null,"VD-17947-12","300mg","Viên nén dài bao phim","Hộp 3 vỉ x 10 viên","Uống","Viên","Công ty CPDP SaVi","Việt Nam","CÔNG TY CỔ PHẦN DƯỢC PHẨM SAVI",{"v":4900,"d":"4,900"},{"v":670000,"d":"670,000"},{"v":3283000000,"d":"3,283,000,000"}]
[7,234,3,"Losartan kali","SaVi Losartan 50",null,"VD-29122-18","50mg","Viên nén bao phim","Hộp 3 vỉ x 10 viên","Uống","Viên","Công ty CPDP SaVi","Việt Nam","CÔNG TY CỔ PHẦN DƯỢC PHẨM SAVI",930,{"v":6000,"d":"6,000"},{"v":5580000,"d":"5,580,000"}]
[8,244,3,"Metformin hydrochlorid","Metsav 1000",null,"VD-25263-16","1000mg","Viên nén bao phim","Hộp 10 vỉ x 10 viên","Uống","Viên","Công ty CPDP SaVi","Việt Nam","CÔNG TY CỔ PHẦN DƯỢC PHẨM SAVI",985,500,{"v":492500,"d":"492,500"}]
["CỘNG KHOẢN",null,null,{"v":8,"d":"8.00"},{"$nulls":12},{"$f":"SUM(R157:R164)","v":{"v":4146510000,"d":"4,146,510,000 "}}]
["CÔNG TY CỔ PHẦN DƯỢC PHẨM TENAMYD"]
[1,93,2,"Ceftriaxon (dưới dạng Ceftriaxon natri)","Triaxobiotic 1000",null,"VD-19010-13 ","1g","Thuốc bột pha tiêm","Hộp 10 lọ ","Tiêm","Lọ","Công ty Cổ phần dược phẩm Tenamyd","Việt Nam","CÔNG TY CỔ PHẦN DƯỢC PHẨM TENAMYD",{"v":10605,"d":"10,605"},{"v":10000,"d":"10,000"},{"v":106050000,"d":"106,050,000"}]
["CỘNG KHOẢN",null,null,{"v":1,"d":"1.00"},{"$nulls":12},{"$f":"R167","v":{"v":106050000,"d":"106,050,000 "}}]
["CÔNG TY CỔ PHẦN DƯỢC PHẨM THIÊN THẢO SÀI GÒN "]
[1,5,2,"Aciclovir","Meileo",null,"VN-20711-17","250mg/10ml","Dung dịch tiêm truyền tĩnh mạch","Hộp 5 ống 10ml","Tiêm truyền tĩnh mạch","Ống","Tedec Meiji Farma SA","Tây Ban Nha","CÔNG TY CỔ PHẦN DƯỢC PHẨM THIÊN THẢO SÀI GÒN ",{"v":294000,"d":"294,000"},{"v":3500,"d":"3,500"},{"v":1029000000,"d":"1,029,000,000"}]
["CỘNG KHOẢN",null,null,{"v":1,"d":"1.00"},{"$nulls":12},{"$f":"R170","v":{"v":1029000000,"d":"1,029,000,000 "}}]
["CÔNG TY CỔ PHẦN DƯỢC PHẨM THIẾT BỊ Y TẾ HÀ NỘI "]
[1,149,2,"Efavirenz","AVIRANZ TABLETS 600MG",null,"VN3-92-18","600mg","Viên nén bao phim","Hộp 1 chai 30 viên","Uống","Viên","Sun Pharmaceutical Industries Ltd","India","CÔNG TY CỔ PHẦN DƯỢC PHẨM THIẾT BỊ Y TẾ HÀ NỘI ",{"v":2495,"d":"2,495"},{"v":15000,"d":"15,000"},{"v":37425000,"d":"37,425,000"}]
[2,325,2,"Rabeprazole Natri ","HAPPI 20",null,"VN-20397-17","20mg","Viên nén bao tan trong ruột","Hộp 10 vỉ x 10 viên","Uống","Viên","Cadila Healthcare Ltd.","India","CÔNG TY CỔ PHẦN DƯỢC PHẨM THIẾT BỊ Y TẾ HÀ NỘI ",700,{"v":15000,"d":"15,000"},{"v":10500000,"d":"10,500,000"}]
[3,34,5,"Amphotericin B ","AMPHOTRET",null,"VN-18166-14","50mg","Bột đông khô pha tiêm, truyền tĩnh mạch","Hộp 1 lọ bột đông khô pha tiêm","Tiêm, truyền tĩnh mạch","Lọ","Bharat Serums and Vaccines Ltd","India","CÔNG TY CỔ PHẦN DƯỢC PHẨM THIẾT BỊ Y TẾ HÀ NỘI ",{"v":168000,"d":"168,000"},{"v":1500,"d":"1,500"},{"v":252000000,"d":"252,000,000"}]
[4,35,5,"Amphotericin B (Lipid Complex)","AMPHOLIP",null,"VN-19392-15","50mg (5mg/ml)","Phức hợp lipid tiêm tĩnh mạch","Hộp 1 lọ 10ml phức hợp lipid tiêm tĩnh mạch kèm kim tiêm lọc vô trùng","Tiêm tĩnh mạch","Lọ","Bharat Serums and Vaccines Ltd","India","CÔNG TY CỔ PHẦN DƯỢC PHẨM THIẾT BỊ Y TẾ HÀ NỘI ",{"v":1800000,"d":"1,800,000"},300,{"v":540000000,"d":"540,000,000"}]
["CỘNG KHOẢN",null,null,{"v":4,"d":"4.00"},{"$nulls":12},{"$f":"SUM(R173:R176)","v":{"v":839925000,"d":"839,925,000 "}}]
["CÔNG TY CỔ PHẦN DƯỢC PHẨM TRUNG ƯƠNG CODUPHA"]
[1,9,1,"Aciclovir","Kemivir 800mg",null,"VN-17097-13","800mg","Viên nén","Hộp 1 vỉ x 10 viên","Uống","Viên","Medochemie Ltd.- Central Factory","Cyprus","CÔNG TY CỔ PHẦN DƯỢC PHẨM TRUNG ƯƠNG CODUPHA",{"v":12000,"d":"12,000"},{"v":7000,"d":"7,000"},{"v":84000000,"d":"84,000,000"}]
[2,141,1,"Dobutamine (dưới dạng Dobutamine HCl)","Dobutamine-hameln 5mg/ml Injection",null,"VN-16187-13","250mg/50ml","Dung dịch tiêm truyền","Hộp 10 lọ 50ml","Tiêm truyền","Lọ","Siegfried Hameln GmbH","Germany","CÔNG TY CỔ PHẦN DƯỢC PHẨM TRUNG ƯƠNG CODUPHA",{"v":144900,"d":"144,900"},{"v":1000,"d":"1,000"},{"v":144900000,"d":"144,900,000"}]
[3,184,1,"Glyceryl trinitrat (dưới dạng Glyceryl trinitrat trong glucose 1,96%: 510mg)","Glyceryl Trinitrate - Hameln 1mg/ml",null,"VN-18845-15","10mg","Dung dịch tiêm","Hộp 10 ống 10ml","Tiêm","Ống","Siegfried Hameln GmbH","Germany","CÔNG TY CỔ PHẦN DƯỢC PHẨM TRUNG ƯƠNG CODUPHA",{"v":80283,"d":"80,283"},500,{"v":40141500,"d":"40,141,500"}]
[4,266,1,"Naloxon HCl (dưới dạng Naloxone hydroclorid dihydrat)","Naloxone-hameln 0.4mg/ml Injection",null,"VN-17327-13","0,4mg/ml","Dung dịch tiêm","Hộp 10 ống 1ml","Tiêm","Ống","Siegfried Hameln GmbH","Germany","CÔNG TY CỔ PHẦN DƯỢC PHẨM TRUNG ƯƠNG CODUPHA",{"v":43995,"d":"43,995"},100,{"v":4399500,"d":"4,399,500"}]
[5,378,1,"Acid tranexamic","Medsamic 250mg/5ml",null,"VN-20801-17","250mg/5ml","Dung dịch tiêm","Hộp 2 vỉ x 5 ống","Tiêm","Ống","Medochemie Ltd -Ampoule injectable Facility","Cyprus","CÔNG TY CỔ PHẦN DƯỢC PHẨM TRUNG ƯƠNG CODUPHA",{"v":11000,"d":"11,000"},{"v":1000,"d":"1,000"},{"v":11000000,"d":"11,000,000"}]
[6,11,4,"Acid amin","Amiparen -10",null,"VD-15932-11","10%","Dung dịch tiêm truyền tĩnh mạch","Chai 500ml","Tiêm tuyền","Chai","Công ty cổ phần dược phẩm Otsuka Việt Nam","Việt Nam","CÔNG TY CỔ PHẦN DƯỢC PHẨM TRUNG ƯƠNG CODUPHA",{"v":79000,"d":"79,000"},{"v":1200,"d":"1,200"},{"v":94800000,"d":"94,800,000"}]
[7,120,4,"Desloratadin","Setbozi",null,"VD-29079-18","2,5mg","Dung dịch uống","Hộp 20 ống x 5ml","Uống","Ống","Công ty cổ phần Dược phẩm Phương Đông","Việt Nam","CÔNG TY CỔ PHẦN DƯỢC PHẨM TRUNG ƯƠNG CODUPHA",{"v":2100,"d":"2,100"},{"v":10000,"d":"10,000"},{"v":21000000,"d":"21,000,000"}]
[8,129,4,"Diazepam","Diazepam 10mg/2ml",null,"VD-25308-16","10mg/2ml","Dung dịch tiêm","Hộp 10 ống x 2ml","Tiêm","Ống","Chi nhánh Công ty cổ phần dược phẩm Trung ương Vidipha Tỉnh Bình Dương","Việt Nam","CÔNG TY CỔ PHẦN DƯỢC PHẨM TRUNG ƯƠNG CODUPHA",{"v":4473,"d":"4,473"},{"v":5000,"d":"5,000"},{"v":22365000,"d":"22,365,000"}]
[9,131,4,"Diazepam","Diazepam 5mg",null,"VD-24311-16","5mg","Viên nén","Hộp 10 vỉ x 10 viên","Uống","Viên","Chi nhánh Công ty cổ phần dược phẩm trung ương Vidipha tại Bình Dương","Việt Nam","CÔNG TY CỔ PHẦN DƯỢC PHẨM TRUNG ƯƠNG CODUPHA",240,{"v":10000,"d":"10,000"},{"v":2400000,"d":"2,400,000"}]
[10,259,4,"Morphin hydroclorid","Morphin (Morphin hydroclorid 10mg/ml)",null,"VD-24315-16","10mg/ml","Dung dịch tiêm","Hộp 25 ống x 1ml","Tiêm","Ống","Chi nhánh Công ty cổ phần dược phẩm trung ương Vidipha tại Bình Dương","Việt Nam","CÔNG TY CỔ PHẦN DƯỢC PHẨM TRUNG ƯƠNG CODUPHA",{"v":4620,"d":"4,620"},100,{"v":462000,"d":"462,000"}]
[11,302,4,"Phenobarbital","Phenobarbital 0,1 g",null,"VD-30561-18","100mg","Viên nén","Hộp 10 vỉ x 10 viên; chai 100 viên","Uống ","Viên","Chi nhánh Công ty cổ phần dược phẩm Trung ương Vidipha Bình Dương","Việt Nam","CÔNG TY CỔ PHẦN DƯỢC PHẨM TRUNG ƯƠNG CODUPHA",210,{"v":10000,"d":"10,000"},{"v":2100000,"d":"2,100,000"}]
[12,336,4,"Saccharomyces boulardii (ứng với vi sinh sống ≥ 10^8 CFU)","Zentomyces",null,"QLSP-910-15","100mg","Thuốc bột uống","Hộp 30 gói x 1g","Uống","Gói","Công ty liên doanh dược phẩm Mebiphar - Austrapharm","Việt Nam","CÔNG TY CỔ PHẦN DƯỢC PHẨM TRUNG ƯƠNG CODUPHA",{"v":3600,"d":"3,600"},{"v":5000,"d":"5,000"},{"$f":"P190*Q190","v":{"v":18000000,"d":"18,000,000"}}]
[13,361,4,"Tacrolimus","Dimustar 0,1%",null,"VD-28256-17","0,1%","Mỡ bôi da","Hộp 1 tuýp 10 gam","Dùng ngoài","Tuýp","Công ty cổ phần Hóa dược Việt Nam","Việt Nam","CÔNG TY CỔ PHẦN DƯỢC PHẨM TRUNG ƯƠNG CODUPHA",{"v":91000,"d":"91,000"},500,{"v":45500000,"d":"45,500,000"}]
[14,366,4,"Tenofovir disoproxil fumarat; Lamivudin","Dinara",null,"QLĐB-600-17","300mg; 100mg","Viên nén bao phim","Hộp 4 vỉ x 7 viên","Uống","Viên","Công ty Cổ phần Dược Phẩm Đạt Vi Phú","Việt Nam","CÔNG TY CỔ PHẦN DƯỢC PHẨM TRUNG ƯƠNG CODUPHA",{"v":13500,"d":"13,500"},{"v":15000,"d":"15,000"},{"v":202500000,"d":"202,500,000"}]
["CỘNG KHOẢN",null,null,{"v":14,"d":"14.00"},{"$nulls":12},{"$f":"SUM(R179:R192)","v":{"v":693568000,"d":"693,568,000 "}}]
["CÔNG TY CỔ PHẦN DƯỢC PHẨM TRUNG ƯƠNG CPC1"]
[1,114,1,"Natri colistimethat","Colistin TZF",null,"VN-19363-15","1000000 IU","Bột pha tiêm/truyền và hít","Hộp 20 lọ","Tiêm","Lọ","Tarchomin Pharmaceutical Works Polfa S.A.","Poland","CÔNG TY CỔ PHẦN DƯỢC PHẨM TRUNG ƯƠNG CPC1",{"v":396000,"d":"396,000"},{"v":2500,"d":"2,500"},{"v":990000000,"d":"990,000,000"}]
[2,128,1,"Diazepam","Diazepam Injection BP 10mg",null,"VN-15613-12 ","10mg/2ml","Dung dịch tiêm","Hộp 10 ống 2 ml","Tiêm","Ống","Rotexmedica GmbH Arzneimittelwerk","Germany","CÔNG TY CỔ PHẦN DƯỢC PHẨM TRUNG ƯƠNG CPC1",{"v":12600,"d":"12,600"},{"v":5000,"d":"5,000"},{"v":63000000,"d":"63,000,000"}]
[3,147,1,"Dopamin hydroclorid","Dopamine hydrochloride 4%",null,"VN-18479-14","200mg/5ml","Dung dịch tiêm truyền tĩnh mạch","Hộp 10 ống 5ml","Tiêm","Ống","Warsaw Pharmaceutical Works Polfa S.A.","Poland","CÔNG TY CỔ PHẦN DƯỢC PHẨM TRUNG ƯƠNG CPC1",{"v":19950,"d":"19,950"},{"v":1000,"d":"1,000"},{"v":19950000,"d":"19,950,000"}]
[4,188,1,"Heparin natri","Heparin",null,"VN-15617-12 ","25.000UI/5ml","Dung dịch tiêm","Hộp 25 lọ x 5ml","Tiêm","Lọ","Rotexmedica GmbH Arzneimittelwerk","Germany","CÔNG TY CỔ PHẦN DƯỢC PHẨM TRUNG ƯƠNG CPC1",{"v":199950,"d":"199,950"},700,{"v":139965000,"d":"139,965,000"}]
[5,209,1,"Ketamin (dưới dạng Ketamine HCl)","Ketamine Hydrochloride injection",null,"VN-20611-17","500mg/10ml","Dung dịch tiêm","Hộp 25 lọ 10 ml","Tiêm","Lọ","Rotexmedica GmbH Arzneimittelwerk","Germany","CÔNG TY CỔ PHẦN DƯỢC PHẨM TRUNG ƯƠNG CPC1",{"v":52500,"d":"52,500"},500,{"v":26250000,"d":"26,250,000"}]
[6,251,1,"Midazolam (dưới dạng Midazolam HCl)","Midazolam B.Braun 1mg/ml",null,"VN-21582-18","50mg/50ml","Dung dịch tiêm truyền hoặc bơm hậu môn","Hộp 10 chai nhựa 50ml","Tiêm/Đặt","Chai","B.Braun Medical S.A","Spain","CÔNG TY CỔ PHẦN DƯỢC PHẨM TRUNG ƯƠNG CPC1",{"v":59850,"d":"59,850"},{"v":4500,"d":"4,500"},{"v":269325000,"d":"269,325,000"}]
[7,304,1,"Phenylephrin (dưới dạng Phenylephrin hydroclorid)","Phenylalpha 50 micrograms/ml",null,"VN-22162-19","50mcg/ml","Dung dịch tiêm","Hộp 10 ống x 10ml","Tiêm","Ống","Laboratoire Aguettant","France","CÔNG TY CỔ PHẦN DƯỢC PHẨM TRUNG ƯƠNG CPC1",{"v":121275,"d":"121,275"},300,{"v":36382500,"d":"36,382,500"}]
[8,287,4,"Oxacilin (dưới dạng Oxacilin natri)","Oxacilin 1g",null,"VD-31240-18","1g","Thuốc bột pha tiêm","Hộp 10 lọ","Tiêm","Lọ","Công ty cổ phần dược phẩm VCP","Việt Nam","CÔNG TY CỔ PHẦN DƯỢC PHẨM TRUNG ƯƠNG CPC1",{"v":27000,"d":"27,000"},{"v":16000,"d":"16,000"},{"v":432000000,"d":"432,000,000"}]
["CỘNG KHOẢN",null,null,{"v":8,"d":"8.00"},{"$nulls":12},{"$f":"SUM(R195:R202)","v":{"v":1976872500,"d":"1,976,872,500 "}}]
["CÔNG TY CỔ PHẦN DƯỢC PHẨM TRUNG ƯƠNG VIDIPHA"]
[1,100,3,"Cefuroxim (dưới dạng cefuroxim axetil)","CEFUROXIM 500mg",null,"VD-31978-19","500mg","Viên nén bao phim","Hộp 10 vỉ x 10 viên","Uống","Viên","Chi nhánh công ty cổ phần dược phẩm trung ương Vidipha Bình Dương","Việt Nam","CÔNG TY CỔ PHẦN DƯỢC PHẨM TRUNG ƯƠNG VIDIPHA",{"v":3150,"d":"3,150"},{"v":7500,"d":"7,500"},{"v":23625000,"d":"23,625,000"}]
[2,104,4,"Clorpheniramin maleat","CLORPHENIRAMIN 4mg","CLORPHENIRAMIN","VD-29879-18","4mg","Viên nén","Hộp 10 vỉ x 20 viên","Uống","Viên","Chi nhánh công ty cổ phần dược phẩm trung ương Vidipha Bình Dương","Việt Nam","CÔNG TY CỔ PHẦN DƯỢC PHẨM TRUNG ƯƠNG VIDIPHA",53,{"v":200000,"d":"200,000"},{"v":10600000,"d":"10,600,000"}]
[3,215,4,"Lamivudin","LAMIVUDIN 150","LAMIVUDIN 150mg","VD-24876-16","150mg","Viên nén bao phim","Hộp 10 vỉ x 10 viên","Uống","Viên","Chi nhánh công ty cổ phần dược phẩm trung ương Vidipha Bình Dương","Việt Nam","CÔNG TY CỔ PHẦN DƯỢC PHẨM TRUNG ƯƠNG VIDIPHA",945,{"v":15000,"d":"15,000"},{"v":14175000,"d":"14,175,000"}]
[4,265,4,"Acetylcystein","ACETYLCYSTEIN 200mg",null,"VD-21910-14","200mg","Viên nang cứng","Hộp 10 vỉ x 10 viên","Uống","Viên","Chi nhánh công ty cổ phần dược phẩm trung ương Vidipha Bình Dương","Việt Nam","CÔNG TY CỔ PHẦN DƯỢC PHẨM TRUNG ƯƠNG VIDIPHA",221,{"v":7000,"d":"7,000"},{"v":1547000,"d":"1,547,000"}]
[5,359,4,"Sulfamethoxazol + Trimethoprim","VICOMETRIM 960",null,"VD-31982-19","800mg + 160mg","Viên nén bao phim","Hộp 10 vỉ x 10 viên","Uống","Viên","Chi nhánh công ty cổ phần dược phẩm trung ương Vidipha Bình Dương","Việt Nam","CÔNG TY CỔ PHẦN DƯỢC PHẨM TRUNG ƯƠNG VIDIPHA",483,{"v":50000,"d":"50,000"},{"v":24150000,"d":"24,150,000"}]
[6,401,4,"Magnesi lactat dihydrat + Pyridoxin hydroclorid","MAGDIVIX",null,"VD-24877-16","470mg + 5mg","Viên nén bao phim","Hộp 20 vỉ x 10 viên","Uống","Viên","Chi nhánh công ty cổ phần dược phẩm trung ương Vidipha Bình Dương","Việt Nam","CÔNG TY CỔ PHẦN DƯỢC PHẨM TRUNG ƯƠNG VIDIPHA",147,{"v":50000,"d":"50,000"},{"v":7350000,"d":"7,350,000"}]
["CỘNG KHOẢN",null,null,{"v":6,"d":"6.00"},{"$nulls":12},{"$f":"SUM(R205:R210)","v":{"v":81447000,"d":"81,447,000 "}}]
["CÔNG TY CỔ PHẦN DƯỢC PHẨM VIỆT HÀ "]
[1,112,1,"Codein camphosulfonat  + Sulfogaiacol  + Cao mềm Grindelia ","NEO-CODION",null,"VN-18966-15","25mg + 100mg + 20mg","Viên nén bao đường","Hộp 2 vỉ x 10 viên","Uống","Viên","Sophartex","Pháp","CÔNG TY CỔ PHẦN DƯỢC PHẨM VIỆT HÀ ",{"v":3585,"d":"3,585"},{"v":1000,"d":"1,000"},{"v":3585000,"d":"3,585,000"}]
[2,225,1,"Lidocain","LIDOCAIN",null,"VN-20499-17","10%","Thuốc phun mù","Hộp 1 lọ 38g","Dùng ngoài","Lọ","Egis Pharmaceuticals Private Limited company","Hungary","CÔNG TY CỔ PHẦN DƯỢC PHẨM VIỆT HÀ ",{"v":159000,"d":"159,000"},100,{"v":15900000,"d":"15,900,000"}]
[3,322,1,"Promethazine hydrochloride","PIPOLPHEN",null,"VN-19640-16","50mg/2ml","Dung dịch thuốc tiêm","Hộp 100 ống 2ml","Tiêm","Ống","Egis Pharmaceuticals Private Limited company","Hungary","CÔNG TY CỔ PHẦN DƯỢC PHẨM VIỆT HÀ ",{"v":15000,"d":"15,000"},100,{"v":1500000,"d":"1,500,000"}]
[4,348,1,"Sofosbuvir + Velpatasvir","EPCLUSA (Đóng gói thứ cấp, xuất xưởng: Gilead Sciences Ireland UC, địa chỉ: IDA Business and Technology Park Carrigtohill, Co. Cork - Ireland)","Epclusa","VN3-83-18","400mg + 100mg","Viên nén bao phim","Hộp 1 lọ 28 viên","Uống","Viên","Patheon Inc.","Canada","CÔNG TY CỔ PHẦN DƯỢC PHẨM VIỆT HÀ ",{"v":267750,"d":"267,750"},{"v":10000,"d":"10,000"},{"v":2677500000,"d":"2,677,500,000"}]
["CỘNG KHOẢN",null,null,{"v":4,"d":"4.00"},{"$nulls":12},{"$f":"SUM(R213:R216)","v":{"v":2698485000,"d":"2,698,485,000 "}}]
["CÔNG TY CỔ PHẦN DƯỢC PHẨM VĨNH PHÚC"]
[1,140,4,"Diphenhydramin Hydroclorid","Dimedrol",null,"VD-24899-16","10mg/1ml ","Dung dịch tiêm ","Hộp 100 ống","Tiêm","Ống","Công ty cổ phần dược phẩm Vĩnh Phúc","Việt Nam","CÔNG TY CỔ PHẦN DƯỢC PHẨM VĨNH PHÚC",595,{"v":2000,"d":"2,000"},{"v":1190000,"d":"1,190,000"}]
[2,310,4,"Phytomenadion","Vinphyton",null,"VD-16307-12","1mg/1ml","Dung dịch tiêm ","Hộp 5 vỉ x 10 ống x 1ml","Tiêm","Ống ","Công ty cổ phần dược phẩm Vĩnh Phúc","Việt Nam","CÔNG TY CỔ PHẦN DƯỢC PHẨM VĨNH PHÚC",{"v":1260,"d":"1,260"},200,{"v":252000,"d":"252,000"}]
["CỘNG KHOẢN",null,null,{"v":2,"d":"2.00"},{"$nulls":12},{"$f":"SUM(R219:R220)","v":{"v":1442000,"d":"1,442,000 "}}]
["CÔNG TY CỔ PHẦN DƯỢC PHẨM VINPHARCO"]
[1,26,1,"Amikacin (dưới dạng Amikacin sulphat)","Chemacin",null,"VN-16436-13","500mg/2ml","Dung dịch tiêm","Hộp 5 ống 2ml","Tiêm","Ống","Laboratorio Farmaceutico C.T.s.r.l.","Italy","CÔNG TY CỔ PHẦN DƯỢC PHẨM VINPHARCO",{"v":36000,"d":"36,000"},500,{"v":18000000,"d":"18,000,000"}]
[2,92,1,"Ceftriaxon (dưới dạng Ceftriaxon natri)","Daytrix",null,"VN-17223-13","1g","Bột pha tiêm","Hộp 1 lọ + 1 ống dung môi 3,5ml, Hộp 1 lọ bột, hộp 20 lọ bột, hộp 50 lọ bột","Tiêm","Lọ","Laboratorio Farmaceutico C.T.s.r.l.","Italy","CÔNG TY CỔ PHẦN DƯỢC PHẨM VINPHARCO",{"v":15900,"d":"15,900"},{"v":10000,"d":"10,000"},{"v":159000000,"d":"159,000,000"}]
[3,240,1,"Meropenem (dưới dạng Meropenem trihydrat)","Meropenem Kabi 1g",null,"VN-20415-17","1g","Bột pha dung dịch tiêm truyền tĩnh mạch","Hộp 10 lọ","Tiêm truyền tĩnh mạch","Lọ","Facta Farmaceutici S.p.A","Italy","CÔNG TY CỔ PHẦN DƯỢC PHẨM VINPHARCO",{"v":159000,"d":"159,000"},{"v":4500,"d":"4,500"},{"v":715500000,"d":"715,500,000"}]
[4,242,1,"Meropenem (dưới dạng Meropenem trihydrat 570 mg)","Meropenem Kabi 500mg",null,"VN-20246-17","500mg","Bột để pha dung dịch tiêm, tiêm truyền","Hộp 10 lọ","Tiêm/Tiêm truyền","Lọ","Facta Farmaceutici S.p.A","Italy","CÔNG TY CỔ PHẦN DƯỢC PHẨM VINPHARCO",{"v":89000,"d":"89,000"},800,{"v":71200000,"d":"71,200,000"}]
[5,316,4,"Pravastatin natri","Stavacor",null,"VD-30152-18","20mg","Viên nang cứng","Hộp 3 vỉ x 10 viên","Uống","Viên","Công ty TNHH sinh dược phẩm Hera","Việt Nam","CÔNG TY CỔ PHẦN DƯỢC PHẨM VINPHARCO",{"v":6720,"d":"6,720"},{"v":10000,"d":"10,000"},{"v":67200000,"d":"67,200,000"}]
["CỘNG KHOẢN",null,null,{"v":5,"d":"5.00"},{"$nulls":12},{"$f":"SUM(R223:R227)","v":{"v":1030900000,"d":"1,030,900,000 "}}]
["CÔNG TY CỔ PHẦN GONSA"]
[1,24,1,"Ambroxol hydroclorid","HALIXOL",null,"VN-16748-13","30mg","Viên nén ","Hộp 2 vỉ x 10 viên ","Uống","Viên","Egis Pharmaceuticals Private Limited Company","Hungary","CÔNG TY CỔ PHẦN GONSA",{"v":1500,"d":"1,500"},{"v":3500,"d":"3,500"},{"v":5250000,"d":"5,250,000"}]
[2,312,1,"Piperacillin + Tazobactam","PIPERACILLIN TAZOBACTAM KABI 4G/0.5G","PIPERACILLIN/TAZOBACTAM KABI 4G/0.5G","VN-13544-11","4g Piperacillin + 0,5g Tazobactam","Bột đông khô pha tiêm hoặc tiêm truyền"," Hộp 10 lọ","Tiêm hoặc truyền tĩnh mạch ","Lọ","Labesfal - Laboratorios Almiro, S.A","Portugal","CÔNG TY CỔ PHẦN GONSA",{"v":75600,"d":"75,600"},{"v":23500,"d":"23,500"},{"v":1776600000,"d":"1,776,600,000"}]
[3,216,2,"Lamivudin + Zidovudin","LAMIVUDINE 150MG & ZIDOVUDINE 300MG TABLETS",null,"VN2-561-17","150mg + 300mg","Viên nén bao phim","Hộp 1 lọ 60 viên ","Uống","Viên","Macleods Pharmaceuticals Ltd.","Ấn Độ","CÔNG TY CỔ PHẦN GONSA",{"v":3900,"d":"3,900"},{"v":3000,"d":"3,000"},{"v":11700000,"d":"11,700,000"}]
[4,256,2,"Montelukast ( dưới dạng Natri montelukast)","MONTEMAC 10",null,"VN-19702-16","10mg","Viên nén bao phim","Hộp 3 vỉ x 10 viên ","Uống","Viên","Macleods Pharmaceuticals Ltd.","Ấn Độ","CÔNG TY CỔ PHẦN GONSA",{"v":1250,"d":"1,250"},500,{"v":625000,"d":"625,000"}]
[5,156,3,"Esomeprazol (dưới dạng vi hạt esomeprazol magnesi dihydrat)","STADNEX 40 CAP",null,"VD-22670-15","40mg","Viên nang cứng ","Hộp 4 vỉ x 7 viên ","Uống","Viên ","Công ty TNHH Liên doanh Stellapharm -  Chi nhánh 1","Việt Nam","CÔNG TY CỔ PHẦN GONSA",{"v":7500,"d":"7,500"},{"v":30000,"d":"30,000"},{"v":225000000,"d":"225,000,000"}]
[6,38,4,"Alpha Amylase + Papain + Simethicon","ENTERPASS",null,"VD-26873-17 ","100mg + 100mg + 30mg","Viên nang mềm ","Hộp 10 vỉ x 10 viên ","Uống","Viên","Công ty cổ phần dược phẩm Me Di Sun","Việt Nam","CÔNG TY CỔ PHẦN GONSA",{"v":1800,"d":"1,800"},{"v":75000,"d":"75,000"},{"v":135000000,"d":"135,000,000"}]
[7,47,4,"Bacillus subtilis","DOMUVAR",null,"QLSP-902-15 ","2x10^9 CFU/5ml","Hỗn dịch uống","Hộp 8 vỉ x 5 ống nhựa x 5ml/ống ","Uống","Ống","Công ty cổ phần dược phẩm CPC1 Hà Nội","Việt Nam","CÔNG TY CỔ PHẦN GONSA",{"v":5500,"d":"5,500"},{"v":6000,"d":"6,000"},{"v":33000000,"d":"33,000,000"}]
[8,56,4,"Bismuth oxyd (dưới dạng Tripotassium dicitrato Bismuthat (TDB))","BISNOL",null,"VD-28446-17 ","120mg","Viên nén bao phim ","Hộp 6 vỉ x 10 viên ","Uống","Viên","Công ty cổ phần dược phẩm Đạt Vi Phú","Việt Nam","CÔNG TY CỔ PHẦN GONSA",{"v":3950,"d":"3,950"},{"v":4000,"d":"4,000"},{"v":15800000,"d":"15,800,000"}]
[9,107,4,"Ciprofloxacin (dưới dạng ciprofloxacin lactat)","CIPROFLOXACIN KABI",null,"VD-20943-14","200mg/100ml","Dung dịch tiêm truyền ","Hộp 48 chai 100ml ","Tiêm","Chai ","Công ty Cổ phần Fresenius Kabi Việt Nam","Việt Nam","CÔNG TY CỔ PHẦN GONSA",{"v":17575,"d":"17,575"},500,{"v":8787500,"d":"8,787,500"}]
[10,148,4,"Ebastin","PAMYLTIN-S",null,"VD-26887-17 ","5mg/5ml","Hỗn dịch uống","Hộp 20 gói x 5ml ","Uống","Gói","Công ty cổ phần dược phẩm Me Di Sun","Việt Nam","CÔNG TY CỔ PHẦN GONSA",{"v":5000,"d":"5,000"},{"v":30000,"d":"30,000"},{"v":150000000,"d":"150,000,000"}]
[11,179,4,"Glucose khan (dưới dạng Glucose monohydrat)","GLUCOSE 10%",null,"VD-25876-16 ","10%","Dung dịch tiêm truyền ","Thùng 30 chai 250ml ","Tiêm truyền tĩnh mạch ","Chai ","Công ty Cổ phần Fresenius Kabi Việt Nam","Việt Nam","CÔNG TY CỔ PHẦN GONSA",{"v":10080,"d":"10,080"},{"v":12000,"d":"12,000"},{"v":120960000,"d":"120,960,000"}]
[12,180,4,"Glucose khan","GLUCOSE 30%",null,"VD-23167-15 ","30%","Dung dịch tiêm truyền ","Thùng 30 chai 250ml  ","Tiêm truyền tĩnh mạch ","Chai ","Công ty Cổ phần Fresenius Kabi Việt Nam","Việt Nam","CÔNG TY CỔ PHẦN GONSA",{"v":13440,"d":"13,440"},{"v":2000,"d":"2,000"},{"v":26880000,"d":"26,880,000"}]
[13,181,4,"Glucose khan (dưới dạng Glucose monohydrat)","GLUCOSE 5%",null,"VD-28252-17 ","5%","Dung dịch tiêm truyền ","Thùng 80 chai nhựa 100ml  ","Tiêm truyền tĩnh mạch ","Chai","Công ty Cổ phần Fresenius Kabi Việt Nam","Việt Nam","CÔNG TY CỔ PHẦN GONSA",{"v":8400,"d":"8,400"},{"v":5500,"d":"5,500"},{"v":46200000,"d":"46,200,000"}]
[14,185,4,"Guaiazulen + Dimethicon","GEBHART",null,"VD-27437-17 ","4mg + 3000mg","Gel uống","Hộp 30 gói x 10g ","Uống","Gói","Công ty cổ phần dược phẩm Đạt Vi Phú","Việt Nam","CÔNG TY CỔ PHẦN GONSA",{"v":4200,"d":"4,200"},{"v":1000,"d":"1,000"},{"v":4200000,"d":"4,200,000"}]
[15,204,4,"Kali clorid","KALI CLORID KABI 10%",null,"VD-19566-13","10%","Dung dịch tiêm ","Hộp 50 ống x 10ml ","Tiêm tĩnh mạch ","Ống","Công ty Cổ phần Fresenius Kabi Việt Nam","Việt Nam","CÔNG TY CỔ PHẦN GONSA",{"v":1449,"d":"1,449"},{"v":35000,"d":"35,000"},{"v":50715000,"d":"50,715,000"}]
[16,238,4,"Magnesi sulfat","MAGNESI SULFAT KABI 15%","MAGNESI SULFATE KABI 15% ","VD-19567-13 ","1,5g/10ml","Dung dịch tiêm ","Hộp 50 ống x 10ml ","Tiêm hoặc truyền tĩnh mạch ","Ống ","Công ty Cổ phần Fresenius Kabi Việt Nam","Việt Nam","CÔNG TY CỔ PHẦN GONSA",{"v":2898,"d":"2,898"},{"v":30000,"d":"30,000"},{"v":86940000,"d":"86,940,000"}]
[17,239,4,"D-Mannitol","MANNITOL",null,"VD-23168-15 ","20g/100ml","Dung dịch tiêm truyền ","Thùng 30 chai 250ml  ","Tiêm truyền tĩnh mạch ","Chai","Công ty Cổ phần Fresenius Kabi Việt Nam","Việt Nam","CÔNG TY CỔ PHẦN GONSA",{"v":18900,"d":"18,900"},200,{"v":3780000,"d":"3,780,000"}]
[18,270,4,"Natri clorid","NATRI CLORID 0,9%",null,"VD-21954-14","0,9%; 100ml","Dung dịch tiêm truyền ","Thùng 80 chai nhựa 100ml  ","Tiêm truyền tĩnh mạch ","Chai","Công ty Cổ phần Fresenius Kabi Việt Nam","Việt Nam","CÔNG TY CỔ PHẦN GONSA",{"v":6993,"d":"6,993"},{"v":170000,"d":"170,000"},{"v":1188810000,"d":"1,188,810,000"}]
[19,272,4,"Natri clorid","NATRI CLORID 0,9%",null,"VD-21954-14","0,9%; 500ml","Dung dịch tiêm truyền ","Thùng 20 chai nhựa 500ml  ","Tiêm truyền tĩnh mạch ","Chai","Công ty Cổ phần Fresenius Kabi Việt Nam","Việt Nam","CÔNG TY CỔ PHẦN GONSA",{"v":7434,"d":"7,434"},{"v":80000,"d":"80,000"},{"v":594720000,"d":"594,720,000"}]
[20,273,4,"Natri clorid","NATRI CLORID 3%",null,"VD-23170-15 ","3%; 100ml","Dung dịch tiêm truyền ","Thùng 80 chai 100ml  ","Tiêm truyền tĩnh mạch ","Chai","Công ty Cổ phần Fresenius Kabi Việt Nam","Việt Nam","CÔNG TY CỔ PHẦN GONSA",{"v":8199,"d":"8,199"},{"v":15000,"d":"15,000"},{"v":122985000,"d":"122,985,000"}]
[21,282,4,"Nước cất pha tiêm","NƯỚC CẤT PHA TIÊM",null,"VD-23172-15 ",null,"Dung môi pha tiêm ","Thùng 20 chai 500ml  ","Tiêm","Chai","Công ty Cổ phần Fresenius Kabi Việt Nam","Việt Nam","CÔNG TY CỔ PHẦN GONSA",{"v":8400,"d":"8,400"},{"v":30000,"d":"30,000"},{"v":252000000,"d":"252,000,000"}]
[22,318,4,"Prednisolon (dưới dạng prednisolon natri metasulfobenzoat 31,44mg)","PREDSTAD 20",null,"VD-27541-17 ","20mg","Viên nén phân tán ","Hộp 2 vỉ x 10 viên ","Uống","Viên","Công ty TNHH Liên doanh Stellapharm","Việt Nam","CÔNG TY CỔ PHẦN GONSA",{"v":4500,"d":"4,500"},{"v":3000,"d":"3,000"},{"v":13500000,"d":"13,500,000"}]
[23,333,4,"Ringer lactat","RINGER LACTATE",null,"VD-22591-15",null,"Dung dịch tiêm truyền ","Thùng 20 chai nhựa 500ml ","Tiêm truyền tĩnh mạch ","Chai","Công ty Cổ phần Fresenius Kabi Việt Nam","Việt Nam","CÔNG TY CỔ PHẦN GONSA",{"v":8096,"d":"8,096"},{"v":34000,"d":"34,000"},{"v":275264000,"d":"275,264,000"}]
[24,380,4,"Trimebutin (dưới dạng Trimebutin maleat)","DECOLIC",null,"VD-19304-13 ","24mg","Bột pha hỗn dịch ","Hộp/20 gói x 1,15g ","Uống","Gói","Công ty cổ phần dược phẩm 3/2","Việt Nam","CÔNG TY CỔ PHẦN GONSA",{"v":2100,"d":"2,100"},{"v":1500,"d":"1,500"},{"v":3150000,"d":"3,150,000"}]
[25,365,5,"Tenofovir + Efavirenz + Emtricitabin","ENFAVIRENZ 600 MG, EMTRICITABINE 200 MG AND TENOFOVIR DISOPROXIL FUMARAT 300 MG TABLETS","ENFAVIRENZ 600MG, EMTRICITABINE 200MG AND TENOFOVIR DISOPROXIL FUMARAT 300MG TABLETS","VN2-400-15","300mg + 600mg + 200mg","Viên nén bao phim","Hộp 1 lọ x 30 viên ","Uống","Viên","Macleods Pharmaceuticals Ltd.","Ấn Độ","CÔNG TY CỔ PHẦN GONSA",{"v":22230,"d":"22,230"},{"v":10000,"d":"10,000"},{"v":222300000,"d":"222,300,000"}]
["CỘNG KHOẢN",null,null,{"v":25,"d":"25.00"},{"$nulls":12},{"$f":"SUM(R230:R254)","v":{"v":5374166500,"d":"5,374,166,500 "}}]
["CÔNG TY CỔ PHẦN HÓA - DƯỢC PHẨM MEKOPHAR"]
[1,123,4,"Dexamethason (dưới dạng Dexamethason acetat)","Dexamethasone 0,5mg",null,"VD-27282-17","0,5mg","Viên nén","Hộp 10 vỉ x 20 viên","Uống","Viên","Công ty Cổ phần Hóa - Dược phẩm Mekophar","Việt Nam","CÔNG TY CỔ PHẦN HÓA - DƯỢC PHẨM MEKOPHAR",144,{"v":2000,"d":"2,000"},{"v":288000,"d":"288,000"}]
[2,127,4,"Dextromethorphan HBr","Rodilar",null,"VD-32152-19","15mg","Viên nén bao đường","Hộp 10 vỉ x 10 viên","Uống","Viên","Công ty Cổ phần Hóa - Dược phẩm Mekophar","Việt Nam","CÔNG TY CỔ PHẦN HÓA - DƯỢC PHẨM MEKOPHAR",165,{"v":10000,"d":"10,000"},{"v":1650000,"d":"1,650,000"}]
[3,134,4,"Diethylphtalat","D.E.P",null,"VS-4958-16","95%","Thuốc mỡ bôi da","Hộp 20 lọ x 10g","Bôi da/dùng ngoài","Lọ","Công ty Cổ phần Hóa - Dược phẩm Mekophar","Việt Nam","CÔNG TY CỔ PHẦN HÓA - DƯỢC PHẨM MEKOPHAR",{"v":8000,"d":"8,000"},{"v":1000,"d":"1,000"},{"v":8000000,"d":"8,000,000"}]
[4,200,4,"Isoniazid","Meko INH 150",null,"VD-32143-19","150mg","Viên nén","Hộp 1 chai x 100 viên","Uống","Viên","Công ty Cổ phần Hóa - Dược phẩm Mekophar","Việt Nam","CÔNG TY CỔ PHẦN HÓA - DƯỢC PHẨM MEKOPHAR",174,{"v":25000,"d":"25,000"},{"v":4350000,"d":"4,350,000"}]
[5,296,4,"Paracetamol","Paracetamol 325mg",null,"VD-27290-17","325mg","Viên nén bao phim","Chai 180 viên","Uống","Viên","Công ty Cổ phần Hóa - Dược phẩm Mekophar","Việt Nam","CÔNG TY CỔ PHẦN HÓA - DƯỢC PHẨM MEKOPHAR",132,{"v":240000,"d":"240,000"},{"v":31680000,"d":"31,680,000"}]
[6,319,4,"Prednison","Prednisone 5mg",null,"VD-20956-14","5mg","Viên nén","Hộp 20 vỉ x 10 viên","Uống","Viên","Công ty Cổ phần Hóa - Dược phẩm Mekophar","Việt Nam","CÔNG TY CỔ PHẦN HÓA - DƯỢC PHẨM MEKOPHAR",320,{"v":10000,"d":"10,000"},{"v":3200000,"d":"3,200,000"}]
[7,332,4,"Ringer acetat","Acetate Ringer",null,"VD-15871-11",null,"Dung dịch tiêm truyền tĩnh mạch","Chai 500ml","Tiêm truyền","Chai","Công ty Cổ phần Hóa - Dược phẩm Mekophar","Việt Nam","CÔNG TY CỔ PHẦN HÓA - DƯỢC PHẨM MEKOPHAR",{"v":16000,"d":"16,000"},{"v":1000,"d":"1,000"},{"v":16000000,"d":"16,000,000"}]
[8,397,4,"Thiamin nitrat","Vitamin B1 50mg",null,"VD-32156-19","50mg","Viên nén","Chai 100 viên","Uống","Viên","Công ty Cổ phần Hóa - Dược phẩm Mekophar","Việt Nam","CÔNG TY CỔ PHẦN HÓA - DƯỢC PHẨM MEKOPHAR",173,{"v":30000,"d":"30,000"},{"v":5190000,"d":"5,190,000"}]
["CỘNG KHOẢN",null,null,{"v":8,"d":"8.00"},{"$nulls":12},{"$f":"SUM(R257:R264)","v":{"v":70358000,"d":"70,358,000 "}}]
["CÔNG TY CỔ PHẦN PYMEPHARCO"]
[1,80,2,"Cefoperazon (dưới dạng cefoperazon natri); Sulbactam (dưới dạng sulbactam natri)","Sulraapix",null,"VD-22285-15","500mg + 500mg","Thuốc bột pha tiêm","Hộp 10 lọ","Tiêm","Lọ","Công ty cổ phần Pymepharco","Việt Nam","CÔNG TY CỔ PHẦN PYMEPHARCO",{"v":20500,"d":"20,500"},{"v":1000,"d":"1,000"},{"v":20500000,"d":"20,500,000"}]
[2,90,2,"Ceftazidim (dưới dạng ceftazidim pentahydrat)","Ceftazidime EG 1g",null,"VD-25383-16","1g","Thuốc bột pha tiêm","Hộp 1 lọ","Tiêm","Lọ","Công ty cổ phần Pymepharco","Việt Nam","CÔNG TY CỔ PHẦN PYMEPHARCO",{"v":15400,"d":"15,400"},{"v":3000,"d":"3,000"},{"v":46200000,"d":"46,200,000"}]
[3,194,2,"Imipenem + Cilastatin (dưới dạng Cilastatin natri)","Pythinam",null,"VD-23852-15","500mg + 500mg","Thuốc bột pha tiêm","Hộp 10 lọ","Tiêm","Lọ","Công ty cổ phần Pymepharco","Việt Nam","CÔNG TY CỔ PHẦN PYMEPHARCO",{"v":71000,"d":"71,000"},{"v":20000,"d":"20,000"},{"v":1420000000,"d":"1,420,000,000"}]
[4,58,3,"Bisoprolol fumarat","Bisoprolol fumarat 5mg","Biscapro 5","VD-28289-17","5mg","Viên nén bao phim","Hộp 3 vỉ x 10 viên","Uống","Viên","Công ty cổ phần Pymepharco","Việt Nam","CÔNG TY CỔ PHẦN PYMEPHARCO",450,600,{"$f":"P270*Q270","v":{"v":270000,"d":"270,000"}}]
[5,162,3,"Fexofenadin HCl","Fegra 180",null,"VD-20324-13","180mg","Viên nén bao phim","Hộp 1 vỉ x 10 viên","Uống","Viên","Công ty cổ phần Pymepharco","Việt Nam","CÔNG TY CỔ PHẦN PYMEPHARCO",{"v":4900,"d":"4,900"},{"v":75000,"d":"75,000"},{"v":367500000,"d":"367,500,000"}]
[6,178,3,"Gliclazid","Pyme Diapro MR",null,"VD-22608-15","30mg","Viên nén phóng thích kéo dài","Hộp 2 vỉ x 30 viên","Uống","Viên","Công ty cổ phần Pymepharco","Việt Nam","CÔNG TY CỔ PHẦN PYMEPHARCO",280,{"v":3000,"d":"3,000"},{"v":840000,"d":"840,000"}]
[7,300,3,"Acetaminophen + Tramadol HCl","Tatanol Ultra",null,"VD-28305-17","325mg + 37,5mg","Viên nén bao phim","Hộp 3 vỉ x 10 viên","Uống","Viên","Công ty cổ phần Pymepharco","Việt Nam","CÔNG TY CỔ PHẦN PYMEPHARCO",{"v":2300,"d":"2,300"},{"v":2000,"d":"2,000"},{"v":4600000,"d":"4,600,000"}]
[8,363,3,"Tenofovir disoproxil fumarat","Tenfovix",null,"VD-20041-13","300mg","Viên nén bao phim","Hộp 3 vỉ x 10 viên","Uống","Viên","Công ty cổ phần Pymepharco","Việt Nam","CÔNG TY CỔ PHẦN PYMEPHARCO",{"v":4800,"d":"4,800"},{"v":670000,"d":"670,000"},{"v":3216000000,"d":"3,216,000,000"}]
[9,245,4,"Metformin HCl","Metformine EG 1000mg",null,"VD-23851-15","1000mg","Viên nén bao phim","Hộp 2 vỉ x 15 viên","Uống","Viên","Công ty cổ phần Pymepharco","Việt Nam","CÔNG TY CỔ PHẦN PYMEPHARCO",660,500,{"v":330000,"d":"330,000"}]
[10,406,4,"DL-alpha-Tocopheryl acetat","Vitamin E 400",null,"VD-22617-15","400UI","Viên nang mềm","Hộp 10 vỉ x 10 viên","Uống","Viên","Công ty cổ phần Pymepharco","Việt Nam","CÔNG TY CỔ PHẦN PYMEPHARCO",450,{"v":35000,"d":"35,000"},{"v":15750000,"d":"15,750,000"}]
["CỘNG KHOẢN",null,null,{"v":10,"d":"10.00"},{"$nulls":12},{"$f":"SUM(R267:R276)","v":{"v":5091990000,"d":"5,091,990,000 "}}]
["CÔNG TY CỔ PHẦN SUNDIAL PHARMA"]
[1,66,4,"Calci glycerophosphat + Magnesi gluconat","Notired Eff Strawberry",null,"VD-23875-15","456mg + 426mg","Viên nén sủi","Hộp 5 vỉ x 4 viên","Uống","Viên","Công ty cổ phần Dược-TTBYT Bình Định (Bidiphar)","Việt Nam","CÔNG TY CỔ PHẦN SUNDIAL PHARMA",{"v":4284,"d":"4,284"},{"v":14000,"d":"14,000"},{"v":59976000,"d":"59,976,000"}]
[2,115,4,"Colistin","Colirex 1MIU",null,"VD-21825-14 ","1MIU","Thuốc bột đông khô pha tiêm, phun khí dung","Hộp 1 lọ + 1 ống dung môi natri clorid 0,9% 5ml","Tiêm/Khí dung","Lọ","Công ty Cổ phần Dược-TTBYT Bình Định (Bidiphar)","Việt Nam","CÔNG TY CỔ PHẦN SUNDIAL PHARMA",{"v":359100,"d":"359,100"},{"v":2500,"d":"2,500"},{"v":897750000,"d":"897,750,000"}]
["CỘNG KHOẢN",null,null,{"v":2,"d":"2.00"},{"$nulls":12},{"$f":"SUM(R279:R280)","v":{"v":957726000,"d":"957,726,000 "}}]
["CÔNG TY CỔ PHẦN THƯƠNG MẠI DƯỢC HOÀNG LONG "]
[1,17,1,"Albumin người","Albiomin 20%",null,"QLSP-0797-14","200g/l","Dung dịch truyền tĩnh mạch","Hộp 1 chai 100ml","Tiêm truyền tĩnh mạch","Chai","Cơ sở sản xuất: Biotest AG; Cơ sở xuất xưởng: Biotest Pharma GmbH","Đức","CÔNG TY CỔ PHẦN THƯƠNG MẠI DƯỢC HOÀNG LONG ",{"v":1230000,"d":"1,230,000"},{"v":2300,"d":"2,300"},{"v":2829000000,"d":"2,829,000,000"}]
[2,195,1,"Globulin miễn dịch người trong đó có chứa ít nhất 96% IgG ","Intratect",null,"QLSP-0802-14","50g/l (IgG tối thiểu 96%)","Dung dịch tiêm truyền tĩnh mạch","Hộp 1 chai 50ml","Tiêm truyền tĩnh mạch","Chai","Cơ sở sản xuất: Biotest AG; Cơ sở xuất xưởng: Biotest Pharma GmbH","Đức","CÔNG TY CỔ PHẦN THƯƠNG MẠI DƯỢC HOÀNG LONG ",{"v":3138000,"d":"3,138,000"},500,{"v":1569000000,"d":"1,569,000,000"}]
["CỘNG KHOẢN",null,null,{"v":2,"d":"2.00"},{"$nulls":12},{"$f":"SUM(R283:R284)","v":{"v":4398000000,"d":"4,398,000,000 "}}]
["CÔNG TY CỔ PHẦN THƯƠNG MẠI DƯỢC PHẨM PVN"]
[1,118,2,"Desloratadin","Destacure",null,"VN-16773-13","2,5mg/5ml","Siro","Hộp 1 chai 60ml","Uống","Chai","Gracure Pharmaceuticals Ltd","India","CÔNG TY CỔ PHẦN THƯƠNG MẠI DƯỢC PHẨM PVN",{"v":68000,"d":"68,000"},{"v":2000,"d":"2,000"},{"v":136000000,"d":"136,000,000"}]
[2,170,2,"Fluocinolon acetonid","Flucort",null,"VN-16771-13","0,025%","Kem","Hộp 1 tuýp 15g","Bôi/dùng ngoài","Tuýp","Glenmark Pharmaceuticals Ltd","India","CÔNG TY CỔ PHẦN THƯƠNG MẠI DƯỢC PHẨM PVN",{"v":21000,"d":"21,000"},50,{"v":1050000,"d":"1,050,000"}]
["CỘNG KHOẢN",null,null,{"v":2,"d":"2.00"},{"$nulls":12},{"$f":"SUM(R287:R288)","v":{"v":137050000,"d":"137,050,000 "}}]
["CÔNG TY CỔ PHẦN VẮC XIN VÀ SINH PHẨM NAM HƯNG VIỆT"]
[1,190,4,"Kháng thể kháng vi rút dại","Huyết thanh kháng dại tinh chế (SAR)",null,"QLSP-0778-14","1000 IU","Dung dịch tiêm","Hộp 10 lọ x 1000 IU/lọ","Tiêm","Lọ","Viện Vắc xin và Sinh phẩm Y tế (IVAC)","Việt Nam","CÔNG TY CỔ PHẦN VẮC XIN VÀ SINH PHẨM NAM HƯNG VIỆT",{"v":337050,"d":"337,050"},{"v":10000,"d":"10,000"},{"v":3370500000,"d":"3,370,500,000"}]
[2,191,4,"Globulin kháng độc tố uốn ván","Huyết thanh kháng độc tố uốn ván tinh chế (SAT)",null,"QLSP-1037-17","1500 đvqt (UI)","Dung dịch tiêm","Hộp 20 ống, hai vỉ x 1500 đvqt","Tiêm","Ống","Viện Vắc xin và Sinh phẩm Y tế (IVAC)","Việt Nam","CÔNG TY CỔ PHẦN VẮC XIN VÀ SINH PHẨM NAM HƯNG VIỆT",{"v":25263,"d":"25,263"},{"v":8000,"d":"8,000"},{"v":202104000,"d":"202,104,000"}]
["CỘNG KHOẢN",null,null,{"v":2,"d":"2.00"},{"$nulls":12},{"$f":"SUM(R291:R292)","v":{"v":3572604000,"d":"3,572,604,000 "}}]
["CÔNG TY CỔ PHẦN XUẤT NHẬP KHẨU Y TẾ DOMESCO"]
[1,324,4,"Propranolol hydrochlorid  ","Dorocardyl 40mg",null,"VD-25425-16 ","40mg","Viên nén","Hộp 10 vỉ x 10 viên, Chai 100 viên","Uống"," Viên ","Công ty cổ phần xuất nhập khẩu y tế Domesco","Việt Nam","CÔNG TY CỔ PHẦN XUẤT NHẬP KHẨU Y TẾ DOMESCO",990,{"v":100000,"d":"100,000"},{"v":99000000,"d":"99,000,000"}]
[2,396,4,"Thiamin mononitrat ","Vitamin B1 250mg",null,"VD-25927-16 ","250mg","Viên nang cứng","Hộp 20 vỉ x 10 viên","Uống"," Viên ","Công ty cổ phần xuất nhập khẩu y tế Domesco","Việt Nam","CÔNG TY CỔ PHẦN XUẤT NHẬP KHẨU Y TẾ DOMESCO",441,{"v":8000,"d":"8,000"},{"v":3528000,"d":"3,528,000"}]
[3,399,4,"Pyridoxin hydroclorid","Vitamin B6 250mg",null,"VD-27389-17 ","250mg","Viên nang cứng","Hộp 20 vỉ x 10 viên","Uống"," Viên ","Công ty cổ phần xuất nhập khẩu y tế Domesco","Việt Nam","CÔNG TY CỔ PHẦN XUẤT NHẬP KHẨU Y TẾ DOMESCO",410,{"v":10000,"d":"10,000"},{"v":4100000,"d":"4,100,000"}]
["CỘNG KHOẢN",null,null,{"v":3,"d":"3.00"},{"$nulls":12},{"$f":"SUM(R295:R297)","v":{"v":106628000,"d":"106,628,000 "}}]
["CÔNG TY CỔ PHẦN XUẤT NHẬP KHẨU Y TẾ THÁI AN "]
[1,281,1,"Norfloxacin","Incarxol",null,"VN-19614-16","400mg","Viên nén bao phim","Hộp 2 vỉ x 7 viên","Uống","Viên","Laboratorios Lesvi S.L","Spain","CÔNG TY CỔ PHẦN XUẤT NHẬP KHẨU Y TẾ THÁI AN ",{"v":6405,"d":"6,405"},{"v":15000,"d":"15,000"},{"v":96075000,"d":"96,075,000"}]
[2,389,1,"Vancomycin (dưới dạng Vancomycin hydrochlorid)","Voxin",null,"VN-20983-18","1g","Bột đông khô để pha dung dịch truyền","Hộp 1 lọ","Tiêm truyền","Lọ","Vianex S.A_Plant C'","Greece","CÔNG TY CỔ PHẦN XUẤT NHẬP KHẨU Y TẾ THÁI AN ",{"v":95004,"d":"95,004"},{"v":6500,"d":"6,500"},{"v":617526000,"d":"617,526,000"}]
["CỘNG KHOẢN",null,null,{"v":2,"d":"2.00"},{"$nulls":12},{"$f":"SUM(R300:R301)","v":{"v":713601000,"d":"713,601,000 "}}]
["CÔNG TY TNHH BÌNH VIỆT ĐỨC "]
[1,76,1,"Cefepime (dưới dạng Cefepime hydrochloride monohydrate)","Verapime",null,"VN-16730-13 ","1g","Thuốc bột và dung môi pha tiêm","Hộp 1 lọ 1g + 1 ống nước cất pha tiêm 3ml","Tiêm","Lọ","Demo S.A. Pharmaceutical Industry","Greece","CÔNG TY TNHH BÌNH VIỆT ĐỨC ",{"v":61900,"d":"61,900"},150,{"v":9285000,"d":"9,285,000"}]
[2,262,1,"Acetylcystein ","Paratriam 200mg Powder",null,"VN-19418-15","200mg","Thuốc bột pha uống","Hộp 50 gói","Uống","Gói","Lindopharm GmbH","Germany","CÔNG TY TNHH BÌNH VIỆT ĐỨC ",{"v":2000,"d":"2,000"},{"v":4500,"d":"4,500"},{"v":9000000,"d":"9,000,000"}]
["CỘNG KHOẢN",null,null,{"v":2,"d":"2.00"},{"$nulls":12},{"$f":"SUM(R304:R305)","v":{"v":18285000,"d":"18,285,000 "}}]
["CÔNG TY TNHH ĐẦU TƯ NHẬP KHẨU DƯỢC ĐÔNG NAM Á"]
[1,8,4,"Aciclovir ","Acyclovir",null,"VD-24956-16","5%","Kem bôi da","Hộp 1 tuýp 5 gam","Dùng ngoài","Tuýp","Công ty cổ phần dược Medipharco","Việt Nam","CÔNG TY TNHH ĐẦU TƯ NHẬP KHẨU DƯỢC ĐÔNG NAM Á",{"v":4200,"d":"4,200"},100,{"v":420000,"d":"420,000"}]
[2,61,4,"Bromhexin hydroclorid","Bromhexine A.T",null,"VD-25652-16","4mg/5ml","Dung dịch uống","Hộp 30 ống x 10ml","Uống","Ống","Công ty cổ phần dược phẩm An Thiên","Việt Nam","CÔNG TY TNHH ĐẦU TƯ NHẬP KHẨU DƯỢC ĐÔNG NAM Á",{"v":5186,"d":"5,186"},{"v":21000,"d":"21,000"},{"v":108906000,"d":"108,906,000"}]
[3,125,4,"Dexclorpheniramin maleat","Anticlor",null,"VD-24738-16","2mg/5ml","Dung dịch uống","Hộp 30 ống x 5ml","Uống","Ống","Công ty cổ phần dược phẩm An Thiên","Việt Nam","CÔNG TY TNHH ĐẦU TƯ NHẬP KHẨU DƯỢC ĐÔNG NAM Á",{"v":4000,"d":"4,000"},{"v":100000,"d":"100,000"},{"v":400000000,"d":"400,000,000"}]
[4,171,4,"Fluvastatin (dưới dạng Fluvastatin natri)","Autifan 20",null,"VD-27803-17","20mg","Viên nang cứng","Hộp 3 vỉ x 10 viên","Uống","Viên ","Công ty cổ phần dược phẩm An Thiên","Việt Nam","CÔNG TY TNHH ĐẦU TƯ NHẬP KHẨU DƯỢC ĐÔNG NAM Á",{"v":4599,"d":"4,599"},{"v":2000,"d":"2,000"},{"v":9198000,"d":"9,198,000"}]
[5,202,4,"Ivermectin","Envix 3",null,"VD-32325-19","3mg","Viên nén","Hộp 1 vỉ x 4 viên","Uống","Viên","Công ty liên doanh Meyer-BPC","Việt Nam","CÔNG TY TNHH ĐẦU TƯ NHẬP KHẨU DƯỢC ĐÔNG NAM Á",{"v":9345,"d":"9,345"},{"v":5000,"d":"5,000"},{"v":46725000,"d":"46,725,000"}]
[6,210,4,"Ketoconazol","Ketoconazol",null,"VD-23197-15","2%","Kem bôi da","Hộp 1 tuýp 10 gam","Dùng ngoài","Tuýp","Công ty cổ phần dược Medipharco","Việt Nam","CÔNG TY TNHH ĐẦU TƯ NHẬP KHẨU DƯỢC ĐÔNG NAM Á",{"v":5355,"d":"5,355"},200,{"v":1071000,"d":"1,071,000"}]
[7,298,4,"Paracetamol + Clorpheniramin maleat","Padobaby",null,"VD-32292-19","(325mg + 2mg)/3g","Thuốc bột uống","Hộp 50 gói x 3g","Uống","Gói","Công ty cổ phần dược Medipharco","Việt Nam","CÔNG TY TNHH ĐẦU TƯ NHẬP KHẨU DƯỢC ĐÔNG NAM Á",{"v":1785,"d":"1,785"},{"v":1000,"d":"1,000"},{"v":1785000,"d":"1,785,000"}]
[8,321,4,"Promethazin hydroclorid","Promethazin",null,"VD-24422-16","2%","Kem bôi da","Hộp 1 tuýp 10 gam","Dùng ngoài","Tuýp","Công ty cổ phần dược Medipharco","Việt Nam","CÔNG TY TNHH ĐẦU TƯ NHẬP KHẨU DƯỢC ĐÔNG NAM Á",{"v":5775,"d":"5,775"},100,{"v":577500,"d":"577,500"}]
["CỘNG KHOẢN",null,null,{"v":8,"d":"8.00"},{"$nulls":12},{"$f":"SUM(R308:R315)","v":{"v":568682500,"d":"568,682,500 "}}]
["CÔNG TY TNHH DP TÂM ĐAN "]
[1,39,4,"Arginin HCl","SIQUEIRA",null,"VD-21991-14","500mg","Viên nang cứng","Hộp 6 vỉ x 10 viên","Uống","Viên","Công ty CP DP Đạt Vi Phú","Việt Nam","CÔNG TY TNHH DP TÂM ĐAN ",760,{"v":2000,"d":"2,000"},{"v":1520000,"d":"1,520,000"}]
[2,152,4,"Eprazinon dihydroclorid","TANACITOUX",null,"VD-20600-14","50mg","Viên nén bao phim","Hộp 10 vỉ x 15 viên","Uống","Viên","Công ty TNHH SX-TM DP Thành Nam","Việt Nam","CÔNG TY TNHH DP TÂM ĐAN ",370,{"v":40000,"d":"40,000"},{"v":14800000,"d":"14,800,000"}]
[3,203,4,"Ivermectin","PIZAR-6",null,"VD-18099-12","6mg","Viên nén dài","Hộp 1 vỉ x 4 viên","Uống","Viên","Công ty CP DP Đạt Vi Phú","Việt Nam","CÔNG TY TNHH DP TÂM ĐAN ",{"v":42000,"d":"42,000"},{"v":200000,"d":"200,000"},{"v":8400000000,"d":"8,400,000,000"}]
[4,224,4,"Levosulpirid","EVALDEZ",null,"VD-18841-13","50mg","Viên nén","Hộp 6 vỉ x 10 viên","Uống","Viên","Công ty CPDP Đạt Vi Phú","Việt Nam","CÔNG TY TNHH DP TÂM ĐAN ",{"v":3300,"d":"3,300"},{"v":36000,"d":"36,000"},{"v":118800000,"d":"118,800,000"}]
["CỘNG KHOẢN",null,null,{"v":4,"d":"4.00"},{"$nulls":12},{"$f":"SUM(R318:R321)","v":{"v":8535120000,"d":"8,535,120,000 "}}]
["CÔNG TY TNHH DƯỢC PHẨM ANH NHƯ"]
[1,155,1,"Esomeprazole (dưới dạng Esomeprazole natri)","Solezol",null,"VN-21738-19","40mg","Bột pha dung dịch tiêm/truyền tĩnh mạch","Hộp 1 lọ","Tiêm/Truyền tĩnh mạch","Lọ","Anfarm Hellas S.A","Greece","CÔNG TY TNHH DƯỢC PHẨM ANH NHƯ",{"v":59000,"d":"59,000"},{"v":1500,"d":"1,500"},{"v":88500000,"d":"88,500,000"}]
["CỘNG KHOẢN",null,null,{"v":1,"d":"1.00"},{"$nulls":12},{"$f":"R324","v":{"v":88500000,"d":"88,500,000 "}}]
["CÔNG TY TNHH DƯỢC PHẨM AT & C"]
[1,59,4,"Bromhexin hydroclorid","Bromhexine A.T",null,"VD-25652-16","4mg/5ml","Dung dịch uống","Hộp 30 gói x 5ml","Uống","Gói","Công Ty Cổ Phần Dược Phẩm An Thiên","Việt Nam","CÔNG TY TNHH DƯỢC PHẨM AT & C",{"v":2058,"d":"2,058"},{"v":25000,"d":"25,000"},{"v":51450000,"d":"51,450,000"}]
[2,119,4,"Desloratadin","A.T Desloratadin",null,"VD-24131-16","2,5mg/5ml","Dung dịch uống","Hộp 1 chai x 60ml","Uống","Chai","Công Ty Cổ Phần Dược Phẩm An Thiên","Việt Nam","CÔNG TY TNHH DƯỢC PHẨM AT & C",{"v":26481,"d":"26,481"},{"v":2000,"d":"2,000"},{"v":52962000,"d":"52,962,000"}]
[3,338,4,"Sắt nguyên tố (dưới dạng Sắt (III) hydroxyd polymaltose 34%)","Atiferlit",null,"VD-34132-20","50mg/5ml","Dung dịch uống","Hộp 30 ống x 5ml","Uống","Ống","Công Ty Cổ Phần Dược Phẩm An Thiên","Việt Nam","CÔNG TY TNHH DƯỢC PHẨM AT & C",{"v":7455,"d":"7,455"},{"v":10000,"d":"10,000"},{"v":74550000,"d":"74,550,000"}]
["CỘNG KHOẢN",null,null,{"v":3,"d":"3.00"},{"$nulls":12},{"$f":"SUM(R327:R329)","v":{"v":178962000,"d":"178,962,000 "}}]
["CÔNG TY TNHH DƯỢC PHẨM ĐẠI DƯƠNG "]
[1,255,1,"Natri monobasic phosphat khan + Natri dibasic phosphat khan","Clisma-lax",null,"VN-17859-14","(13,91g + 3,18g)/100ml","Dung dịch bơm hậu môn","Hộp 20 lọ x 133ml","Thụt hậu môn - trực tràng/Đặt","Lọ","Sofar S.p.A","Italy","CÔNG TY TNHH DƯỢC PHẨM ĐẠI DƯƠNG ",{"v":54000,"d":"54,000"},250,{"v":13500000,"d":"13,500,000"}]
[2,356,1,"Sucralfate","Sucrate gel",null,"VN-13767-11","1g/5ml","Hỗn dịch uống","Hộp 30 gói 5ml","Uống","Túi","Laboratorio Italiano Biochimico Farmaceutico Lisapharma S.p.A.","Italy","CÔNG TY TNHH DƯỢC PHẨM ĐẠI DƯƠNG ",{"v":7800,"d":"7,800"},{"v":10000,"d":"10,000"},{"v":78000000,"d":"78,000,000"}]
[3,227,4,"Linezolid","Forlen",null,"VD-19658-13","600mg","Viên nén bao phim","Hộp 2 vỉ x 10 viên","Uống","Viên","Công ty Cổ phần Dược phẩm Đạt Vi Phú","Việt Nam","CÔNG TY TNHH DƯỢC PHẨM ĐẠI DƯƠNG ",{"v":9770,"d":"9,770"},{"v":1000,"d":"1,000"},{"v":9770000,"d":"9,770,000"}]
[4,257,4,"Montelukast natri tương đương Montelukast","Givet-4",null,"VD-28908-18","4mg","Thuốc cốm uống","Hộp 20 gói x 1g","Uống","Gói","Công ty Cổ phần Dược phẩm Đạt Vi Phú","Việt Nam","CÔNG TY TNHH DƯỢC PHẨM ĐẠI DƯƠNG ",{"v":2100,"d":"2,100"},{"v":10000,"d":"10,000"},{"v":21000000,"d":"21,000,000"}]
[5,367,5,"Tenofovir disoprosil fumarat + Lamivudin + Efavirenz","Avonza",null,"VN3-73-18","300mg + 300mg + 400mg","Viên nén bao phim","Hộp 1 lọ x 30 viên","Uống","Viên","Mylan Laboratories Limited","India","CÔNG TY TNHH DƯỢC PHẨM ĐẠI DƯƠNG ",{"v":17500,"d":"17,500"},{"v":65000,"d":"65,000"},{"v":1137500000,"d":"1,137,500,000"}]
["CỘNG KHOẢN",null,null,{"v":5,"d":"5.00"},{"$nulls":12},{"$f":"SUM(R332:R336)","v":{"v":1259770000,"d":"1,259,770,000 "}}]
["CÔNG TY TNHH DƯỢC PHẨM HELIOS"]
[1,223,4,"Levofloxacin (dưới dạng Levofloxacin hemihydrat)","GALOXCIN 750",null,"VD-19022-13","750mg/150ml","Dung dịch tiêm truyền","Hộp 1 lọ 150ml","Tiêm truyền","Lọ","Công ty cổ phần Dược phẩm Trung Ương 1 - Pharbaco","Việt Nam","CÔNG TY TNHH DƯỢC PHẨM HELIOS",{"v":130000,"d":"130,000"},750,{"v":97500000,"d":"97,500,000"}]
[2,390,4,"Vancomycin (dưới dạng Vancomycin HCl)","VALBIVI 1.0G",null,"VD-18366-13","1000mg","Bột pha tiêm","Hộp 10 lọ","Tiêm","Lọ","Công ty cổ phần Dược phẩm Trung Ương 1 - Pharbaco","Việt Nam","CÔNG TY TNHH DƯỢC PHẨM HELIOS",{"v":34300,"d":"34,300"},{"v":6500,"d":"6,500"},{"v":222950000,"d":"222,950,000"}]
[3,391,4,"Vancomycin (dưới dạng Vancomycin HCl)","VALBIVI 0.5G",null,"VD-18365-13","500mg","Bột pha tiêm","Hộp 10 lọ","Tiêm","Lọ","Công ty cổ phần Dược phẩm Trung Ương 1 - Pharbaco","Việt Nam","CÔNG TY TNHH DƯỢC PHẨM HELIOS",{"v":16900,"d":"16,900"},{"v":1000,"d":"1,000"},{"v":16900000,"d":"16,900,000"}]
["CỘNG KHOẢN",null,null,{"v":3,"d":"3.00"},{"$nulls":12},{"$f":"SUM(R339:R341)","v":{"v":337350000,"d":"337,350,000 "}}]
["CÔNG TY TNHH DƯỢC PHẨM KHƯƠNG DUY"]
[1,247,1,"Metformin hydroclorid","Metformin Stella 850mg",null,"VD-26565-17","850mg","Viên nén bao phim","Hộp 4 vỉ x 15 viên","Uống","Viên","Công ty TNHH Liên doanh Stellapharm – Chi nhánh 1","Việt Nam","CÔNG TY TNHH DƯỢC PHẨM KHƯƠNG DUY",690,{"v":7500,"d":"7,500"},{"v":5175000,"d":"5,175,000"}]
[2,44,2,"Azithromycin (dưới dạng Azithromycin dihydrat)","Azicine",null,"VD-20541-14 ","250mg","Viên nang cứng","Hộp 1 vỉ x 6 viên","Uống","Viên","Công ty TNHH Liên doanh Stellapharm – Chi nhánh 1","Việt Nam","CÔNG TY TNHH DƯỢC PHẨM KHƯƠNG DUY",{"v":3350,"d":"3,350"},{"v":3000,"d":"3,000"},{"v":10050000,"d":"10,050,000"}]
[3,150,2,"Entecavir (dưới dạng Entecavir monohydrat)","Entecavir STELLA 0.5mg",null,"QLĐB-560-16 ","0,5mg","Viên nén bao phim","Hộp 3 vỉ x 10 viên","Uống","Viên","Công ty TNHH Liên doanh Stellapharm – Chi nhánh 1","Việt Nam","CÔNG TY TNHH DƯỢC PHẨM KHƯƠNG DUY",{"v":15300,"d":"15,300"},{"v":240000,"d":"240,000"},{"v":3672000000,"d":"3,672,000,000"}]
[4,161,2,"Fexofenadin HCl ","Fexostad 180",null,"VD-23968-15","180mg","Viên nén bao phim","Hộp 1 vỉ x 10 viên","Uống","Viên","Công ty TNHH Liên doanh Stellapharm – Chi nhánh 1","Việt Nam","CÔNG TY TNHH DƯỢC PHẨM KHƯƠNG DUY",{"v":1620,"d":"1,620"},{"v":75000,"d":"75,000"},{"v":121500000,"d":"121,500,000"}]
[5,166,2,"Fluconazol","Fluconazole Stella 150mg",null,"VD-32401-19","150mg","Viên nang cứng","Hộp 1 vỉ x 1 viên","Uống","Viên","Công ty TNHH Liên doanh Stellapharm – Chi nhánh 1","Việt Nam","CÔNG TY TNHH DƯỢC PHẨM KHƯƠNG DUY",{"v":8700,"d":"8,700"},{"v":15000,"d":"15,000"},{"v":130500000,"d":"130,500,000"}]
[6,169,2,"Flunarizin (dưới dạng flunarizin dihydroclorid)","Fluzinstad 5",null,"VD-25479-16","5mg","Viên nang cứng","Hộp 10 vỉ x 10 viên","Uống","Viên","Công ty TNHH Liên doanh Stellapharm – Chi nhánh 1","Việt Nam","CÔNG TY TNHH DƯỢC PHẨM KHƯƠNG DUY",{"v":1200,"d":"1,200"},{"v":1000,"d":"1,000"},{"v":1200000,"d":"1,200,000"}]
[7,214,2,"Lamivudin","Lamone 150",null,"VD-29499-18","150mg","Viên nén bao phim","Hộp 6 vỉ x 10 viên","Uống","Viên","Công ty TNHH Liên doanh Stellapharm – Chi nhánh 1","Việt Nam","CÔNG TY TNHH DƯỢC PHẨM KHƯƠNG DUY",{"v":4000,"d":"4,000"},{"v":15000,"d":"15,000"},{"v":60000000,"d":"60,000,000"}]
[8,264,2,"Acetylcystein","Stacytine 200 CAP",null,"VD-22667-15 ","200mg","Viên nang cứng","Hộp 10 vỉ x 10 viên","Uống","Viên","Công ty TNHH Liên doanh Stellapharm – Chi nhánh 1","Việt Nam","CÔNG TY TNHH DƯỢC PHẨM KHƯƠNG DUY",700,{"v":7000,"d":"7,000"},{"v":4900000,"d":"4,900,000"}]
[9,358,2,"Sulfamethoxazol + Trimethoprim","Cotrimoxazole 800/160",null,"VD-23966-15","800mg + 160mg","Viên nén","Hộp 10 vỉ x 10 viên","Uống","Viên","Công ty TNHH Liên doanh Stellapharm – Chi nhánh 1","Việt Nam","CÔNG TY TNHH DƯỢC PHẨM KHƯƠNG DUY",750,{"v":50000,"d":"50,000"},{"v":37500000,"d":"37,500,000"}]
[10,154,3,"Esomeprazol (dưới dạng Esomeprazol (magnesi dihydrat) vi hạt 22%)","Stadnex 20 CAP",null,"VD-22345-15","20mg","Viên nang cứng","Hộp 4 vỉ x 7 viên","Uống","Viên","Công ty TNHH Liên doanh Stellapharm – Chi nhánh 1","Việt Nam","CÔNG TY TNHH DƯỢC PHẨM KHƯƠNG DUY",{"v":2725,"d":"2,725"},{"v":100000,"d":"100,000"},{"v":272500000,"d":"272,500,000"}]
["CỘNG KHOẢN",null,null,{"v":10,"d":"10.00"},{"$nulls":12},{"$f":"SUM(R344:R353)","v":{"v":4315325000,"d":"4,315,325,000 "}}]
["CÔNG TY TNHH DƯỢC PHẨM LẠC VIỆT "]
[1,381,4,"Acid ursodeoxycholic","URSOCHOLIC-OPV 150",null,"VD-21341-14","150mg","Viên nén bao phim","Hộp 4 vỉ x 10 viên","Uống","Viên","Công ty cổ phần Dược phẩm OPV","Việt Nam","CÔNG TY TNHH DƯỢC PHẨM LẠC VIỆT ",{"v":2120,"d":"2,120"},{"v":25000,"d":"25,000"},{"v":53000000,"d":"53,000,000"}]
["CỘNG KHOẢN",null,null,{"v":1,"d":"1.00"},{"$nulls":12},{"$f":"R356","v":{"v":53000000,"d":"53,000,000 "}}]
["CÔNG TY TNHH DƯỢC PHẨM NHẤT ANH "]
[1,54,1,"Betahistine  dihydrochloride","Kernhistine 8mg Tablet",null,"VN-20143-16","8mg","Viên nén","Hộp 4 vỉ x 15 viên","Uống","Viên","Kern Pharma S.L.","Spain","CÔNG TY TNHH DƯỢC PHẨM NHẤT ANH ",{"v":1680,"d":"1,680"},{"v":1200,"d":"1,200"},{"v":2016000,"d":"2,016,000"}]
[2,113,1,"Colchicine","Colchicina Seid 1mg Tablet",null,"VN-22254-19","1mg","Viên nén","Hộp 2 vỉ x 20 viên","Uống","Viên","Seid, S.A","Spain","CÔNG TY TNHH DƯỢC PHẨM NHẤT ANH ",{"v":5200,"d":"5,200"},300,{"v":1560000,"d":"1,560,000"}]
[3,142,1,"Domperidon","Domreme",null,"VN-19608-16","10mg","Viên nén bao phim","Hộp 10 vỉ x 10 viên","Uống","Viên","Remedica Ltd","Cyprus","CÔNG TY TNHH DƯỢC PHẨM NHẤT ANH ",990,{"v":14000,"d":"14,000"},{"v":13860000,"d":"13,860,000"}]
["CỘNG KHOẢN",null,null,{"v":3,"d":"3.00"},{"$nulls":12},{"$f":"SUM(R359:R361)","v":{"v":17436000,"d":"17,436,000 "}}]
["CÔNG TY TNHH DƯỢC PHẨM PHƯƠNG NGHI"]
[1,331,5,"Rifaximin","Reffix 550","Refix 550","VN3-264-20","550mg","Viên nén bao phim","Hộp 3 vỉ x 10 viên","Uống","Viên","Atra Pharmaceuticals Limited","Ấn Độ","CÔNG TY TNHH DƯỢC PHẨM PHƯƠNG NGHI",{"v":23000,"d":"23,000"},{"v":3000,"d":"3,000"},{"v":69000000,"d":"69,000,000"}]
[2,349,5,"Sofosbuvir + Velpatasvir","MyVelpa",null,"VN3-242-19","400mg + 100mg","Viên nén bao phim","Hộp 01 lọ x 28 viên","Uống","Viên","Mylan Laboratories Limted","Ấn Độ","CÔNG TY TNHH DƯỢC PHẨM PHƯƠNG NGHI",{"v":247000,"d":"247,000"},{"v":10000,"d":"10,000"},{"v":2470000000,"d":"2,470,000,000"}]
[3,379,5,"Triclabendazol","Deworm",null,"VN-16567-13","250mg","Viên nén","Hộp 1 vỉ x 4 viên","Uống","Viên","Atra Pharmaceuticals Pvt. Ltd","Ấn Độ","CÔNG TY TNHH DƯỢC PHẨM PHƯƠNG NGHI",{"v":23000,"d":"23,000"},{"v":1000,"d":"1,000"},{"v":23000000,"d":"23,000,000"}]
["CỘNG KHOẢN",null,null,{"v":3,"d":"3.00"},{"$nulls":12},{"$f":"SUM(R364:R366)","v":{"v":2562000000,"d":"2,562,000,000 "}}]
["CÔNG TY TNHH DƯỢC PHẨM QUANG DƯƠNG "]
[1,307,5,"Phospholipid đậu nành ","Esserose 450",null,"VN-22016-19","450mg","Viên nang mềm","Hộp 5 vỉ x 10 viên","Uống","Viên","Minskintercaps U.V","Belarus","CÔNG TY TNHH DƯỢC PHẨM QUANG DƯƠNG ",{"v":5500,"d":"5,500"},{"v":30000,"d":"30,000"},{"v":165000000,"d":"165,000,000"}]
["CỘNG KHOẢN",null,null,{"v":1,"d":"1.00"},{"$nulls":12},{"$f":"R369","v":{"v":165000000,"d":"165,000,000 "}}]
["CÔNG TY TNHH DƯỢC PHẨM SHINPOONG DAEWOO"]
[1,237,4,"Nhôm oxid (dưới dạng Nhôm hydroxid gel); Magnesi hydroxid (dưới dạng Magnesi hydroxid 30% past) ; Simethicon (dưới dạng Simethicon 30% emulsion)","Grangel",null,"VD-18846-13 ","0,3922g + 0,6g + 0.06g","Hỗn dịch uống","Hộp 20 gói 10ml","Uống","Gói","Công ty TNHH DP  Shinpoong Daewoo","Việt Nam","CÔNG TY TNHH DƯỢC PHẨM SHINPOONG DAEWOO",{"v":2695,"d":"2,695"},{"v":25000,"d":"25,000"},{"$f":"P372*Q372","v":{"v":67375000,"d":"67,375,000"}}]
[2,317,4,"Praziquantel","Distocide",null,"VD-23933-15","600mg","Viên nén bao phim","Hộp 1 vỉ x 4 viên","Uống","Viên","Công ty TNHH DP Shinpoong Daewoo","Việt Nam","CÔNG TY TNHH DƯỢC PHẨM SHINPOONG DAEWOO",{"v":8400,"d":"8,400"},500,{"v":4200000,"d":"4,200,000"}]
["CỘNG KHOẢN",null,null,{"v":2,"d":"2.00"},{"$nulls":12},{"$f":"SUM(R372:R373)","v":{"v":71575000,"d":"71,575,000 "}}]
["CÔNG TY TNHH DƯỢC PHẨM SONG KHANH "]
[1,88,4,"Cefprozil (dưới dạng Ceprozil monohydrat)","Cefdiri 250",null,"VD-32368-19","250mg","Viên nén bao phim","Hộp 1 vỉ x 10 viên","Uống","Viên","Công ty cổ phần dược phẩm Me Di Sun","Việt Nam","CÔNG TY TNHH DƯỢC PHẨM SONG KHANH ",{"v":16200,"d":"16,200"},{"v":4000,"d":"4,000"},{"v":64800000,"d":"64,800,000"}]
["CỘNG KHOẢN",null,null,{"v":1,"d":"1.00"},{"$nulls":12},{"$f":"R376","v":{"v":64800000,"d":"64,800,000 "}}]
["CÔNG TY TNHH DƯỢC PHẨM THÁI TÚ"]
[1,226,4,"Linagliptin","LINLIPTIN 5mg",null,"VD-34415-20","5mg","Viên nén bao phim","Hộp 3 vỉ x 10 viên","Uống","Viên","Công ty liên doanh Meyer-BPC","Việt Nam","CÔNG TY TNHH DƯỢC PHẨM THÁI TÚ",{"v":8800,"d":"8,800"},300,{"v":2640000,"d":"2,640,000"}]
["CỘNG KHOẢN",null,null,{"v":1,"d":"1.00"},{"$nulls":12},{"$f":"R379","v":{"v":2640000,"d":"2,640,000 "}}]
["CÔNG TY TNHH DƯỢC PHẨM TPVN"]
[1,73,4,"Cefdinir","Dentimex 125mg/5ml",null,"VD-32894-19","125mg/5ml","Bột pha hỗn dịch uống","Hộp 1 lọ bột pha 30 ml hỗn dịch uống","Uống","Lọ","Công ty cổ phần dược phẩm Trung ương 2","Việt Nam","CÔNG TY TNHH DƯỢC PHẨM TPVN",{"v":80900,"d":"80,900"},600,{"v":48540000,"d":"48,540,000"}]
["CỘNG KHOẢN",null,null,{"v":1,"d":"1.00"},{"$nulls":12},{"$f":"R382","v":{"v":48540000,"d":"48,540,000 "}}]
["CÔNG TY TNHH DƯỢC PHẨM TUỆ HẢI "]
[1,275,1,"Natri Bicarbonate","4.2% w/v Sodium Bicarbonate",null,"VN-18586-15","4,2%","Dung dịch tiêm truyền tĩnh mạch","Hộp 10 chai 250ml","Tiêm truyền","Chai","B. Braun Melsungen AG","Đức","CÔNG TY TNHH DƯỢC PHẨM TUỆ HẢI ",{"v":95000,"d":"95,000"},600,{"v":57000000,"d":"57,000,000"}]
["CỘNG KHOẢN",null,null,{"v":1,"d":"1.00"},{"$nulls":12},{"$f":"R385","v":{"v":57000000,"d":"57,000,000 "}}]
["CÔNG TY TNHH DƯỢC PHẨM VÀ MỸ PHẨM MỸ TRUNG "]
[1,221,4,"Levofloxacin (dưới dạng Levofloxacin hemihydrat)","Lefvox-750",null,"VD-31088-18","750mg","Viên nén bao phim","Hộp 3 vỉ x 10 viên","Uống","Viên","Công ty Cổ phần Dược phẩm Đạt Vi Phú","Việt Nam","CÔNG TY TNHH DƯỢC PHẨM VÀ MỸ PHẨM MỸ TRUNG ",{"v":5990,"d":"5,990"},{"v":7000,"d":"7,000"},{"v":41930000,"d":"41,930,000"}]
["CỘNG KHOẢN",null,null,{"v":1,"d":"1.00"},{"$nulls":12},{"$f":"R388","v":{"v":41930000,"d":"41,930,000 "}}]
["CÔNG TY TNHH DƯỢC PHẨM VÀ TRANG THIẾT BỊ Y TẾ CT PHARMA"]
[1,236,4,"Nhôm hydroxyd (dưới dạng gel Nhôm hydroxyd khô); Magnesi hydroxyd (dưới dạng gel Magnesi hydroxyd 30%); Simethicon (dưới dạng nhũ tương Simethicon 30%)","Tritenols fort",null,"VD-26891-17","800mg + 800mg + 100mg","Hỗn dịch uống","Hộp 30 gói 10ml","Uống","Gói","Công ty cổ phần Dược phẩm Me Di Sun","Việt Nam","CÔNG TY TNHH DƯỢC PHẨM VÀ TRANG THIẾT BỊ Y TẾ CT PHARMA",{"v":4095,"d":"4,095"},{"v":25000,"d":"25,000"},{"v":102375000,"d":"102,375,000"}]
["CỘNG KHOẢN",null,null,{"v":1,"d":"1.00"},{"$nulls":12},{"$f":"R391","v":{"v":102375000,"d":"102,375,000 "}}]
["CÔNG TY TNHH DƯỢC PHẨM VÀ TRANG THIẾT BỊ Y TẾ HOÀNG ĐỨC "]
[1,101,1,"Celecoxib","Cofidec 200mg",null,"VN-16821-13","200mg","Viên nang cứng","Hộp 2 vỉ x 10 viên","Uống","Viên","Lek Pharmaceuticals d.d,","Slovenia","CÔNG TY TNHH DƯỢC PHẨM VÀ TRANG THIẾT BỊ Y TẾ HOÀNG ĐỨC ",{"v":10500,"d":"10,500"},{"v":1000,"d":"1,000"},{"v":10500000,"d":"10,500,000"}]
[2,158,1,"Fenofibrate","Fenosup Lidose",null,"VN-17451-13","160mg","Viên nang cứng dạng Lidose","Hộp 3 vỉ x 10 viên","Uống","Viên","SMB Technology S.A","Bỉ","CÔNG TY TNHH DƯỢC PHẨM VÀ TRANG THIẾT BỊ Y TẾ HOÀNG ĐỨC ",{"v":5267,"d":"5,267"},800,{"v":4213600,"d":"4,213,600"}]
[3,199,1,"Iodine (dưới dạng Iobitridol 65,81g/100ml)","Xenetix 300",null,"VN-16787-13","30g/100ml","Dung dịch tiêm","Hộp 10 lọ 100ml","Tiêm ","Lọ","Guerbet","Pháp","CÔNG TY TNHH DƯỢC PHẨM VÀ TRANG THIẾT BỊ Y TẾ HOÀNG ĐỨC ",{"v":485000,"d":"485,000"},{"v":2000,"d":"2,000"},{"v":970000000,"d":"970,000,000"}]
[4,382,1,"Ursodiol ","PMS-Ursodiol C 250mg",null,"VN-18052-14","250mg","Viên nén","Chai 100 viên, Chai 30 viên","Uống","Viên","Pharmascience Inc.","Canada","CÔNG TY TNHH DƯỢC PHẨM VÀ TRANG THIẾT BỊ Y TẾ HOÀNG ĐỨC ",{"v":12785,"d":"12,785"},{"v":15000,"d":"15,000"},{"v":191775000,"d":"191,775,000"}]
[5,110,4,"Clonidin hydroclorid","Tepirace",null,"VD-30352-18","0,15mg","Viên nén","Hộp 3 vỉ x 10 viên; hộp 10 vỉ x 10 viên","Uống","Viên","Công ty cổ phần dược phẩm Đạt Vi Phú","Việt Nam","CÔNG TY TNHH DƯỢC PHẨM VÀ TRANG THIẾT BỊ Y TẾ HOÀNG ĐỨC ",{"v":2000,"d":"2,000"},200,{"v":400000,"d":"400,000"}]
[6,326,4,"Rabeprazol natri","Martaz",null,"VD-26500-17","20mg","Viên nén bao phim tan trong ruột","Hộp 10 vỉ x 10 viên","Uống ","Viên ","Công ty cổ phần dược phẩm Đạt Vi Phú","Việt Nam","CÔNG TY TNHH DƯỢC PHẨM VÀ TRANG THIẾT BỊ Y TẾ HOÀNG ĐỨC ",569,{"v":15000,"d":"15,000"},{"v":8535000,"d":"8,535,000"}]
[7,355,4,"Spironolacton + Furosemid","Franilax",null,"VD-28458-17","50mg + 20mg","Viên nén bao phim","Hộp 3 vỉ x 10 viên; hộp 6 vỉ x 10 viên; hộp 10 vỉ x 10 viên","Uống","Viên","Công ty cổ phần dược phẩm Đạt Vi Phú","Việt Nam","CÔNG TY TNHH DƯỢC PHẨM VÀ TRANG THIẾT BỊ Y TẾ HOÀNG ĐỨC ",{"v":1050,"d":"1,050"},{"v":25000,"d":"25,000"},{"v":26250000,"d":"26,250,000"}]
["CỘNG KHOẢN",null,null,{"v":7,"d":"7.00"},{"$nulls":12},{"$f":"SUM(R394:R400)","v":{"v":1211673600,"d":"1,211,673,600 "}}]
["CÔNG TY TNHH DƯỢC PHẨM VÀ TRANG THIẾT BỊ Y TẾ THÀNH LONG "]
[1,67,4,"Cao cardus marianus, Thiamin nitrat, Pyridoxin HCl, Riboflavin, Nicotinamid, Calcium pantothenat ","SEOUL CIGENOL","SEOULCIGENOL ","VD-15608-11","200mg, 8mg, 8mg, 8mg, 24mg, 16mg","Viên nang mềm","Hộp 12 vỉ x 5 viên","Uống","Viên","Công ty TNHH Phil Inter Pharma","Việt Nam","CÔNG TY TNHH DƯỢC PHẨM VÀ TRANG THIẾT BỊ Y TẾ THÀNH LONG ",{"v":2750,"d":"2,750"},{"v":20000,"d":"20,000"},{"v":55000000,"d":"55,000,000"}]
["CỘNG KHOẢN",null,null,{"v":1,"d":"1.00"},{"$nulls":12},{"$f":"R403","v":{"v":55000000,"d":"55,000,000 "}}]
["CÔNG TY TNHH DƯỢC PHẨM VẠN CƯỜNG PHÁT"]
[1,7,1,"Aciclovir","Demosol",null,"VN-20731-17","400mg","Viên nén","Hộp 5 vỉ x 5 viên","Uống","Viên","Farmalabor Produtos Farmacêuticos, S.A (Fab.)","Portugal","CÔNG TY TNHH DƯỢC PHẨM VẠN CƯỜNG PHÁT",{"v":8500,"d":"8,500"},500,{"v":4250000,"d":"4,250,000"}]
[2,30,2,"Amoxicilin (dưới dạng Amoxicilin trihydrat powder) + Acid clavulanic (dưới dạng Kali clavulanat - syloid (1:1)","Imefed 250mg/31,25mg",null,"VD-31714-19","250mg + 31,25mg","Thuốc bột pha hỗn dịch uống","Hộp 1 túi x 12 gói 1g","Uống","Gói","Chi nhánh công ty cổ phần dược phẩm Imexpharm Nhà máy kháng sinh công nghệ cao Vĩnh Lộc","Việt Nam","CÔNG TY TNHH DƯỢC PHẨM VẠN CƯỜNG PHÁT",{"v":7500,"d":"7,500"},{"v":5000,"d":"5,000"},{"v":37500000,"d":"37,500,000"}]
[3,84,2,"Cefpodoxim (dưới dạng Cefpodoxim proxetil)","Imedoxim 200",null,"VD-27891-17","200mg","Viên nén bao phim","Hộp 3 vỉ x 10 viên","Uống","Viên","Chi nhánh 3 - Công ty cổ phần dược phẩm Imexpharm tại Bình Dương","Việt Nam","CÔNG TY TNHH DƯỢC PHẨM VẠN CƯỜNG PHÁT",{"v":8300,"d":"8,300"},{"v":3000,"d":"3,000"},{"v":24900000,"d":"24,900,000"}]
[4,108,2,"Ciprofloxacin","Ciprobid",null,"VN-20938-18","400mg/200ml","Dung dịch truyền tĩnh mạch","Hộp 10 túi nhôm x 1 túi truyền PVC x 200ml","Truyền tĩnh mạch","Túi","S.C. Infomed Fluids S.R.L","Romania","CÔNG TY TNHH DƯỢC PHẨM VẠN CƯỜNG PHÁT",{"v":92800,"d":"92,800"},150,{"v":13920000,"d":"13,920,000"}]
[5,21,4,"Alpha lipoic acid","Ubiheal 100",null,"VD-30447-18","100mg","Viên nang mềm","Hộp 5 vỉ x 6 viên","Uống","Viên","Công ty cổ phần dược phẩm Nam Hà","Việt Nam","CÔNG TY TNHH DƯỢC PHẨM VẠN CƯỜNG PHÁT",{"v":4400,"d":"4,400"},{"v":30000,"d":"30,000"},{"v":132000000,"d":"132,000,000"}]
[6,74,4,"Cefdinir","Obanir 250",null,"VD-30070-18","250mg","Bột pha hỗn dịch uống","Hộp 20 gói x 3g","Uống","Gói","Chi nhánh công ty cổ phần Armephaco- Xí nghiệp dược phẩm 150","Việt Nam","CÔNG TY TNHH DƯỢC PHẨM VẠN CƯỜNG PHÁT",{"v":9450,"d":"9,450"},{"v":1000,"d":"1,000"},{"v":9450000,"d":"9,450,000"}]
[7,342,4,"Silymarin ","Silymarin VCP",null,"VD-31241-18","140mg","Viên nang cứng","Hộp 10 vỉ x 10 viên","Uống","Viên","Công ty Cổ phần Dược phẩm VCP","Việt Nam","CÔNG TY TNHH DƯỢC PHẨM VẠN CƯỜNG PHÁT",825,{"v":1500000,"d":"1,500,000"},{"v":1237500000,"d":"1,237,500,000"}]
["CỘNG KHOẢN",null,null,{"v":7,"d":"7.00"},{"$nulls":12},{"$f":"SUM(R406:R412)","v":{"v":1459520000,"d":"1,459,520,000 "}}]
["CÔNG TY TNHH DƯỢC PHẨM VIỆT ĐỨC "]
[1,175,3,"Gabapentin","GabaHasan 300",null,"VD-22004-14","300mg","Viên nang cứng","Hộp 3 vỉ, 10 vỉ x 10 viên","Uống","Viên","Công ty TNHH Hasan - Dermapharm","Việt Nam","CÔNG TY TNHH DƯỢC PHẨM VIỆT ĐỨC ",{"v":2919,"d":"2,919"},{"v":2500,"d":"2,500"},{"v":7297500,"d":"7,297,500"}]
[2,63,4,"Calci carbonat + Vitamin D3","Caldihasan",null,"VD-20539-14","1.250mg + 125UI","Viên nén","Hộp 3 vỉ x 10 viên","Uống","Viên","Công ty TNHH Hasan - Dermapharm","Việt Nam","CÔNG TY TNHH DƯỢC PHẨM VIỆT ĐỨC ",840,{"v":10000,"d":"10,000"},{"v":8400000,"d":"8,400,000"}]
["CỘNG KHOẢN",null,null,{"v":2,"d":"2.00"},{"$nulls":12},{"$f":"SUM(R415:R416)","v":{"v":15697500,"d":"15,697,500 "}}]
["CÔNG TY TNHH DƯỢC TÂM ĐAN "]
[1,16,1,"Adenosin","Adenorythm",null,"VN-22115-19","6mg/2ml","Dung dịch tiêm","Hộp 6 lọ x 2ml","Tiêm","Lọ","Vianex S.A.- Plant A'","Greece","CÔNG TY TNHH DƯỢC TÂM ĐAN ",{"v":850000,"d":"850,000"},30,{"v":25500000,"d":"25,500,000"}]
["CỘNG KHOẢN",null,null,{"v":1,"d":"1.00"},{"$nulls":12},{"$f":"R419","v":{"v":25500000,"d":"25,500,000 "}}]
["CÔNG TY TNHH HỒNG PHÚC BẢO"]
[1,85,3,"Cefpodoxim (dưới dạng Cefpodoxim proxetil)","Ceforipin 200",null,"VD-20481-14","200mg","Viên nén bao phim","Hộp 3 vỉ x 10 viên","Uống","Viên","Công ty cổ phần dược phẩm TV.Pharm","Việt Nam","CÔNG TY TNHH HỒNG PHÚC BẢO",{"v":12000,"d":"12,000"},{"v":6000,"d":"6,000"},{"v":72000000,"d":"72,000,000"}]
[2,70,4,"Carbocistein","Rocamux",null,"VD-18836-13","250mg","Viên nang cứng","Hộp 10 vỉ x 10 viên","Uống","Viên","Công ty Roussel Việt Nam","Việt Nam","CÔNG TY TNHH HỒNG PHÚC BẢO",990,500,{"v":495000,"d":"495,000"}]
["CỘNG KHOẢN",null,null,{"v":2,"d":"2.00"},{"$nulls":12},{"$f":"SUM(R422:R423)","v":{"v":72495000,"d":"72,495,000 "}}]
["CÔNG TY TNHH MỘT THÀNH VIÊN DƯỢC PHẨM THÁI DƯƠNG "]
[1,243,5,"Metadoxine","Metadroxyl",null,"VN-15993-12","500mg","Viên nén bao phim","Hộp 5 vỉ x 6 viên","Uống","Viên","Micro Labs Limited","Ấn Độ","CÔNG TY TNHH MỘT THÀNH VIÊN DƯỢC PHẨM THÁI DƯƠNG ",{"v":5890,"d":"5,890"},{"v":30000,"d":"30,000"},{"v":176700000,"d":"176,700,000"}]
["CỘNG KHOẢN",null,null,{"v":1,"d":"1.00"},{"$nulls":12},{"$f":"R426","v":{"v":176700000,"d":"176,700,000 "}}]
["CÔNG TY TNHH MỘT THÀNH VIÊN DƯỢC SÀI GÒN"]
[1,160,1,"Fentanil (dưới dạng fentanil citrate)","FENTANYL - HAMELN 50MCG/ML",null,"VN-17326-13","50mcg/ml","Dung dịch tiêm","Hộp 10 ống x 2 ml","Tiêm","Ống","Siegfried Hameln GmbH","Đức","CÔNG TY TNHH MỘT THÀNH VIÊN DƯỢC SÀI GÒN",{"v":12600,"d":"12,600"},{"v":5000,"d":"5,000"},{"v":63000000,"d":"63,000,000"}]
[2,252,1,"Midazolam (dưới dạng Midazolam HCl)","MIDAZOLAM - HAMELN 5MG/ML",null,"VN-16993-13","5mg/ml","Dung dịch tiêm","Hộp 10 ống x 1 ml","Tiêm","Ống","Siegfried Hameln GmbH","Đức","CÔNG TY TNHH MỘT THÀNH VIÊN DƯỢC SÀI GÒN",{"v":18900,"d":"18,900"},{"v":45000,"d":"45,000"},{"v":850500000,"d":"850,500,000"}]
[3,137,4,"Dimenhydrinat","BESTRIP",null,"VD-16871-12","50mg","Viên nén bao phim","Hộp 3 Vỉ x 10 Viên","Uống","Viên","Công ty CP Dược phẩm Dược liệu Pharmedic","Việt Nam","CÔNG TY TNHH MỘT THÀNH VIÊN DƯỢC SÀI GÒN",343,300,{"v":102900,"d":"102,900"}]
[4,205,4,"Kali clorid","KALI CLORID",null,"VD-33359-19","500mg","Viên nén","Hộp 10 vỉ x 10 viên","Uống","Viên","Công ty cổ phần dược phẩm 2/9 TP HCM","Việt Nam","CÔNG TY TNHH MỘT THÀNH VIÊN DƯỢC SÀI GÒN",745,{"v":75000,"d":"75,000"},{"v":55875000,"d":"55,875,000"}]
[5,398,4,"Vitamin B1 (Thiamin mononitrat); Vitamin B6 (Pyridoxin hydroclorid); Vitamin B12 (Cyanocobalamin)","3B-MEDI TAB",null,"VD-26870-17","100mg + 200mg + 200mcg","Viên nén bao phim","Hộp 10 vỉ x 10 viên","Uống","Viên","Công ty cổ phần dược phẩm Medisun","Việt Nam","CÔNG TY TNHH MỘT THÀNH VIÊN DƯỢC SÀI GÒN",700,{"v":30000,"d":"30,000"},{"v":21000000,"d":"21,000,000"}]
["CỘNG KHOẢN",null,null,{"v":5,"d":"5.00"},{"$nulls":12},{"$f":"SUM(R429:R433)","v":{"v":990477900,"d":"990,477,900 "}}]
["CÔNG TY TNHH MỘT THÀNH VIÊN VIMEDIMEX BÌNH DƯƠNG"]
[1,2,1,"Acetylleucine","Tanganil 500mg",null,"VN-22534-20","500mg","Viên nén","Hộp 3 vỉ x 10 viên ","Uống","Viên","Pierre Fabre Medicament Production","Pháp","CÔNG TY TNHH MỘT THÀNH VIÊN VIMEDIMEX BÌNH DƯƠNG",{"v":4612,"d":"4,612"},{"v":3000,"d":"3,000"},{"v":13836000,"d":"13,836,000"}]
[2,12,1,"Acid amin","Morihepamin Infusion 500ml","Morihepamin","VN-17215-13","7,58%","Dung dịch truyền tĩnh mạch","Túi 500ml","Truyền tĩnh mạch","Túi","Ay Pharmaceuticals Co., Ltd","Nhật Bản","CÔNG TY TNHH MỘT THÀNH VIÊN VIMEDIMEX BÌNH DƯƠNG",{"v":186736,"d":"186,736"},{"v":1000,"d":"1,000"},{"v":186736000,"d":"186,736,000"}]
[3,13,1,"Dung dịch amino acid + Dung dịch glucose + Nhũ dịch lipid","Oliclinomel N4-550E 1000ml","OliClinomel N4-550 E","VN-18815-15","5,5% + 20% + 10%","Nhũ dịch truyền tĩnh mạch","Túi 3 ngăn chứa dung dịch lipid, aminoacid, glucose: túi 1000ml (200+400+400)","Tiêm truyền","Túi","Baxter S.A","Bỉ","CÔNG TY TNHH MỘT THÀNH VIÊN VIMEDIMEX BÌNH DƯƠNG",{"v":696499,"d":"696,499"},500,{"v":348249500,"d":"348,249,500"}]
[4,23,1,"Alteplase ","Actilyse",null,"QLSP-948-16","50mg","Bột đông khô và dung môi pha tiêm truyền","Hộp gồm 1 lọ bột đông khô + 1 lọ nước cất pha tiêm","Tiêm truyền","Lọ","Boehringer Ingelheim Pharma GmbH & Co. KG","Đức","CÔNG TY TNHH MỘT THÀNH VIÊN VIMEDIMEX BÌNH DƯƠNG",{"v":10323588,"d":"10,323,588"},10,{"v":103235880,"d":"103,235,880"}]
[5,28,1,"Amiodarone hydrochloride","Cordarone 150mg/3ml",null,"VN-20734-17","150mg/3ml","Dung dịch tiêm","Hộp 6 ống x 3ml","Tiêm tĩnh mạch","Ống","Sanofi Winthrop Industrie","Pháp","CÔNG TY TNHH MỘT THÀNH VIÊN VIMEDIMEX BÌNH DƯƠNG",{"v":30048,"d":"30,048"},500,{"v":15024000,"d":"15,024,000"}]
[6,51,1,"Betahistine dihydrochloride","Betaserc 16mg",null,"VN-17206-13","16mg","Viên nén","Hộp 3 vỉ x 20 viên","Uống","Viên","Mylan Laboratories SAS","Pháp","CÔNG TY TNHH MỘT THÀNH VIÊN VIMEDIMEX BÌNH DƯƠNG",{"v":1986,"d":"1,986"},{"v":6000,"d":"6,000"},{"v":11916000,"d":"11,916,000"}]
[7,53,1,"Betahistin dihydrochlorid","Betaserc 24mg",null,"VN-21651-19","24mg","Viên nén","Hộp 5 vỉ x 10 viên","Uống","Viên","Mylan Laboratories SAS","Pháp","CÔNG TY TNHH MỘT THÀNH VIÊN VIMEDIMEX BÌNH DƯƠNG",{"v":5962,"d":"5,962"},500,{"v":2981000,"d":"2,981,000"}]
[8,57,1,"Bisoprolol fumarate","Bisoprolol Fumarate 2.5mg",null,"VN-18126-14","2,5mg","Viên nén","Hộp 2 vỉ x 14 viên","Uống","Viên","Niche Generics Limited","Ireland","CÔNG TY TNHH MỘT THÀNH VIÊN VIMEDIMEX BÌNH DƯƠNG",{"v":1099,"d":"1,099"},500,{"v":549500,"d":"549,500"}]
[9,62,1,"Budesonide","Budesonide Teva 0,5mg/2ml",null,"VN-15282-12","0,5mg/2ml","Hỗn dịch khí dung","Hộp 30 ống 2ml","Hô hấp","Ống","Norton Healthcare Limited T/A Ivax Pharmaceuticals UK","Anh","CÔNG TY TNHH MỘT THÀNH VIÊN VIMEDIMEX BÌNH DƯƠNG",{"v":12534,"d":"12,534"},{"v":20000,"d":"20,000"},{"v":250680000,"d":"250,680,000"}]
[10,65,1,"Magnesium gluconat + Calcium glycerophosphat","Fatig",null,"VN-20359-17","0,426g + 0,456g","Dung dịch uống","Hộp 2 vỉ x 10 ống","Uống","Ống","Pharmatis","Pháp","CÔNG TY TNHH MỘT THÀNH VIÊN VIMEDIMEX BÌNH DƯƠNG",{"v":5318,"d":"5,318"},{"v":20000,"d":"20,000"},{"v":106360000,"d":"106,360,000"}]
[11,133,1,"Diclofenac kali","Cataflam 50",null,"VN-18617-15","50mg","Viên nén bao đường","Hộp 1 vỉ x 10 viên","Uống","Viên","Novartis Saglik Gida ve Tarim Urunleri San. Ve Tic.A.S","Thổ Nhĩ Kỳ","CÔNG TY TNHH MỘT THÀNH VIÊN VIMEDIMEX BÌNH DƯƠNG",{"v":4673,"d":"4,673"},{"v":1000,"d":"1,000"},{"v":4673000,"d":"4,673,000"}]
[12,197,1,"Insulin Human","Actrapid",null,"QLSP-1029-17","1000IU/10ml","Dung dịch tiêm","Hộp chứa 1 lọ x 10ml","Tiêm","Lọ","Novo Nordisk Production S.A.S","Pháp","CÔNG TY TNHH MỘT THÀNH VIÊN VIMEDIMEX BÌNH DƯƠNG",{"v":72000,"d":"72,000"},100,{"v":7200000,"d":"7,200,000"}]
[13,198,1,"Insulin Human (rDNA) (isophane insulin crystals) + Insulin Human (rDNA) (soluble fraction)","Mixtard 30",null,"QLSP-1055-17","(700IU+300IU)/10ml","Hỗn dịch tiêm","Hộp 1 lọ x 10ml","Tiêm","Lọ","Novo Nordisk Production S.A.S","Pháp","CÔNG TY TNHH MỘT THÀNH VIÊN VIMEDIMEX BÌNH DƯƠNG",{"v":72000,"d":"72,000"},400,{"v":28800000,"d":"28,800,000"}]
[14,212,1,"Lactulose (dưới dạng Lactulose concentrate)","Duphalac 15ml","Duphalac","VN-20896-18","10g/15ml","Dung dịch uống","Hộp 20 gói x 15ml","Uống","Gói","Abbott Biologicals B.V","Hà Lan","CÔNG TY TNHH MỘT THÀNH VIÊN VIMEDIMEX BÌNH DƯƠNG",{"v":2728,"d":"2,728"},{"v":50000,"d":"50,000"},{"v":136400000,"d":"136,400,000"}]
[15,230,1,"L-Isoleucine + L-Leucine + L-Valin","Livact Granules",null,"VN2-336-15","952mg + 1904mg + 1144mg","Cốm pha dung dịch uống","Hộp 84 gói x 4,15g","Uống","Gói","Ajinomoto Co., Inc. Tokai Plant","Nhật Bản","CÔNG TY TNHH MỘT THÀNH VIÊN VIMEDIMEX BÌNH DƯƠNG",{"v":39000,"d":"39,000"},{"v":7000,"d":"7,000"},{"v":273000000,"d":"273,000,000"}]
[16,279,1,"Nicardipin hydrochlorid","Nicardipine Aguettant 10mg/10ml",null,"VN-19999-16","10mg/10ml","Dung dịch tiêm truyền tĩnh mạch","Hộp 10 ống x 10ml","Tiêm truyền","Ống","Laboratoire Aguettant","Pháp","CÔNG TY TNHH MỘT THÀNH VIÊN VIMEDIMEX BÌNH DƯƠNG",{"v":124999,"d":"124,999"},{"v":1000,"d":"1,000"},{"v":124999000,"d":"124,999,000"}]
[17,280,1,"Noradrenalin (dưới dạng Noradrenalin tartrat)","Noradrenaline Base Aguettant 1mg/ml",null,"VN-20000-16","4mg/4ml","Dung dịch đậm đặc để tiêm hoặc tiêm truyền tĩnh mạch","Hộp 2 vỉ x 5 ống x 4ml","Tiêm","Ống","Laboratoire Aguettant","Pháp","CÔNG TY TNHH MỘT THÀNH VIÊN VIMEDIMEX BÌNH DƯƠNG",{"v":45000,"d":"45,000"},{"v":13000,"d":"13,000"},{"v":585000000,"d":"585,000,000"}]
[18,289,1,"Pancreatin","Creon® 25000",null,"QLSP-0700-13","300mg","Viên nang cứng","Hộp 2 vỉ (nhôm - nhôm) x 10 viên","Uống","Viên","Abbott Laboratories GmbH","Đức","CÔNG TY TNHH MỘT THÀNH VIÊN VIMEDIMEX BÌNH DƯƠNG",{"v":13703,"d":"13,703"},{"v":75000,"d":"75,000"},{"v":1027725000,"d":"1,027,725,000"}]
[19,297,1,"Paracetamol ","Efferalgan 80mg Suppo","Efferalgan","VN-20952-18","80mg","Viên đạn","Hộp 2 vỉ x 5 viên","Đặt hậu môn","Viên","UPSA SAS","Pháp","CÔNG TY TNHH MỘT THÀNH VIÊN VIMEDIMEX BÌNH DƯƠNG",{"v":1890,"d":"1,890"},{"v":3500,"d":"3,500"},{"v":6615000,"d":"6,615,000"}]
[20,306,1,"Phospholipid đậu nành","Essentiale Forte 300mg",null,"VN-22019-19","300mg","Viên nang cứng","Hộp 5 vỉ x 10 viên","Uống","Viên","A. Nattermann & Cie. GmbH.","Đức","CÔNG TY TNHH MỘT THÀNH VIÊN VIMEDIMEX BÌNH DƯƠNG",{"v":2817,"d":"2,817"},{"v":40000,"d":"40,000"},{"v":112680000,"d":"112,680,000"}]
[21,328,1,"Racecadotril","Hidrasec 30mg Children",null,"VN-21165-18","30mg","Bột uống","Hộp 30 gói","Uống","Gói","Sophartex","Pháp","CÔNG TY TNHH MỘT THÀNH VIÊN VIMEDIMEX BÌNH DƯƠNG",{"v":5515,"d":"5,515"},{"v":8000,"d":"8,000"},{"v":44120000,"d":"44,120,000"}]
[22,335,1,"Saccharomyces boulardii","Bioflora 100mg",null,"VN-16392-13","100mg","Bột pha hỗn dịch uống","Hộp chứa 20 gói","Uống","Gói","Biocodex","Pháp","CÔNG TY TNHH MỘT THÀNH VIÊN VIMEDIMEX BÌNH DƯƠNG",{"v":5500,"d":"5,500"},{"v":5000,"d":"5,000"},{"v":27500000,"d":"27,500,000"}]
[23,371,1,"Terlipressin (dưới dạng terlipressin acetate)","Glypressin",null,"VN-19154-15","0,86mg","Bột đông khô để pha tiêm tĩnh mạch","Hộp 1 lọ bột đông khô và 1 ống dung môi 5ml","Tiêm tĩnh mạch","Lọ","Ferring GmbH","Đức","CÔNG TY TNHH MỘT THÀNH VIÊN VIMEDIMEX BÌNH DƯƠNG",{"v":744870,"d":"744,870"},50,{"v":37243500,"d":"37,243,500"}]
[24,387,1,"Natri Valproate","Depakine 200mg/ml",null,"VN-11313-10","200mg/ml","Dung dịch uống","Hộp 1 chai 40ml và 1 xylanh có vạch chia liều để lấy thuốc","Uống","Chai","Unither Liquid Manufacturing","Pháp","CÔNG TY TNHH MỘT THÀNH VIÊN VIMEDIMEX BÌNH DƯƠNG",{"v":80696,"d":"80,696"},200,{"v":16139200,"d":"16,139,200"}]
[25,392,1,"Hỗn hợp các vitamin (12 vitamin): Retinol (vitamin A) + Cholecalciferol (vitamin D3) + Alpha-tocopherol (vitamin E) + Acid Ascorbic (vitamin C) + Thiamine (vitamin B1) + Riboflavine (vitamin B2) + Pyridoxine (vitamin B6) + Cyanocobalamine (vitamin B12) + Folic acid (vitamin B9) + Pantothenic acid (vitamin B5) + Biotin (vitamin B7) + Nicotinamide (vitamin PP)","Cernevit",null,"VN-16135-13","3500 IU + 220 IU + 11,20 IU + 125mg + 3,51mg + 4,14mg + 4,53 mg + 0,006mg +0,414mg + 17,25mg + 0,069 mg+ 46mg ","Bột đông khô pha tiêm","Hộp 10 lọ","Tiêm","Lọ","Pierre Fabre Medicament Production (Cơ sở sản xuất), Baxter SA (Xuất xưởng)","Pháp (Xuất xưởng: Bỉ)","CÔNG TY TNHH MỘT THÀNH VIÊN VIMEDIMEX BÌNH DƯƠNG",{"v":131999,"d":"131,999"},300,{"v":39599700,"d":"39,599,700"}]
[26,167,4,"Fluconazol","Zolmed 150",null,"VD-20723-14","150mg","Viên nang cứng","Hộp 1 vỉ x 10 viên","Uống","Viên","Công ty TNHH Dược phẩm Glomed","Việt Nam","CÔNG TY TNHH MỘT THÀNH VIÊN VIMEDIMEX BÌNH DƯƠNG",{"v":1700,"d":"1,700"},{"v":15000,"d":"15,000"},{"v":25500000,"d":"25,500,000"}]
[27,267,4,"Natri clorid","NaCl 0,45%","Dịch truyền tĩnh mạch NaCl 0,45%","VD-32349-19","0,45%; 500ml","Dung dịch truyền tĩnh mạch","Thùng 10 chai 500ml","Truyền tĩnh mạch","Chai","Công ty TNHH B.Braun Việt Nam","Việt Nam","CÔNG TY TNHH MỘT THÀNH VIÊN VIMEDIMEX BÌNH DƯƠNG",{"v":12000,"d":"12,000"},{"v":1000,"d":"1,000"},{"v":12000000,"d":"12,000,000"}]
[28,271,4,"Natri clorid","Natri clorid 0.9% 1000ml","Dịch truyền tĩnh mạch Natri Clorid 0,9%","VD-32723-19","0,9%; 1000ml","Dung dịch truyền tĩnh mạch","Thùng 10 chai x 1000ml","Truyền tĩnh mạch","Chai","Công ty TNHH B.Braun Việt Nam","Việt Nam","CÔNG TY TNHH MỘT THÀNH VIÊN VIMEDIMEX BÌNH DƯƠNG",{"v":15453,"d":"15,453"},{"v":1000,"d":"1,000"},{"v":15453000,"d":"15,453,000"}]
["CỘNG KHOẢN",null,null,{"v":28,"d":"28.00"},{"$nulls":12},{"$f":"SUM(R436:R463)","v":{"v":3564215280,"d":"3,564,215,280 "}}]
["CÔNG TY TNHH MTV THƯƠNG MẠI DƯỢC PHẨM KHANG HUY"]
[1,102,1,"Cetirizin 2HCl ","Taparen",null,"VN-19811-16","10mg","Viên nén bao phim","Hộp 10 vỉ x 10 viên","Uống","Viên","Farmalabor-Produtos Farmacêuticos, S.A","Portugal","CÔNG TY TNHH MTV THƯƠNG MẠI DƯỢC PHẨM KHANG HUY",{"v":3850,"d":"3,850"},{"v":10000,"d":"10,000"},{"v":38500000,"d":"38,500,000"}]
["CỘNG KHOẢN",null,null,{"v":1,"d":"1.00"},{"$nulls":12},{"$f":"R466","v":{"v":38500000,"d":"38,500,000 "}}]
["CÔNG TY TNHH NACOPHARM MIỀN NAM "]
[1,405,2,"Vitamin E acetat","Incepavit 400 Capsule",null,"VN-17386-13 ","400mg","Viên nang cứng","Hộp 03 vỉ x 10 viên","Uống","Viên","Incepta Pharmaceuticals Ltd.","Bangladesh","CÔNG TY TNHH NACOPHARM MIỀN NAM ",{"v":1850,"d":"1,850"},{"v":35000,"d":"35,000"},{"v":64750000,"d":"64,750,000"}]
["CỘNG KHOẢN",null,null,{"v":1,"d":"1.00"},{"$nulls":12},{"$f":"R469","v":{"v":64750000,"d":"64,750,000 "}}]
["CÔNG TY TNHH RM HEALTHCARE"]
[1,369,5,"Tenofovir alafenamide (dưới dạng Tenofovir alafenamide fumarate)","PHARCAVIR",null,"VD3-29-19","25mg","Viên nén bao phim","Hộp 03 vỉ x 10 viên","Uống","Viên","Công ty Cổ phần Dược phẩm Trung ương I - Pharbaco","Việt Nam","CÔNG TY TNHH RM HEALTHCARE",{"v":20000,"d":"20,000"},{"v":10000,"d":"10,000"},{"$f":"P472*Q472","v":{"v":200000000,"d":"200,000,000"}}]
["CỘNG KHOẢN",null,null,{"v":1,"d":"1.00"},{"$nulls":12},{"$f":"R472","v":{"v":200000000,"d":"200,000,000 "}}]
["CÔNG TY TNHH THIẾT BỊ Y TẾ PHƯƠNG ĐÔNG "]
[1,132,1,"Dịch lọc máu liên tục","Prismasol B0",null,"VN-21678-19","Dung dịch sau khi pha Calcium 1,75 mmol/l, Magnesium 0,5 mmol/l, Sodium 140 mmol/l, Chloride 109,5 mmol/l, Lactate 3 mmol/l, Bicarbonate 32 mm/l","Dịch lọc máu và thẩm tách máu","Thùng 2 túi, mỗi túi gồm 2 khoang (khoang A 250ml và khoang B 4750ml), túi 5L","Dung dịch thẩm phân","Túi","Bieffe Medital S.p.A","Ý","CÔNG TY TNHH THIẾT BỊ Y TẾ PHƯƠNG ĐÔNG ",{"v":700000,"d":"700,000"},{"v":6000,"d":"6,000"},{"v":4200000000,"d":"4,200,000,000"}]
["CỘNG KHOẢN",null,null,{"v":1,"d":"1.00"},{"$nulls":12},{"$f":"R475","v":{"v":4200000000,"d":"4,200,000,000 "}}]
["CÔNG TY TNHH THƯƠNG MẠI DƯỢC PHẨM NAM KHANG"]
[1,193,4,"Ibuprofen","Fibyhe - 200",null,"VD-32563-19","200mg","Thuốc cốm sủi bọt","Hộp 12 gói","Uống","Gói","Công ty Cổ Phần Dược Vật Tư Y Tế Hà Nam","Việt Nam","CÔNG TY TNHH THƯƠNG MẠI DƯỢC PHẨM NAM KHANG",{"v":7000,"d":"7,000"},{"v":3500,"d":"3,500"},{"v":24500000,"d":"24,500,000"}]
[2,344,4,"Simethicon","Flabivi",null,"VD-27681-17","20mg/0,3ml","Hỗn dịch uống","Hộp 1 chai 15ml (chai thủy tinh màu nâu kèm ống đo thể tích) ","Uống","Chai","Công ty TNHH BRV Healthcare","Việt Nam","CÔNG TY TNHH THƯƠNG MẠI DƯỢC PHẨM NAM KHANG",{"v":18480,"d":"18,480"},{"v":3000,"d":"3,000"},{"v":55440000,"d":"55,440,000"}]
["CỘNG KHOẢN",null,null,{"v":2,"d":"2.00"},{"$nulls":12},{"$f":"SUM(R478:R479)","v":{"v":79940000,"d":"79,940,000 "}}]
["CÔNG TY TNHH THƯƠNG MẠI DƯỢC PHẨM THIÊN KIM"]
[1,81,1,"Cefoperazon (dưới dạng Cefoperazon natri) + Sulbactam (dưới dạng Sulbactam Natri)","Basultam",null,"VN-18017-14","1g + 1g","Bột pha tiêm bắp, tĩnh mạch","Hộp 01 lọ bột pha tiêm","Tiêm","Lọ","Medochemie Ltd. - Factory C","Cyprus","CÔNG TY TNHH THƯƠNG MẠI DƯỢC PHẨM THIÊN KIM",{"v":184900,"d":"184,900"},{"v":1500,"d":"1,500"},{"v":277350000,"d":"277,350,000"}]
["CỘNG KHOẢN",null,null,{"v":1,"d":"1.00"},{"$nulls":12},{"$f":"R482","v":{"v":277350000,"d":"277,350,000 "}}]
["CÔNG TY TNHH THƯƠNG MẠI THIỆN CHÍ"]
[1,346,5,"Sofosbuvir","Cgovir",null,"QLĐB-712-18","400mg","Viên nén bao phim","Hộp 4 vỉ x 7 viên","Uống","Viên","Công ty TNHH sinh dược phẩm Hera","Việt Nam","CÔNG TY TNHH THƯƠNG MẠI THIỆN CHÍ",{"v":159348,"d":"159,348"},{"v":2000,"d":"2,000"},{"v":318696000,"d":"318,696,000"}]
["CỘNG KHOẢN",null,null,{"v":1,"d":"1.00"},{"$nulls":12},{"$f":"R485","v":{"v":318696000,"d":"318,696,000 "}}]
["CÔNG TY TNHH TM DƯỢC PHẨM ÚC CHÂU"]
[1,25,4,"Ambroxol hydroclorid ","DEXCORIN",null,"VD-28407-17","30mg/5ml","Dung dịch uống","Hộp 30 gói","Uống","Gói","Công ty liên doanh dược phẩm Mebiphar - Austrapharm","Việt Nam","CÔNG TY TNHH TM DƯỢC PHẨM ÚC CHÂU",{"v":1680,"d":"1,680"},{"v":5000,"d":"5,000"},{"v":8400000,"d":"8,400,000"}]
[2,211,4,"Lactobacillus acidophilus","BACIVIT-H",null,"QLSP-834-15","10^9CFU","Thuốc bột uống","Hộp 100 gói x 1g","Uống","Gói","Công ty liên doanh dược phẩm Mebiphar - Austrapharm","Việt Nam","CÔNG TY TNHH TM DƯỢC PHẨM ÚC CHÂU",900,{"v":70000,"d":"70,000"},{"v":63000000,"d":"63,000,000"}]
[3,345,4,"Simethicon","AIRFLAT 80",null,"VD-27400-17","80mg","Viên nang mềm","Hộp 05 vỉ x 10 viên","Uống","Viên","Công ty liên doanh dược phẩm Mebiphar - Austrapharm","Việt Nam","CÔNG TY TNHH TM DƯỢC PHẨM ÚC CHÂU",840,500,{"v":420000,"d":"420,000"}]
["CỘNG KHOẢN",null,null,{"v":3,"d":"3.00"},{"$nulls":12},{"$f":"SUM(R488:R490)","v":{"v":71820000,"d":"71,820,000 "}}]
["CÔNG TY TNHH TM DV NGUYỄN GIA"]
[1,20,4,"Chymotrypsin ","Alphachymotrypsin - BVP 8400",null,"VD-20618-14","8400 IU","Viên nén","Hộp 100 viên","Uống","Viên","Công ty TNHH BRV Healthcare","Việt Nam","CÔNG TY TNHH TM DV NGUYỄN GIA",{"v":1900,"d":"1,900"},{"v":10000,"d":"10,000"},{"v":19000000,"d":"19,000,000"}]
[2,89,4,"Cefprozil","Cefprozil 500-US",null,"VD-27638-17","500mg","Viên nén bao phim ","Hộp 1 vỉ x 10 viên","Uống","Viên","Công ty Cổ phần US Pharma USA","Việt Nam","CÔNG TY TNHH TM DV NGUYỄN GIA",{"v":27950,"d":"27,950"},{"v":2500,"d":"2,500"},{"v":69875000,"d":"69,875,000"}]
["CỘNG KHOẢN",null,null,{"v":2,"d":"2.00"},{"$nulls":12},{"$f":"SUM(R493:R494)","v":{"v":88875000,"d":"88,875,000 "}}]
["CÔNG TY TNHH TM-ĐT-XNK H.P CÁT"]
[1,138,4,"Dioctahedral smectit","Smail",null,"VD-27687-17","3000 mg","Cốm pha hỗn dịch uống","Hộp 30 gói","Uống","Gói","Công ty TNHH BRV Healthcare","Việt Nam","CÔNG TY TNHH TM-ĐT-XNK H.P CÁT",{"v":1700,"d":"1,700"},{"v":5000,"d":"5,000"},{"v":8500000,"d":"8,500,000"}]
[2,6,5,"Aciclovir (dưới dạng Aciclovir natri)","Antopi 250",null,"VD-27091-17","250mg","Bột đông khô pha tiêm","Hộp 1 lọ + 1 ống nước cất pha tiêm 5ml","Tiêm","Lọ","Công ty Cổ Phần Dược Phẩm Trung Ương 1 - Pharbaco","Việt Nam","CÔNG TY TNHH TM-ĐT-XNK H.P CÁT",{"v":273000,"d":"273,000"},{"v":3500,"d":"3,500"},{"v":955500000,"d":"955,500,000"}]
["CỘNG KHOẢN",null,null,{"v":2,"d":"2.00"},{"$nulls":12},{"$f":"SUM(R497:R498)","v":{"v":964000000,"d":"964,000,000 "}}]
["CÔNG TY TNHH VẬT TƯ Y TẾ HOÀN VŨ"]
[1,143,2,"Domperidon","Pedomcad",null,"VN-19808-16","10mg","Viên nén","Hộp 10 vỉ x 10 viên","Uống","Viên","Cadila Pharmaceuticals Limited","India","CÔNG TY TNHH VẬT TƯ Y TẾ HOÀN VŨ",366,{"v":32000,"d":"32,000"},{"v":11712000,"d":"11,712,000"}]
["CỘNG KHOẢN",null,null,{"v":1,"d":"1.00"},{"$nulls":12},{"$f":"R501","v":{"v":11712000,"d":"11,712,000 "}}]
["CÔNG TY TRÁCH NHIỆM HỮU HẠN NHÂN SINH "]
[1,79,1,"Cefoperazon","Cefoperazone ABR 1g powder for solution for injection",null,"VN-21827-19","1g","Bột pha dung dịch tiêm","Hộp 5 lọ","Tiêm","Lọ","Balkanpharma - Razgrad AD","Bulgary","CÔNG TY TRÁCH NHIỆM HỮU HẠN NHÂN SINH ",{"v":55000,"d":"55,000"},300,{"v":16500000,"d":"16,500,000"}]
["CỘNG KHOẢN",null,null,{"v":1,"d":"1.00"},{"$nulls":12},{"$f":"R504","v":{"v":16500000,"d":"16,500,000 "}}]
["TỔNG CỘNG",null,null,{"$f":"D14+D26+D35+D46+D56+D59+D65+D74+D78+D81+D90+D93+D102+D108+D111+D115+D119+D122+D126+D149+D155+D165+D168+D171+D177+D193+D203+D211+D217+D221+D228+D255+D265+D277+D281+D285+D289+D293+D298+D302+D306+D316+D322+D325+D330+D337+D342+D354+D357+D362+D367+D370+D374+D377+D380+D383+D386+D389+D392+D401+D404+D413+D417+D420+D424+D427+D434+D464+D467+D470+D473+D476+D480+D483+D486+D491+D495+D499+D502+D505","v":{"v":336,"d":"336.00"}},{"$nulls":12},{"$f":"Q14+Q26+Q35+Q46+Q56+Q59+Q65+Q74+Q78+Q81+Q90+Q93+Q102+Q108+Q111+Q115+Q119+Q122+Q126+Q149+Q155+Q165+Q168+Q171+Q177+Q193+Q203+Q211+Q217+Q221+Q228+Q255+Q265+Q277+Q281+Q285+Q289+Q293+Q298+Q302+Q306+Q316+Q322+Q325+Q330+Q337+Q342+Q354+Q357+Q362+Q367+Q370+Q374+Q377+Q380+Q383+Q386+Q389+Q392+Q401+Q404+Q413+Q417+Q420+Q424+Q427+Q434+Q464+Q467+Q470+Q473+Q476+Q480+Q483+Q486+Q491+Q495+Q499+Q502+Q505","v":{"v":82273545080,"d":"82,273,545,080 "}}]
[]
["Tổng cộng: 336 mặt hàng, 80 công ty"]
["Tổng giá trị: 82.273.545.080đ (Tám mươi hai tỷ hai trăm bảy mươi ba triệu năm trăm bốn mươi lăm nghìn không trăm tám mươi đồng)"]
[]
[{"$nulls":12},"TP Hồ Chí Minh, ngày 29 tháng 12 năm 2020"]
[{"$nulls":12},"GIÁM ĐỐC"]
[]
[]
[]
[]
[{"$nulls":12},"TS.BS. NGUYỄN VĂN VĨNH CHÂU"]